{"text_format":"1","workbook":"xlsx","n_sheets":9,"sheets":["FV Tarif_T3","FV Tarif_AN","FV Tarif_BI","FV Tarif_CC","FV Tarif_DO","FV Tarif_EL","FV Tarif_FA","FV Tarif_GS","Données commerciales"],"not_rendered":{"charts":0,"images":4,"macros":1,"external_links":0,"defined_names":25,"comments":0,"pivot_tables":0},"unopened":[],"bounds":{"document_bytes":16777216,"sheet_cells":100000,"rows_first":2000,"rows_last":500,"rows_between":2000,"halvings":0,"cell_chars":16384,"cell_head_chars":4096},"cells_cut":0,"cells_raw":0,"read":"whole","date_system":"1900"}

{"sheet":"FV Tarif_T3","index":0,"n_rows":149,"n_cols":37,"rows_kept":149,"cut":false,"hidden":false,"merged":[]}
["CODE_BARRE","CODE","GENRE","ESPECE_VARIETE","ETAT","DIAM_POT","LITRAGE","PRESENTATION","PRESENTATION2","TAILLE","DIAM_TETE","HT_TOTAL","PARCELLE","IMAGE","CONDITION","CONDITION3","QTE_COND","VOTRE_CDE","VOTRE_CDE4","QTE_COND5","VOTRE_CDE6","VOTRE_CDE7","QTE_ROLL","VOTRE_CDE8","VOTRE_CDE9","VOTRE_CDE10","NB_PLT_CAM","METRAGE_CAM","QTE_PLT_CAM","COND_DEF","CODE_TRI","TRI","INITIAL_FOURN","MONT_CDE","PVTTC","METRAGE","NOTRE_SELECTION"]
["3834000072180",7218,"CHAMAEROPS","humilis",null,"25","10L",null,null,"50/60",null,null,null,null,"VRA","Vrac",1," "," ",1," "," ",1," "," "," ",148.148,13.5,1999.998,1,"A10405","AA405010","FV"," "," "," "]
["3834000072197",7219,"NOLINA","nelsonii",null,"25","10L",null,null,"50/60",null,null,null,null,"VRA","Vrac",1," "," ",1," "," ",1," "," "," ",148.148,13.5,1999.998,1,"A10405","AA405010","FV"," "," "," "]
["3834000056388",5638,"BOUGAINVILLEA","sanderiana","non dispo","25","10L",null,"boule","40/50",null,null,null,null,"VRA","Vrac",1," "," ",1," "," ",1," "," "," ",148.148,13.5,1999.998,1,"A10405","AA405010","FV"," "," "," "]
["3834000056395",5639,"BUTIA","capitata","non dispo","50","70L",null,null,"30/40T",null,null,null,null,"VRA","Vrac",1," "," ",1," "," ",1," "," "," ",8.1479999999999997,13.5,109.99799999999999,1,"PQA6520","PQAF203065","FV"," "," "," "]
["3834000056401",5640,"DASYLIRION","longissimum",null,"25","10L",null,null,"50/70",null,null,null,null,"VRA","Vrac",1," "," ",1," "," ",1," "," "," ",148.148,13.5,1999.998,1,"A10405","AA405010","FV"," "," "," ","Notre Sélection"]
["3834000056418",5641,"DASYLIRION","serratifolia",null,"25","10L",null,null,"50/70",null,null,null,null,"VRA","Vrac",1," "," ",1," "," ",1," "," "," ",148.148,13.5,1999.998,1,"A10405","AA405010","FV"," "," "," ","Notre Sélection"]
["3834000056425",5642,"DASYLIRION","serratifolia",null,"30","15L",null,null,"80/100",null,null,null,null,"VRA","Vrac",1," "," ",1," "," ",1," "," "," ",96.444000000000003,13.5,1301.9940000000001,1,"A15607","AA607015","FV"," "," "," "]
["3834000056432",5643,"DASYLIRION","wheeleri",null,"25","10L",null,null,"50/70",null,null,null,null,"VRA","Vrac",1," "," ",1," "," ",1," "," "," ",148.148,13.5,1999.998,1,"A10405","AA405010","FV"," "," "," ","Notre Sélection"]
["3834000072012",7201,"PISTACIA","lentiscus",null,"25","10L",null,"touffe","50/70",null,null,null,null,"VRA","Vrac",1," "," ",1," "," ",1," "," "," ",148.148,13.5,1999.998,1,"A10405","AA405010","FV"," "," "," "]
["3834000072203",7220,"DASYLIRION","longifolia",null,"25","10L",null,null,"40/50",null,null,null,null,"VRA","Vrac",1," "," ",1," "," ",1," "," "," ",148.148,13.5,1999.998,1,"A10405","AA405010","FV"," "," "," "]
["3834000056449",5644,"DASYLIRION","wheeleri","non dispo","30","15L",null,null,"80/100",null,null,null,null,"VRA","Vrac",1," "," ",1," "," ",1," "," "," ",96.444000000000003,13.5,1301.9940000000001,1,"A15607","AA607015","FV"," "," "," "]
["3834000057958",5795,"CITRUS","kumquat","en fruits","25","10L",null,"1/2 tige",null,null,null,null,null,"VRA","Vrac",1," "," ",1," "," ",1," "," "," ",148.148,13.5,1999.998,1,"A10405","AA405010","FV"," "," "," ","Notre Sélection"]
["3834000057965",5796,"CITRUS","limon Eureka","en fruits","35","25L",null,"1/2 tige",null,null,null,null,null,"VRA","Vrac",1," "," ",1," "," ",1," "," "," ",60,13.5,810,1,"A256070","AA607025","FV"," "," "," "]
["3834000057972",5797,"CITRUS","sinensis","en fruits","35","25L",null,"1/2 tige",null,null,null,null,null,"VRA","Vrac",1," "," ",1," "," ",1," "," "," ",60,13.5,810,1,"A256070","AA607025","FV"," "," "," "]
["3834000058399",5839,"OLEA","europaea","non dispo","30","25L","Cipressino","1/2 tige","10/12P",null,null,null,null,"VRA","Vrac",1," "," ",1," "," ",1," "," "," ",60,13.5,810,1,"DC25101A","DCCC101225","FV"," "," "," ","Notre Sélection"]
["3834000058788",5878,"CITRUS","sinensis Lane late","en fruits","30","15L",null,"1/2 tige",null,null,null,null,null,"VRA","Vrac",1," "," ",1," "," ",1," "," "," ",96.444000000000003,13.5,1301.9940000000001,1,"A1560752","AA607015A","FV"," "," "," ","Notre Sélection"]
["3834000058795",5879,"CITRUS","sinensis Taroco rosso","en fruits","30","15L",null,"1/2 tige",null,null,null,null,null,"VRA","Vrac",1," "," ",1," "," ",1," "," "," ",96.444000000000003,13.5,1301.9940000000001,1,"A1560752","AA607015A","FV"," "," "," "]
["3834000058801",5880,"CITRUS","sinensis Valencia delta seedless","en fruits","30","15L",null,"1/2 tige",null,null,null,null,null,"VRA","Vrac",1," "," ",1," "," ",1," "," "," ",96.444000000000003,13.5,1301.9940000000001,1,"A1560752","AA607015A","FV"," "," "," "]
["3834000058603",5860,"OLEA","europaea","février","30","15L","Cipressino","1/4 tige bola","12/14P",null,null,null,null,"VRA","Vrac",1," "," ",1," "," ",1," "," "," ",96.444000000000003,13.5,1301.9940000000001,1,"DC15B","DCE15","FV"," "," "," ","Notre Sélection"]
["3834000058320",5832,"CITRUS","kumquat","non dispo","30","15L",null,"1/2 tige",null,null,null,null,null,"VRA","Vrac",1," "," ",1," "," ",1," "," "," ",96.444000000000003,13.5,1301.9940000000001,1,"A1560752","AA607015A","FV"," "," "," "]
["3834000058337",5833,"CITRUS","lima bears",null,"30","15L",null,"1/2 tige",null,null,null,null,null,"VRA","Vrac",1," "," ",1," "," ",1," "," "," ",96.444000000000003,13.5,1301.9940000000001,1,"A1560752","AA607015A","FV"," "," "," ","Notre Sélection"]
["3834000058344",5834,"CITRUS","limon Eureka",null,"30","15L",null,"1/2 tige",null,null,null,null,null,"VRA","Vrac",1," "," ",1," "," ",1," "," "," ",96.444000000000003,13.5,1301.9940000000001,1,"A1560752","AA607015A","FV"," "," "," ","Notre Sélection"]
["3834000058351",5835,"CITRUS","mandarino Clemenules - nulessin",null,"30","15L",null,"1/2 tige",null,null,null,null,null,"VRA","Vrac",1," "," ",1," "," ",1," "," "," ",96.444000000000003,13.5,1301.9940000000001,1,"A1560752","AA607015A","FV"," "," "," ","Notre Sélection"]
["3834000056456",5645,"PUNICA","granatum",null,"30","15L",null,"1/2 tige","10/12P",null,null,null,null,"VRA","Vrac",1," "," ",1," "," ",1," "," "," ",96.444000000000003,13.5,1301.9940000000001,1,"A1560","AA608015","FV"," "," "," "]
["3834000056463",5646,"HESPERALOE","parviflora",null,"25","10L",null,null,"50/70",null,null,null,null,"VRA","Vrac",1," "," ",1," "," ",1," "," "," ",148.148,13.5,1999.998,1,"A10405","AA405010","FV"," "," "," ","Notre Sélection"]
["3834000058368",5836,"CITRUS","sinensis Navelina","en fruits","30","15L",null,"1/2 tige",null,null,null,null,null,"VRA","Vrac",1," "," ",1," "," ",1," "," "," ",96.444000000000003,13.5,1301.9940000000001,1,"A1560752","AA607015A","FV"," "," "," ","Notre Sélection"]
["3834000058610",5861,"AGAVE","attenuata",null,"35","25L",null,null,null,null,null,null,null,"VRA","Vrac",1," "," ",1," "," ",1," "," "," ",48.148000000000003,13.5,649.99800000000005,1,"A25","AB25","FV"," "," "," "]
["3834000058405",5840,"OLEA","europaea","non dispo","30","30L","Cipressino","1/2 tige haute","12/14P",null,null,null,null,"VRA","Vrac",1," "," ",1," "," ",1," "," "," ",48.148000000000003,13.5,649.99800000000005,1,"DC30H","DCE30","FV"," "," "," "]
["3834000058412",5841,"OLEA","europaea","non dispo","30","50L","Cipressino","1/2 tige haute","14/18P",null,null,null,null,"VRA","Vrac",1," "," ",1," "," ",1," "," "," ",19.111000000000001,13.5,257.99850000000004,1,"DC50","DCE50","FV"," "," "," "]
["3834000058375",5837,"WASHINGTONIA","robusta",null,"25","10L",null,"3 plantes","80/100",null,null,null,null,"VRA","Vrac",1," "," ",1," "," ",1," "," "," ",148.148,13.5,1999.998,1,"A1040","AA406010","FV"," "," "," "]
["3834000059495",5949,"AGAVE","angustifolia",null,"25","10L",null,null,null,null,null,null,null,"VRA","Vrac",1," "," ",1," "," ",1," "," "," ",148.148,13.5,1999.998,1,"A10","AA10","FV"," "," "," "]
["3834000058429",5842,"OLEA","europaea",null,"30","15L","Cipressino","pyramide","160/180",null,null,null,null,"VRA","Vrac",1," "," ",1," "," ",1," "," "," ",96.444000000000003,13.5,1301.9940000000001,1,"AC15140","ACA14016015","FV"," "," "," "]
["3834000059501",5950,"AGAVE","decipiens",null,"25","10L",null,null,null,null,null,null,null,"VRA","Vrac",1," "," ",1," "," ",1," "," "," ",148.148,13.5,1999.998,1,"A10","AA10","FV"," "," "," "]
["3834000057989",5798,"CITRUS","clementino","non dispo","35","25L",null,"1/2 tige",null,null,null,null,null,"VRA","Vrac",1," "," ",1," "," ",1," "," "," ",60,13.5,810,1,"A256070","AA607025","FV"," "," "," "]
["3834000057996",5799,"CITRUS","limon","non dispo","40","40L",null,"1/2 tige",null,null,null,null,null,"VRA","Vrac",1," "," ",1," "," ",1," "," "," ",48.148000000000003,13.5,649.99800000000005,1,"A406070","AA607040","FV"," "," "," "]
["3834000068886",6888,"OLEA","europaea","2013/2016","25","10L","Cipressino","1/2 tige","6/8P",null,null,null,null,"VRA","Vrac",1," "," ",1," "," ",1," "," "," ",148.148,13.5,1999.998,1,"DC25810","DCB81025","FV"," "," "," "]
["3834000056470",5647,"OLEA","europaea",null,"25","10L","Cipressino","touffe","60/80",null,null,null,null,"VRA","Vrac",1," "," ",1," "," ",1," "," "," ",148.148,13.5,1999.998,1,"A840","A40608","FV"," "," "," ","Notre Sélection"]
["3834000066455",6645,"AGAVE","americana Variegata","non dispo","30","15L",null,null,null,null,null,null,null,"VRA","Vrac",1," "," ",1," "," ",1," "," "," ",96.444000000000003,13.5,1301.9940000000001,1,"A15","AA15","FV"," "," "," "]
["3834000056487",5648,"OLEA","europaea","février","30","15L","Cipressino","touffe","80/100",null,null,null,null,"VRA","Vrac",1," "," ",1," "," ",1," "," "," ",96.444000000000003,13.5,1301.9940000000001,1,"A12","AA12","FV"," "," "," ","Notre Sélection"]
["3834000056494",5649,"OLEA","europaea",null,"25","10L","Cipressino","1/2 tige","6/8P",null,null,null,null,"VRA","Vrac",1," "," ",1," "," ",1," "," "," ",148.148,13.5,1999.998,1,"DC25810","DCB81025","FV"," "," "," ","Notre Sélection"]
["3834000056500",5650,"OLEA","europaea",null,"30","15L","Cipressino","1/2 tige","8/10P",null,null,null,null,"VRA","Vrac",1," "," ",1," "," ",1," "," "," ",96.444000000000003,13.5,1301.9940000000001,1,"DC251012","DCCB101225","FV"," "," "," ","Notre Sélection"]
["3834000056517",5651,"OLEA","europaea","non dispo","40","40L","Cipressino","1/2 tige","14/16P",null,null,null,null,"VRA","Vrac",1," "," ",1," "," ",1," "," "," ",48.148000000000003,13.5,649.99800000000005,1,"DC461416","DCD141646","FV"," "," "," "]
["3834000056524",5652,"OLEA","europaea","non dispo","45","50L","Cipressino","pyramide","180/200",null,null,null,null,"VRA","Vrac",1," "," ",1," "," ",1," "," "," ",19.111000000000001,13.5,257.99850000000004,1,"AC80200","APCH20025080","FV"," "," "," "]
["3834000056531",5653,"PITTOSPORUM","tobira Nana","février","25","10L",null,"touffe","30/40",null,null,null,null,"VRA","Vrac",1," "," ",1," "," ",1," "," "," ",148.148,13.5,1999.998,1,"A10405","AA405010","FV"," "," "," "]
["3834000056548",5654,"PHOENIX","canariensis","non dispo","30","15L",null,null,"140/160",null,null,null,null,"VRA","Vrac",1," "," ",1," "," ",1," "," "," ",96.444000000000003,13.5,1301.9940000000001,1,"A15607","AA607015","FV"," "," "," "]
["3834000066462",6646,"AGAVE","americana Variegata",null,"35","25L",null,null,null,null,null,null,null,"VRA","Vrac",1," "," ",1," "," ",1," "," "," ",48.148000000000003,13.5,649.99800000000005,1,"A25","AB25","FV"," "," "," "]
["3834000066479",6647,"AGAVE","aplanata","non dispo","25","10L",null,null,null,null,null,null,null,"VRA","Vrac",1," "," ",1," "," ",1," "," "," ",148.148,13.5,1999.998,1,"A10","AA10","FV"," "," "," "]
["3834000056555",5655,"POLYGALA","myrtifolia",null,"25","10L",null,"touffe","30/40",null,null,null,null,"VRA","Vrac",1," "," ",1," "," ",1," "," "," ",148.148,13.5,1999.998,1,"A10405","AA405010","FV"," "," "," ","Notre Sélection"]
["3834000066516",6651,"AGAVE","parryi","non dispo","25","10L",null,null,null,null,null,null,null,"VRA","Vrac",1," "," ",1," "," ",1," "," "," ",148.148,13.5,1999.998,1,"A10","AA10","FV"," "," "," "]
["3834000066523",6652,"AGAVE","neomexicana","non dispo","25 tarrina","5L Tarrina",null,null,null,null,null,null,null,"VRA","Vrac",1," "," ",1," "," ",1," "," "," ",322.22199999999998,13.5,4349.9969999999994,1,"A5","A5","FV"," "," "," "]
["3834000056562",5656,"POLYGALA","myrtifolia","février","25","10L",null,"1/2 tige",null,null,null,null,null,"VRA","Vrac",1," "," ",1," "," ",1," "," "," ",148.148,13.5,1999.998,1,"A10405","AA405010","FV"," "," "," ","Notre Sélection"]
["3834000058627",5862,"CITRUS","pomelos Star ruby","en fruits","30","15L",null,"1/2 tige",null,null,null,null,null,"VRA","Vrac",1," "," ",1," "," ",1," "," "," ",96.444000000000003,13.5,1301.9940000000001,1,"A1560752","AA607015A","FV"," "," "," "]
["3834000058634",5863,"CITRUS","limequat","en fruits","30","15L",null,"1/2 tige",null,null,null,null,null,"VRA","Vrac",1," "," ",1," "," ",1," "," "," ",96.444000000000003,13.5,1301.9940000000001,1,"A1560752","AA607015A","FV"," "," "," ","Notre Sélection"]
["3834000059150",5915,"OLEA","europaea","non dispo","30","25L","Cipressino","1/2 tige bola","12/14P",null,null,null,null,"VRA","Vrac",1," "," ",1," "," ",1," "," "," ",60,13.5,810,1,"DC25H","DCE25","FV"," "," "," "]
["3834000059518",5951,"AGAVE","franzozinii","non dispo","25","10L",null,null,null,null,null,null,null,"VRA","Vrac",1," "," ",1," "," ",1," "," "," ",148.148,13.5,1999.998,1,"A10","AA10","FV"," "," "," "]
["3834000058641",5864,"CITRUS","main de bouddha","non dispo","30","15L",null,"1/4 tige",null,null,null,null,null,"VRA","Vrac",1," "," ",1," "," ",1," "," "," ",96.444000000000003,13.5,1301.9940000000001,1,"A1560752","AA607015A","FV"," "," "," "]
["3834000060019",6001,"AMANDIER PRUNUS","dulcis almendro","non dispo","30","50L",null,"1/2 tige","16/18P",null,null,null,null,"VRA","Vrac",1," "," ",1," "," ",1," "," "," ",19.111000000000001,13.5,257.99850000000004,1,"DC50","DCE50","FV"," "," "," "]
["3834000058597",5859,"CHAMAEROPS","humilis",null,"30","15L",null,null,"70/90",null,null,null,null,"VRA","Vrac",1," "," ",1," "," ",1," "," "," ",61.110999999999997,13.5,824.99849999999992,1,"A15607","AA607015","FV"," "," "," ","Notre Sélection"]
["3834000056579",5657,"TEUCRIUM","fruticans",null,"25","10L",null,"touffe","40/50",null,null,null,null,"VRA","Vrac",1," "," ",1," "," ",1," "," "," ",148.148,13.5,1999.998,1,"A10405","AA405010","FV"," "," "," "]
["3834000062853",6285,"AGAVE","ferox","non dispo","25","10L",null,null,null,null,null,null,null,"VRA","Vrac",1," "," ",1," "," ",1," "," "," ",148.148,13.5,1999.998,1,"A10","AA10","FV"," "," "," ","Notre Sélection"]
["3834000062839",6283,"TRACHYCARPUS","fortunei","non dispo","30","15L",null,"3 plantes","80/100",null,null,null,null,"VRA","Vrac",1," "," ",1," "," ",1," "," "," ",96.444000000000003,13.5,1301.9940000000001,1,"A1560","AA608015","FV"," "," "," "]
["3834000062860",6286,"AGAVE","horrida",null,"35","25L",null,null,null,null,null,null,null,"VRA","Vrac",1," "," ",1," "," ",1," "," "," ",48.148000000000003,13.5,649.99800000000005,1,"A25","AB25","FV"," "," "," "]
["3834000062877",6287,"AGAVE","montana",null,"25","10L",null,null,null,null,null,null,null,"VRA","Vrac",1," "," ",1," "," ",1," "," "," ",148.148,13.5,1999.998,1,"A10","AA10","FV"," "," "," "]
["3834000062884",6288,"AGAVE","ovatifolia",null,"25","10L",null,null,null,null,null,null,null,"VRA","Vrac",1," "," ",1," "," ",1," "," "," ",148.148,13.5,1999.998,1,"A10","AA10","FV"," "," "," "]
["3834000062891",6289,"ALOE","ferox","non dispo","25 tarrina","5L Tarrina",null,null,null,null,null,null,null,"VRA","Vrac",1," "," ",1," "," ",1," "," "," ",322.22199999999998,13.5,4349.9969999999994,1,"A5","A5","FV"," "," "," "]
["3834000056586",5658,"VIBURNUM","lucidum","non dispo","25","10L",null,"touffe","50/70",null,null,null,null,"VRA","Vrac",1," "," ",1," "," ",1," "," "," ",148.148,13.5,1999.998,1,"A10405","AA405010","FV"," "," "," "]
["3834000056593",5659,"WASHINGTONIA","robusta",null,"25","10L",null,"1 plante","80/100",null,null,null,null,"VRA","Vrac",1," "," ",1," "," ",1," "," "," ",148.148,13.5,1999.998,1,"A10405","AA405010","FV"," "," "," ","Notre Sélection"]
["3834000056609",5660,"WASHINGTONIA","robusta","non dispo","30","15L",null,"1 plante","140/160",null,null,null,null,"VRA","Vrac",1," "," ",1," "," ",1," "," "," ",96.444400000000002,13.5,1301.9993999999999,1,"A15607","AA607015","FV"," "," "," "]
["3834000056616",5661,"WESTRINGIA","fruticosa",null,"25","10L",null,"boule","50/60",null,null,null,null,"VRA","Vrac",1," "," ",1," "," ",1," "," "," ",148.148,13.5,1999.998,1,"A10405","AA405010","FV"," "," "," "]
["3834000056623",5662,"WESTRINGIA","longifolia",null,"25","10L",null,"boule","50/60",null,null,null,null,"VRA","Vrac",1," "," ",1," "," ",1," "," "," ",148.148,13.5,1999.998,1,"A10405","AA405010","FV"," "," "," "]
["3834000056630",5663,"YUCCA","rostrata","non dispo","25","10L",null,null,"40/50",null,null,null,null,"VRA","Vrac",1," "," ",1," "," ",1," "," "," ",148.148,13.5,1999.998,1,"A10405","AA405010","FV"," "," "," ","Notre Sélection"]
["3834000056647",5664,"YUCCA","rostrata","non dispo","30","15L",null,null,"60/70",null,null,null,null,"VRA","Vrac",1," "," ",1," "," ",1," "," "," ",96.444000000000003,13.5,1301.9940000000001,1,"A15607","AA607015","FV"," "," "," "]
["3834000056654",5665,"TRACHYCARPUS","fortunei","février","25","10L",null,"3 plantes","40/60",null,null,null,null,"VRA","Vrac",1," "," ",1," "," ",1," "," "," ",148.148,13.5,1999.998,1,"A10405","AA405010","FV"," "," "," ","Notre Sélection"]
["3834000057460",5746,"AGAVE","mediopicta","non dispo","25 tarrina","5L Tarrina",null,null,null,null,null,null,null,"VRA","Vrac",1," "," ",1," "," ",1," "," "," ",322.22199999999998,13.5,4349.9969999999994,1,"A5","A5","FV"," "," "," "]
["3834000056661",5666,"TRACHYCARPUS","fortunei","février","20","5L",null,"3 plantes",null,null,null,null,null,"VRA","Vrac",1," "," ",1," "," ",1," "," "," ",322.22199999999998,13.5,4349.9969999999994,1,"A5","A5","FV"," "," "," "]
["3834000057477",5747,"AGAVE","macroacantha Viridis","non dispo","25 tarrina","5L Tarrina",null,null,null,null,null,null,null,"VRA","Vrac",1," "," ",1," "," ",1," "," "," ",322.22199999999998,13.5,4349.9969999999994,1,"A5","A5","FV"," "," "," "]
["3834000057484",5748,"AGAVE","macroacantha Blue ribbon","non dispo","25 tarrina","5L Tarrina",null,null,null,null,null,null,null,"VRA","Vrac",1," "," ",1," "," ",1," "," "," ",322.22199999999998,13.5,4349.9969999999994,1,"A5","A5","FV"," "," "," "]
["3834000057491",5749,"AGAVE","angustifolia","non dispo","25 tarrina","5L Tarrina",null,null,null,null,null,null,null,"VRA","Vrac",1," "," ",1," "," ",1," "," "," ",322.22199999999998,13.5,4349.9969999999994,1,"A5","A5","FV"," "," "," "]
["3834000057507",5750,"AGAVE","decipiens","non dispo","25 tarrina","5L Tarrina",null,null,null,null,null,null,null,"VRA","Vrac",1," "," ",1," "," ",1," "," "," ",322.22199999999998,13.5,4349.9969999999994,1,"A5","A5","FV"," "," "," "]
["3834000057514",5751,"AGAVE","parryi","non dispo","25 tarrina","5L Tarrina",null,null,null,null,null,null,null,"VRA","Vrac",1," "," ",1," "," ",1," "," "," ",322.22199999999998,13.5,4349.9969999999994,1,"A5","A5","FV"," "," "," "]
["3834000057521",5752,"ALOE","saponaria","non dispo","25 tarrina","5L Tarrina",null,null,null,null,null,null,null,"VRA","Vrac",1," "," ",1," "," ",1," "," "," ",322.22199999999998,13.5,4349.9969999999994,1,"A5","A5","FV"," "," "," "]
["3834000057538",5753,"AGAVE","scabra","non dispo","25","10L",null,null,null,null,null,null,null,"VRA","Vrac",1," "," ",1," "," ",1," "," "," ",148.148,13.5,1999.998,1,"A10","AA10","FV"," "," "," "]
["3834000057545",5754,"AGAVE","mediopicta",null,"25","10L",null,null,null,null,null,null,null,"VRA","Vrac",1," "," ",1," "," ",1," "," "," ",148.148,13.5,1999.998,1,"A10","AA10","FV"," "," "," "]
["3834000057552",5755,"AGAVE","horrida","non dispo","25","10L",null,null,null,null,null,null,null,"VRA","Vrac",1," "," ",1," "," ",1," "," "," ",148.148,13.5,1999.998,1,"A10","AA10","FV"," "," "," "]
["3834000057569",5756,"AGAVE","obscura","non dispo","25","10L",null,null,null,null,null,null,null,"VRA","Vrac",1," "," ",1," "," ",1," "," "," ",148.148,13.5,1999.998,1,"A10","AA10","FV"," "," "," "]
["3834000057576",5757,"AGAVE","purpusorum","non dispo","25","10L",null,null,null,null,null,null,null,"VRA","Vrac",1," "," ",1," "," ",1," "," "," ",148.148,13.5,1999.998,1,"A10","AA10","FV"," "," "," "]
["3834000057583",5758,"AGAVE","ghiesberchttii Huehueteca","non dispo","25","10L",null,null,null,null,null,null,null,"VRA","Vrac",1," "," ",1," "," ",1," "," "," ",148.148,13.5,1999.998,1,"A10","AA10","FV"," "," "," "]
["3834000057590",5759,"AGAVE","pseudopotatorum","non dispo","25","10L",null,null,null,null,null,null,null,"VRA","Vrac",1," "," ",1," "," ",1," "," "," ",148.148,13.5,1999.998,1,"A10","AA10","FV"," "," "," "]
["3834000057606",5760,"AGAVE","filifera","non dispo","25","10L",null,null,null,null,null,null,null,"VRA","Vrac",1," "," ",1," "," ",1," "," "," ",148.148,13.5,1999.998,1,"A10","AA10","FV"," "," "," "]
["3834000057613",5761,"AGAVE","lechuguilla",null,"25","10L",null,null,null,null,null,null,null,"VRA","Vrac",1," "," ",1," "," ",1," "," "," ",148.148,13.5,1999.998,1,"A10","AA10","FV"," "," "," "]
["3834000057620",5762,"AGAVE","fourcroydes","non dispo","25","10L",null,null,null,null,null,null,null,"VRA","Vrac",1," "," ",1," "," ",1," "," "," ",148.148,13.5,1999.998,1,"A10","AA10","FV"," "," "," "]
["3834000057637",5763,"AGAVE","mediopicta","non dispo","30","15L",null,null,null,null,null,null,null,"VRA","Vrac",1," "," ",1," "," ",1," "," "," ",96.444000000000003,13.5,1301.9940000000001,1,"A15","AA15","FV"," "," "," ","Notre Sélection"]
["3834000057644",5764,"AGAVE","decipiens",null,"30","15L",null,null,null,null,null,null,null,"VRA","Vrac",1," "," ",1," "," ",1," "," "," ",96.444000000000003,13.5,1301.9940000000001,1,"A15","AA15","FV"," "," "," "]
["3834000057651",5765,"AGAVE","attenuata","non dispo","30","15L",null,null,null,null,null,null,null,"VRA","Vrac",1," "," ",1," "," ",1," "," "," ",96.444000000000003,13.5,1301.9940000000001,1,"A15","AA15","FV"," "," "," "]
["3834000057668",5766,"AGAVE","mediopicta","non dispo","40","40L",null,null,null,null,null,null,null,"VRA","Vrac",1," "," ",1," "," ",1," "," "," ",48.148000000000003,13.5,649.99800000000005,1,"A40","AD40","FV"," "," "," "]
["3834000057675",5767,"AGAVE","salmiana","non dispo","40","40L",null,null,null,null,null,null,null,"VRA","Vrac",1," "," ",1," "," ",1," "," "," ",48.148000000000003,13.5,649.99800000000005,1,"A40","AD40","FV"," "," "," "]
["3834000057682",5768,"AGAVE","ferox","non dispo","40","40L",null,null,null,null,null,null,null,"VRA","Vrac",1," "," ",1," "," ",1," "," "," ",48.148000000000003,13.5,649.99800000000005,1,"A40","AD40","FV"," "," "," "]
["3834000057699",5769,"AGAVE","scabra","non dispo","40","40L",null,null,null,null,null,null,null,"VRA","Vrac",1," "," ",1," "," ",1," "," "," ",48.148000000000003,13.5,649.99800000000005,1,"A40","AD40","FV"," "," "," "]
["3834000057743",5774,"BOUGAINVILLEA","sanderiana","non dispo","25","10L",null,"tripode",null,null,null,null,null,"VRA","Vrac",1," "," ",1," "," ",1," "," "," ",148.148,13.5,1999.998,1,"A10405","AA405010","FV"," "," "," ","Notre Sélection"]
["3834000057750",5775,"CITRUS","mix","non dispo","25","10L",null,"1/2 tige",null,null,null,null,null,"VRA","Vrac",1," "," ",1," "," ",1," "," "," ",148.148,13.5,1999.998,1,"A10405","AA405010","FV"," "," "," "]
["3834000057767",5776,"CITRUS","mix","non dispo","30","15L",null,"1/2 tige",null,null,null,null,null,"VRA","Vrac",1," "," ",1," "," ",1," "," "," ",96.444000000000003,13.5,1301.9940000000001,1,"A15607","AA607015","FV"," "," "," "]
["3834000057774",5777,"CITRUS","mix","non dispo","35","25L",null,"1/2 tige",null,null,null,null,null,"VRA","Vrac",1," "," ",1," "," ",1," "," "," ",60,13.5,810,1,"A256070","AA607025","FV"," "," "," "]
["3834000057781",5778,"CITRUS","mix","non dispo","40","40L",null,"1/2 tige",null,null,null,null,null,"VRA","Vrac",1," "," ",1," "," ",1," "," "," ",48.148000000000003,13.5,649.99800000000005,1,"A406070","AA607040","FV"," "," "," "]
["3834000057798",5779,"CITRUS","microcitrus","non dispo","30","15L",null,"1/2 tige",null,null,null,null,null,"VRA","Vrac",1," "," ",1," "," ",1," "," "," ",96.444000000000003,13.5,1301.9940000000001,1,"A15607","AA607015","FV"," "," "," "]
["3834000057804",5780,"CITRUS","microcitrus",null,"25","10L",null,"1/2 tige",null,null,null,null,null,"VRA","Vrac",1," "," ",1," "," ",1," "," "," ",148.148,13.5,1999.998,1,"A10405","AA405010","FV"," "," "," "]
["3834000058849",5884,"CITRUS","kumquat","non dispo","30","15L","par 52 plantes ","1/2 tige",null,null,null,null,null,"VRA","Vrac",1," "," ",1," "," ",1," "," "," ",96.444000000000003,13.5,1301.9940000000001,1,"A15607","AA607015","FV"," "," "," "]
["3834000058856",5885,"CITRUS","lima bears",null,"30","15L","par 52 plantes ","1/2 tige",null,null,null,null,null,"VRA","Vrac",1," "," ",1," "," ",1," "," "," ",96.444000000000003,13.5,1301.9940000000001,1,"A15607","AA607015","FV"," "," "," ","Notre Sélection"]
["3834000058863",5886,"CITRUS","limequat","en fruits","30","15L","par 52 plantes ","1/2 tige",null,null,null,null,null,"VRA","Vrac",1," "," ",1," "," ",1," "," "," ",96.444000000000003,13.5,1301.9940000000001,1,"A15607","AA607015","FV"," "," "," ","Notre Sélection"]
["3834000058870",5887,"CITRUS","limon Eureka",null,"30","15L","par 52 plantes ","1/2 tige",null,null,null,null,null,"VRA","Vrac",1," "," ",1," "," ",1," "," "," ",96.444000000000003,13.5,1301.9940000000001,1,"A15607","AA607015","FV"," "," "," ","Notre Sélection"]
["3834000058887",5888,"CITRUS","mandarino Clemenules - nulessin",null,"30","15L","par 52 plantes ","1/2 tige",null,null,null,null,null,"VRA","Vrac",1," "," ",1," "," ",1," "," "," ",96.444000000000003,13.5,1301.9940000000001,1,"A15607","AA607015","FV"," "," "," ","Notre Sélection"]
["3834000058894",5889,"CITRUS","main de bouddha","non dispo","30","15L","par 52 plantes ","1/4 tige",null,null,null,null,null,"VRA","Vrac",1," "," ",1," "," ",1," "," "," ",96.444000000000003,13.5,1301.9940000000001,1,"A15607","AA607015","FV"," "," "," "]
["3834444458908",5890,"CITRUS","pomelos Star ruby","en fruits","30","15L","par 52 plantes ","1/2 tige",null,null,null,null,null,"VRA","Vrac",1," "," ",1," "," ",1," "," "," ",96.444000000000003,13.5,1301.9940000000001,1,"A15607","AA607015","FV"," "," "," "]
["3834000058917",5891,"CITRUS","sinensis Lane late","en fruits","30","15L","par 52 plantes ","1/2 tige",null,null,null,null,null,"VRA","Vrac",1," "," ",1," "," ",1," "," "," ",96.444000000000003,13.5,1301.9940000000001,1,"A15607","AA607015","FV"," "," "," ","Notre Sélection"]
["3834000058924",5892,"CITRUS","sinensis Navelina","en fruits","30","15L","par 52 plantes ","1/2 tige",null,null,null,null,null,"VRA","Vrac",1," "," ",1," "," ",1," "," "," ",96.444000000000003,13.5,1301.9940000000001,1,"A15607","AA607015","FV"," "," "," ","Notre Sélection"]
["3834000058931",5893,"CITRUS","sinensis Taroco rosso","en fruits","30","15L","par 52 plantes ","1/2 tige",null,null,null,null,null,"VRA","Vrac",1," "," ",1," "," ",1," "," "," ",96.444000000000003,13.5,1301.9940000000001,1,"A15607","AA607015","FV"," "," "," "]
["3834000058948",5894,"CITRUS","sinensis Valencia delta seedless","en fruits","30","15L","par 52 plantes ","1/2 tige",null,null,null,null,null,"VRA","Vrac",1," "," ",1," "," ",1," "," "," ",96.444000000000003,13.5,1301.9940000000001,1,"A15607","AA607015","FV"," "," "," "]
["0284000062842",6284,"OLEA","europaea","février","30","25L","Cipressino","1/2 tige","12/14P",null,null,null,null,"VRA","Vrac",1," "," ",1," "," ",1," "," "," ",60,13.5,810,1,"DC2512B","DCCC121425","FV"," "," "," "]
["3834000072029",7202,"AGAVE","tequilana",null,"25","10L",null,null,null,null,null,null,null,"VRA","Vrac",1," "," ",1," "," ",1," "," "," ",148.148,13.5,1999.998,1,"A10","AA10","FV"," "," "," "]
["3834000072500",7250,"AGAVE","attenuata",null,"25","10L",null,null,null,null,null,null,null,"VRA","Vrac",1," "," ",1," "," ",1," "," "," ",148.148,13.5,1999.998,1,"A10","AA10","FV"," "," "," "]
["3834000063294",6329,"CITRUS","lima bears",null,"35","25L",null,"1/2 tige",null,null,null,null,null,"VRA","Vrac",1," "," ",1," "," ",1," "," "," ",60,13.5,810,1,"A256070","AA607025","FV"," "," "," "]
["3834000063300",6330,"CITRUS","limequat",null,"35","25L",null,"1/2 tige",null,null,null,null,null,"VRA","Vrac",1," "," ",1," "," ",1," "," "," ",60,13.5,810,1,"A256070","AA607025","FV"," "," "," "]
["3834000066431",6643,"AGAVE","geminiflora",null,"25","10L",null,null,null,null,null,null,null,"VRA","Vrac",1," "," ",1," "," ",1," "," "," ",148.148,13.5,1999.998,1,"A10","AA10","FV"," "," "," ","Notre Sélection"]
["3834000063317",6331,"CITRUS","mitis variegata","non dispo","25","10L",null,"1/2 tige",null,null,null,null,null,"VRA","Vrac",1," "," ",1," "," ",1," "," "," ",148.148,13.5,1999.998,1,"A10405","AA405010","FV"," "," "," "]
["3834000063324",6332,"PISTACIA","lentiscus",null,"30","15L",null,"touffe","80/100",null,null,null,null,"VRA","Vrac",1," "," ",1," "," ",1," "," "," ",96.444000000000003,13.5,1301.9940000000001,1,"A12","AA12","FV"," "," "," "]
["3834000063331",6333,"TRACHYCARPUS","fortunei","non dispo","30","25L",null,null,"35/50T",null,null,null,null,"VRA","Vrac",1," "," ",1," "," ",1," "," "," ",60,13.5,810,1,"DC25101A","DCCC101225","FV"," "," "," "]
["3834000065519",6551,"AGAVE","americana Variegata",null,"25","10L",null,null,null,null,null,null,null,"VRA","Vrac",1," "," ",1," "," ",1," "," "," ",148.148,13.5,1999.998,1,"A10","AA10","FV"," "," "," ","Notre Sélection"]
["3834000072890",7289,"CORDYLINE","indivisa","février","25","10L",null,null,null,null,null,null,null,"VRA","Vrac",1," "," ",1," "," ",1," "," "," ",148.148,13.5,1999.998,1,"A10405","AA405010","FV"," "," "," "]
["3834000072906",7290,"GALVEZIA","","février","25","10L",null,"touffe",null,null,null,null,null,"VRA","Vrac",1," "," ",1," "," ",1," "," "," ",148.148,13.5,1999.998,1,"A10405","AA405010","FV"," "," "," "]
["3834000070940",7094,"AGAVE","azul (americana)","non dispo","25","10L",null,null,null,null,null,null,null,"VRA","Vrac",1," "," ",1," "," ",1," "," "," ",148.148,13.5,1999.998,1,"A10","AA10","FV"," "," "," ","Notre Sélection"]
["3834000066110",6611,"OLEA","europaea",null,"25","10L","Cipressino","1/4 tige",null,null,null,null,null,"VRA","Vrac",1," "," ",1," "," ",1," "," "," ",148.148,13.5,1999.998,1,"DC1018","DCB10","FV"," "," "," ","Notre Sélection"]
["3834000069951",6995,"AGAVE","parrasana","non dispo","30","15L",null,null,null,null,null,null,null,"VRA","Vrac",1," "," ",1," "," ",1," "," "," ",96.444000000000003,13.5,1301.9940000000001,1,"A15","AA15","FV"," "," "," "]
["3834000066967",6996,"AGAVE","verschaffeltii","non dispo","30","15L",null,null,null,null,null,null,null,"VRA","Vrac",1," "," ",1," "," ",1," "," "," ",96.444000000000003,13.5,1301.9940000000001,1,"A15","AA15","FV"," "," "," "]
["3834000066127",6612,"CITRUS","lima bears","non dispo","40","40L",null,"1/2 tige",null,null,null,null,null,"VRA","Vrac",1," "," ",1," "," ",1," "," "," ",48.148000000000003,13.5,649.99800000000005,1,"A406070","AA607040","FV"," "," "," "]
["3834000066134",6613,"CITRUS","sinensis","non dispo","40","40L",null,"1/2 tige",null,null,null,null,null,"VRA","Vrac",1," "," ",1," "," ",1," "," "," ",48.148000000000003,13.5,649.99800000000005,1,"A406070","AA607040","FV"," "," "," "]
["3834000069890",6889,"AGAVE","franzozinii","non dispo","30","15L",null,null,null,null,null,null,null,"VRA","Vrac",1," "," ",1," "," ",1," "," "," ",96.444000000000003,13.5,1301.9940000000001,1,"A15","AA15","FV"," "," "," "]
["3834000071985",7198,"CITRUS","limon Eureka",null,"25","10L",null,"1/2 tige",null,null,null,null,null,"VRA","Vrac",1," "," ",1," "," ",1," "," "," ",148.148,13.5,1999.998,1,"A10405","AA405010","FV"," "," "," "]
["3834000071985",7199,"CITRUS","sinensis",null,"25","10L",null,"1/2 tige",null,null,null,null,null,"VRA","Vrac",1," "," ",1," "," ",1," "," "," ",148.148,13.5,1999.998,1,"A10405","AA405010","FV"," "," "," "]
["3834000072005",7200,"CITRUS","mandarino",null,"25","10L",null,"1/2 tige",null,null,null,null,null,"VRA","Vrac",1," "," ",1," "," ",1," "," "," ",148.148,13.5,1999.998,1,"A10405","AA405010","FV"," "," "," "]
["3834000058023",5802,"OLEA","europaea",null,null,"90L","Cipressino","pyramide","180/200",null,null,null,null,"VRA","Vrac",1," "," ",1," "," ",1," "," "," ",5.1849999999999996,13.5,69.997499999999988,1,"AC110300","AQCAB300350110","FV"," "," "," "]
["3834000058030",5803,"BRAHEA","armata","non dispo","30","15L",null,null,"60/70",null,null,null,null,"VRA","Vrac",1," "," ",1," "," ",1," "," "," ",96.444000000000003,13.5,1301.9940000000001,1,"A15607","AA607015","FV"," "," "," "]
["3834000071145",7114,"OLEA","europaea","non dispo","30","15L","Cipressino","1/2 tige double boule",null,null,null,null,null,"VRA","Vrac",1," "," ",1," "," ",1," "," "," ",96.444000000000003,13.5,1301.9940000000001,1,"DC251012","DCCB101225","FV"," "," "," "]
["3834000071152",7115,"AGAVE","lophanta",null,"25","10L",null,null,null,null,null,null,null,"VRA","Vrac",1," "," ",1," "," ",1," "," "," ",148.148,13.5,1999.998,1,"A10","AA10","FV"," "," "," "]
["3834000071169",7116,"AGAVE","macroacantha Blue ribbon",null,"25","10L",null,null,null,null,null,null,null,"VRA","Vrac",1," "," ",1," "," ",1," "," "," ",148.148,13.5,1999.998,1,"A10","AA10","FV"," "," "," "]
["3834000071176",7117,"PUNICA","granatum",null,"30","25L",null,"1/2 tige","12/14P",null,null,null,null,"VRA","Vrac",1," "," ",1," "," ",1," "," "," ",60,13.5,810,1,"DC25101A","DCCC101225","FV"," "," "," "]
["3834000072159",7215,"ABELIA","grandiflora",null,"25","10L",null,"touffe","40/50",null,null,null,null,"VRA","Vrac",1," "," ",1," "," ",1," "," "," ",148.148,13.5,1999.998,1,"A10405","AA405010","FV"," "," "," "]
["3834000072166",7216,"CALLISTEMON","laevis",null,"25","10L",null,"touffe","50/60",null,null,null,null,"VRA","Vrac",1," "," ",1," "," ",1," "," "," ",148.148,13.5,1999.998,1,"A10405","AA405010","FV"," "," "," "]
["3834000072173",7217,"METROSIDEROS","excelsa",null,"25","10L",null,"touffe","40/50",null,null,null,null,"VRA","Vrac",1," "," ",1," "," ",1," "," "," ",148.148,13.5,1999.998,1,"A10405","AA405010","FV"," "," "," "]
["Total",null,null,null,null,null,null,null,null,null,null,null,null,null,null,null,null,null,null,null,null,null,null,null,null,null,null,null,null,null,null,null,null,null,null,null,{"$f":"SUBTOTAL(103,Tableau_Lancer_la_requête_à_partir_de_PALMACEA446[NOTRE_SELECTION])","v":36}]

{"sheet":"FV Tarif_AN","index":1,"n_rows":118,"n_cols":37,"rows_kept":118,"cut":false,"hidden":false,"merged":[[9,7,9,8],[7,11,7,34],[8,10,8,11],[8,12,8,34],[2,11,2,34],[3,11,3,34],[4,11,4,34],[5,10,5,34],[6,11,6,14],[6,16,6,34]]}
[null,null,null,null,null,null,null,"Retrouvez en italique Notre Sélection",null,null,"Fournisseur :","PM"]
[null,null,"Pascal HABAULT : acheteur / commercial"]
[null,null," Tél : 06 21 76 93 63",null,null,null,null,"Espagne",null,null,"TVA INTRA :"]
[null,null,"Isabelle NAULET : administratif / suivi commercial / logistique ",null,null,null,null,"PALMACEA vous propose en direct,  un grand choix de végétaux issu de ses producteurs",null,null,"Client :"]
[null,null," Tél : 06 23 38 03 49",null,null,null,null,"Prix départ, tarif transport sur demande",null,null,"Adresse :"]
[null,null,"Fax : 00 33 4 26 30 35 44"]
[null,null,"Mail : contact@palmacea.com",null,null,null,null,null,null,null,"Tél :",null,null,null,null,"Fax :"]
[null,null,null,null,null,null,null,null,null,null,"Mail :"]
[null,null,null,null,null,null,null,null,null,null,"Semaine de livraison :"]
["Code barre ","Code","Genre","Espèce Variété","Etat","Diam pot","Litrage","Présentation ",null,"Taille","Diam tête","HT total","Parcelle","Photo","Conditionnement","Conditionnement","Qte cond","Votre cde","Tarif départ ","Qte cond","Votre cde ","Tarif départ ","Nb cond","Qte cond total","Votre cde","Tarif départ ","Nb de cond ou plantes par ML","Metrage camion","Qte plt / camion","Cond / default","Code pour tri","pour tri","Initiale fournisseur","Montant Cde","PV TTC","Métrage"]
["CODE_BARRE","CODE","GENRE","ESPECE_VARIETE","ETAT","DIAM_POT","LITRAGE","PRESENTATION","PRESENTATION2","TAILLE","DIAM_TETE","HT_TOTAL","PARCELLE","IMAGE","CONDITION","CONDITION3","QTE_COND","VOTRE_CDE","VOTRE_CDE4","QTE_COND5","VOTRE_CDE6","VOTRE_CDE7","NB_COND","QTE_ROLL","VOTRE_CDE8","VOTRE_CDE9","NB_PLT_CAM","METRAGE_CAM","QTE_PLT_CAM","COND_DEF","CODE_TRI","TRI","INITIAL_FOURN","MONT_CDE","PVTTC","METRAGE","NOTRE_SELECTION"]
["3834000072180",7218,"CHAMAEROPS","humilis",null,"25","10L",null,null,"50/60",null,null,null,null,"VRA","Vrac",1," "," ",1," "," ",1,1," "," ",148.148,13.5,1999.998,1,"A10405","AA405010","FV"," "," "," "]
["3834000072197",7219,"NOLINA","nelsonii",null,"25","10L",null,null,"50/60",null,null,null,null,"VRA","Vrac",1," "," ",1," "," ",1,1," "," ",148.148,13.5,1999.998,1,"A10405","AA405010","FV"," "," "," "]
["3834000056401",5640,"DASYLIRION","longissimum",null,"25","10L",null,null,"50/70",null,null,null,null,"VRA","Vrac",1," "," ",1," "," ",1,1," "," ",148.148,13.5,1999.998,1,"A10405","AA405010","FV"," "," "," ","Notre Sélection"]
["3834000056418",5641,"DASYLIRION","serratifolia",null,"25","10L",null,null,"50/70",null,null,null,null,"VRA","Vrac",1," "," ",1," "," ",1,1," "," ",148.148,13.5,1999.998,1,"A10405","AA405010","FV"," "," "," ","Notre Sélection"]
["3834000056425",5642,"DASYLIRION","serratifolia",null,"30","15L",null,null,"80/100",null,null,null,null,"VRA","Vrac",1," "," ",1," "," ",1,1," "," ",96.444000000000003,13.5,1301.9940000000001,1,"A15607","AA607015","FV"," "," "," "]
["3834000056432",5643,"DASYLIRION","wheeleri",null,"25","10L",null,null,"50/70",null,null,null,null,"VRA","Vrac",1," "," ",1," "," ",1,1," "," ",148.148,13.5,1999.998,1,"A10405","AA405010","FV"," "," "," ","Notre Sélection"]
["3834000072012",7201,"PISTACIA","lentiscus",null,"25","10L",null,"touffe","50/70",null,null,null,null,"VRA","Vrac",1," "," ",1," "," ",1,1," "," ",148.148,13.5,1999.998,1,"A10405","AA405010","FV"," "," "," "]
["3834000072203",7220,"DASYLIRION","longifolia",null,"25","10L",null,null,"40/50",null,null,null,null,"VRA","Vrac",1," "," ",1," "," ",1,1," "," ",148.148,13.5,1999.998,1,"A10405","AA405010","FV"," "," "," "]
["3834000057958",5795,"CITRUS","kumquat","en fruits","25","10L",null,"1/2 tige",null,null,null,null,null,"VRA","Vrac",1," "," ",1," "," ",1,1," "," ",148.148,13.5,1999.998,1,"A10405","AA405010","FV"," "," "," ","Notre Sélection"]
["3834000057965",5796,"CITRUS","limon Eureka","en fruits","35","25L",null,"1/2 tige",null,null,null,null,null,"VRA","Vrac",1," "," ",1," "," ",1,1," "," ",60,13.5,810,1,"A256070","AA607025","FV"," "," "," "]
["3834000057972",5797,"CITRUS","sinensis","en fruits","35","25L",null,"1/2 tige",null,null,null,null,null,"VRA","Vrac",1," "," ",1," "," ",1,1," "," ",60,13.5,810,1,"A256070","AA607025","FV"," "," "," "]
["3834000058788",5878,"CITRUS","sinensis Lane late","en fruits","30","15L",null,"1/2 tige",null,null,null,null,null,"VRA","Vrac",1," "," ",1," "," ",1,1," "," ",96.444000000000003,13.5,1301.9940000000001,1,"A1560752","AA607015A","FV"," "," "," ","Notre Sélection"]
["3834000058795",5879,"CITRUS","sinensis Taroco rosso","en fruits","30","15L",null,"1/2 tige",null,null,null,null,null,"VRA","Vrac",1," "," ",1," "," ",1,1," "," ",96.444000000000003,13.5,1301.9940000000001,1,"A1560752","AA607015A","FV"," "," "," "]
["3834000058801",5880,"CITRUS","sinensis Valencia delta seedless","en fruits","30","15L",null,"1/2 tige",null,null,null,null,null,"VRA","Vrac",1," "," ",1," "," ",1,1," "," ",96.444000000000003,13.5,1301.9940000000001,1,"A1560752","AA607015A","FV"," "," "," "]
["3834000058603",5860,"OLEA","europaea","février","30","15L","Cipressino","1/4 tige bola","12/14P",null,null,null,null,"VRA","Vrac",1," "," ",1," "," ",1,1," "," ",96.444000000000003,13.5,1301.9940000000001,1,"DC15B","DCE15","FV"," "," "," ","Notre Sélection"]
["3834000058337",5833,"CITRUS","lima bears",null,"30","15L",null,"1/2 tige",null,null,null,null,null,"VRA","Vrac",1," "," ",1," "," ",1,1," "," ",96.444000000000003,13.5,1301.9940000000001,1,"A1560752","AA607015A","FV"," "," "," ","Notre Sélection"]
["3834000058344",5834,"CITRUS","limon Eureka",null,"30","15L",null,"1/2 tige",null,null,null,null,null,"VRA","Vrac",1," "," ",1," "," ",1,1," "," ",96.444000000000003,13.5,1301.9940000000001,1,"A1560752","AA607015A","FV"," "," "," ","Notre Sélection"]
["3834000058351",5835,"CITRUS","mandarino Clemenules - nulessin",null,"30","15L",null,"1/2 tige",null,null,null,null,null,"VRA","Vrac",1," "," ",1," "," ",1,1," "," ",96.444000000000003,13.5,1301.9940000000001,1,"A1560752","AA607015A","FV"," "," "," ","Notre Sélection"]
["3834000056456",5645,"PUNICA","granatum",null,"30","15L",null,"1/2 tige","10/12P",null,null,null,null,"VRA","Vrac",1," "," ",1," "," ",1,1," "," ",96.444000000000003,13.5,1301.9940000000001,1,"A1560","AA608015","FV"," "," "," "]
["3834000056463",5646,"HESPERALOE","parviflora",null,"25","10L",null,null,"50/70",null,null,null,null,"VRA","Vrac",1," "," ",1," "," ",1,1," "," ",148.148,13.5,1999.998,1,"A10405","AA405010","FV"," "," "," ","Notre Sélection"]
["3834000058368",5836,"CITRUS","sinensis Navelina","en fruits","30","15L",null,"1/2 tige",null,null,null,null,null,"VRA","Vrac",1," "," ",1," "," ",1,1," "," ",96.444000000000003,13.5,1301.9940000000001,1,"A1560752","AA607015A","FV"," "," "," ","Notre Sélection"]
["3834000058610",5861,"AGAVE","attenuata",null,"35","25L",null,null,null,null,null,null,null,"VRA","Vrac",1," "," ",1," "," ",1,1," "," ",48.148000000000003,13.5,649.99800000000005,1,"A25","AB25","FV"," "," "," "]
["3834000058375",5837,"WASHINGTONIA","robusta",null,"25","10L",null,"3 plantes","80/100",null,null,null,null,"VRA","Vrac",1," "," ",1," "," ",1,1," "," ",148.148,13.5,1999.998,1,"A1040","AA406010","FV"," "," "," "]
["3834000059495",5949,"AGAVE","angustifolia",null,"25","10L",null,null,null,null,null,null,null,"VRA","Vrac",1," "," ",1," "," ",1,1," "," ",148.148,13.5,1999.998,1,"A10","AA10","FV"," "," "," "]
["3834000058429",5842,"OLEA","europaea",null,"30","15L","Cipressino","pyramide","160/180",null,null,null,null,"VRA","Vrac",1," "," ",1," "," ",1,1," "," ",96.444000000000003,13.5,1301.9940000000001,1,"AC15140","ACA14016015","FV"," "," "," "]
["3834000059501",5950,"AGAVE","decipiens",null,"25","10L",null,null,null,null,null,null,null,"VRA","Vrac",1," "," ",1," "," ",1,1," "," ",148.148,13.5,1999.998,1,"A10","AA10","FV"," "," "," "]
["3834000056470",5647,"OLEA","europaea",null,"25","10L","Cipressino","touffe","60/80",null,null,null,null,"VRA","Vrac",1," "," ",1," "," ",1,1," "," ",148.148,13.5,1999.998,1,"A840","A40608","FV"," "," "," ","Notre Sélection"]
["3834000056487",5648,"OLEA","europaea","février","30","15L","Cipressino","touffe","80/100",null,null,null,null,"VRA","Vrac",1," "," ",1," "," ",1,1," "," ",96.444000000000003,13.5,1301.9940000000001,1,"A12","AA12","FV"," "," "," ","Notre Sélection"]
["3834000056494",5649,"OLEA","europaea",null,"25","10L","Cipressino","1/2 tige","6/8P",null,null,null,null,"VRA","Vrac",1," "," ",1," "," ",1,1," "," ",148.148,13.5,1999.998,1,"DC25810","DCB81025","FV"," "," "," ","Notre Sélection"]
["3834000056500",5650,"OLEA","europaea",null,"30","15L","Cipressino","1/2 tige","8/10P",null,null,null,null,"VRA","Vrac",1," "," ",1," "," ",1,1," "," ",96.444000000000003,13.5,1301.9940000000001,1,"DC251012","DCCB101225","FV"," "," "," ","Notre Sélection"]
["3834000056531",5653,"PITTOSPORUM","tobira Nana","février","25","10L",null,"touffe","30/40",null,null,null,null,"VRA","Vrac",1," "," ",1," "," ",1,1," "," ",148.148,13.5,1999.998,1,"A10405","AA405010","FV"," "," "," "]
["3834000066462",6646,"AGAVE","americana Variegata",null,"35","25L",null,null,null,null,null,null,null,"VRA","Vrac",1," "," ",1," "," ",1,1," "," ",48.148000000000003,13.5,649.99800000000005,1,"A25","AB25","FV"," "," "," "]
["3834000056555",5655,"POLYGALA","myrtifolia",null,"25","10L",null,"touffe","30/40",null,null,null,null,"VRA","Vrac",1," "," ",1," "," ",1,1," "," ",148.148,13.5,1999.998,1,"A10405","AA405010","FV"," "," "," ","Notre Sélection"]
["3834000056562",5656,"POLYGALA","myrtifolia","février","25","10L",null,"1/2 tige",null,null,null,null,null,"VRA","Vrac",1," "," ",1," "," ",1,1," "," ",148.148,13.5,1999.998,1,"A10405","AA405010","FV"," "," "," ","Notre Sélection"]
["3834000058627",5862,"CITRUS","pomelos Star ruby","en fruits","30","15L",null,"1/2 tige",null,null,null,null,null,"VRA","Vrac",1," "," ",1," "," ",1,1," "," ",96.444000000000003,13.5,1301.9940000000001,1,"A1560752","AA607015A","FV"," "," "," "]
["3834000058634",5863,"CITRUS","limequat","en fruits","30","15L",null,"1/2 tige",null,null,null,null,null,"VRA","Vrac",1," "," ",1," "," ",1,1," "," ",96.444000000000003,13.5,1301.9940000000001,1,"A1560752","AA607015A","FV"," "," "," ","Notre Sélection"]
["3834000058597",5859,"CHAMAEROPS","humilis",null,"30","15L",null,null,"70/90",null,null,null,null,"VRA","Vrac",1," "," ",1," "," ",1,1," "," ",61.110999999999997,13.5,824.99849999999992,1,"A15607","AA607015","FV"," "," "," ","Notre Sélection"]
["3834000056579",5657,"TEUCRIUM","fruticans",null,"25","10L",null,"touffe","40/50",null,null,null,null,"VRA","Vrac",1," "," ",1," "," ",1,1," "," ",148.148,13.5,1999.998,1,"A10405","AA405010","FV"," "," "," "]
["3834000062860",6286,"AGAVE","horrida",null,"35","25L",null,null,null,null,null,null,null,"VRA","Vrac",1," "," ",1," "," ",1,1," "," ",48.148000000000003,13.5,649.99800000000005,1,"A25","AB25","FV"," "," "," "]
["3834000062877",6287,"AGAVE","montana",null,"25","10L",null,null,null,null,null,null,null,"VRA","Vrac",1," "," ",1," "," ",1,1," "," ",148.148,13.5,1999.998,1,"A10","AA10","FV"," "," "," "]
["3834000062884",6288,"AGAVE","ovatifolia",null,"25","10L",null,null,null,null,null,null,null,"VRA","Vrac",1," "," ",1," "," ",1,1," "," ",148.148,13.5,1999.998,1,"A10","AA10","FV"," "," "," "]
["3834000056593",5659,"WASHINGTONIA","robusta",null,"25","10L",null,"1 plante","80/100",null,null,null,null,"VRA","Vrac",1," "," ",1," "," ",1,1," "," ",148.148,13.5,1999.998,1,"A10405","AA405010","FV"," "," "," ","Notre Sélection"]
["3834000056616",5661,"WESTRINGIA","fruticosa",null,"25","10L",null,"boule","50/60",null,null,null,null,"VRA","Vrac",1," "," ",1," "," ",1,1," "," ",148.148,13.5,1999.998,1,"A10405","AA405010","FV"," "," "," "]
["3834000056623",5662,"WESTRINGIA","longifolia",null,"25","10L",null,"boule","50/60",null,null,null,null,"VRA","Vrac",1," "," ",1," "," ",1,1," "," ",148.148,13.5,1999.998,1,"A10405","AA405010","FV"," "," "," "]
["3834000056654",5665,"TRACHYCARPUS","fortunei","février","25","10L",null,"3 plantes","40/60",null,null,null,null,"VRA","Vrac",1," "," ",1," "," ",1,1," "," ",148.148,13.5,1999.998,1,"A10405","AA405010","FV"," "," "," ","Notre Sélection"]
["3834000056661",5666,"TRACHYCARPUS","fortunei","février","20","5L",null,"3 plantes",null,null,null,null,null,"VRA","Vrac",1," "," ",1," "," ",1,1," "," ",322.22199999999998,13.5,4349.9969999999994,1,"A5","A5","FV"," "," "," "]
["3834000057545",5754,"AGAVE","mediopicta",null,"25","10L",null,null,null,null,null,null,null,"VRA","Vrac",1," "," ",1," "," ",1,1," "," ",148.148,13.5,1999.998,1,"A10","AA10","FV"," "," "," "]
["3834000057613",5761,"AGAVE","lechuguilla",null,"25","10L",null,null,null,null,null,null,null,"VRA","Vrac",1," "," ",1," "," ",1,1," "," ",148.148,13.5,1999.998,1,"A10","AA10","FV"," "," "," "]
["3834000057644",5764,"AGAVE","decipiens",null,"30","15L",null,null,null,null,null,null,null,"VRA","Vrac",1," "," ",1," "," ",1,1," "," ",96.444000000000003,13.5,1301.9940000000001,1,"A15","AA15","FV"," "," "," "]
["3834000057804",5780,"CITRUS","microcitrus",null,"25","10L",null,"1/2 tige",null,null,null,null,null,"VRA","Vrac",1," "," ",1," "," ",1,1," "," ",148.148,13.5,1999.998,1,"A10405","AA405010","FV"," "," "," "]
["3834000058856",5885,"CITRUS","lima bears",null,"30","15L","par 52 plantes ","1/2 tige",null,null,null,null,null,"VRA","Vrac",1," "," ",1," "," ",1,1," "," ",96.444000000000003,13.5,1301.9940000000001,1,"A15607","AA607015","FV"," "," "," ","Notre Sélection"]
["3834000058863",5886,"CITRUS","limequat","en fruits","30","15L","par 52 plantes ","1/2 tige",null,null,null,null,null,"VRA","Vrac",1," "," ",1," "," ",1,1," "," ",96.444000000000003,13.5,1301.9940000000001,1,"A15607","AA607015","FV"," "," "," ","Notre Sélection"]
["3834000058870",5887,"CITRUS","limon Eureka",null,"30","15L","par 52 plantes ","1/2 tige",null,null,null,null,null,"VRA","Vrac",1," "," ",1," "," ",1,1," "," ",96.444000000000003,13.5,1301.9940000000001,1,"A15607","AA607015","FV"," "," "," ","Notre Sélection"]
["3834000058887",5888,"CITRUS","mandarino Clemenules - nulessin",null,"30","15L","par 52 plantes ","1/2 tige",null,null,null,null,null,"VRA","Vrac",1," "," ",1," "," ",1,1," "," ",96.444000000000003,13.5,1301.9940000000001,1,"A15607","AA607015","FV"," "," "," ","Notre Sélection"]
["3834444458908",5890,"CITRUS","pomelos Star ruby","en fruits","30","15L","par 52 plantes ","1/2 tige",null,null,null,null,null,"VRA","Vrac",1," "," ",1," "," ",1,1," "," ",96.444000000000003,13.5,1301.9940000000001,1,"A15607","AA607015","FV"," "," "," "]
["3834000058917",5891,"CITRUS","sinensis Lane late","en fruits","30","15L","par 52 plantes ","1/2 tige",null,null,null,null,null,"VRA","Vrac",1," "," ",1," "," ",1,1," "," ",96.444000000000003,13.5,1301.9940000000001,1,"A15607","AA607015","FV"," "," "," ","Notre Sélection"]
["3834000058924",5892,"CITRUS","sinensis Navelina","en fruits","30","15L","par 52 plantes ","1/2 tige",null,null,null,null,null,"VRA","Vrac",1," "," ",1," "," ",1,1," "," ",96.444000000000003,13.5,1301.9940000000001,1,"A15607","AA607015","FV"," "," "," ","Notre Sélection"]
["3834000058931",5893,"CITRUS","sinensis Taroco rosso","en fruits","30","15L","par 52 plantes ","1/2 tige",null,null,null,null,null,"VRA","Vrac",1," "," ",1," "," ",1,1," "," ",96.444000000000003,13.5,1301.9940000000001,1,"A15607","AA607015","FV"," "," "," "]
["3834000058948",5894,"CITRUS","sinensis Valencia delta seedless","en fruits","30","15L","par 52 plantes ","1/2 tige",null,null,null,null,null,"VRA","Vrac",1," "," ",1," "," ",1,1," "," ",96.444000000000003,13.5,1301.9940000000001,1,"A15607","AA607015","FV"," "," "," "]
["0284000062842",6284,"OLEA","europaea","février","30","25L","Cipressino","1/2 tige","12/14P",null,null,null,null,"VRA","Vrac",1," "," ",1," "," ",1,1," "," ",60,13.5,810,1,"DC2512B","DCCC121425","FV"," "," "," "]
["3834000072029",7202,"AGAVE","tequilana",null,"25","10L",null,null,null,null,null,null,null,"VRA","Vrac",1," "," ",1," "," ",1,1," "," ",148.148,13.5,1999.998,1,"A10","AA10","FV"," "," "," "]
["3834000072500",7250,"AGAVE","attenuata",null,"25","10L",null,null,null,null,null,null,null,"VRA","Vrac",1," "," ",1," "," ",1,1," "," ",148.148,13.5,1999.998,1,"A10","AA10","FV"," "," "," "]
["3834000063294",6329,"CITRUS","lima bears",null,"35","25L",null,"1/2 tige",null,null,null,null,null,"VRA","Vrac",1," "," ",1," "," ",1,1," "," ",60,13.5,810,1,"A256070","AA607025","FV"," "," "," "]
["3834000063300",6330,"CITRUS","limequat",null,"35","25L",null,"1/2 tige",null,null,null,null,null,"VRA","Vrac",1," "," ",1," "," ",1,1," "," ",60,13.5,810,1,"A256070","AA607025","FV"," "," "," "]
["3834000066431",6643,"AGAVE","geminiflora",null,"25","10L",null,null,null,null,null,null,null,"VRA","Vrac",1," "," ",1," "," ",1,1," "," ",148.148,13.5,1999.998,1,"A10","AA10","FV"," "," "," ","Notre Sélection"]
["3834000063324",6332,"PISTACIA","lentiscus",null,"30","15L",null,"touffe","80/100",null,null,null,null,"VRA","Vrac",1," "," ",1," "," ",1,1," "," ",96.444000000000003,13.5,1301.9940000000001,1,"A12","AA12","FV"," "," "," "]
["3834000065519",6551,"AGAVE","americana Variegata",null,"25","10L",null,null,null,null,null,null,null,"VRA","Vrac",1," "," ",1," "," ",1,1," "," ",148.148,13.5,1999.998,1,"A10","AA10","FV"," "," "," ","Notre Sélection"]
["3834000072890",7289,"CORDYLINE","indivisa","février","25","10L",null,null,null,null,null,null,null,"VRA","Vrac",1," "," ",1," "," ",1,1," "," ",148.148,13.5,1999.998,1,"A10405","AA405010","FV"," "," "," "]
["3834000072906",7290,"GALVEZIA","","février","25","10L",null,"touffe",null,null,null,null,null,"VRA","Vrac",1," "," ",1," "," ",1,1," "," ",148.148,13.5,1999.998,1,"A10405","AA405010","FV"," "," "," "]
["3834000066110",6611,"OLEA","europaea",null,"25","10L","Cipressino","1/4 tige",null,null,null,null,null,"VRA","Vrac",1," "," ",1," "," ",1,1," "," ",148.148,13.5,1999.998,1,"DC1018","DCB10","FV"," "," "," ","Notre Sélection"]
["3834000071985",7198,"CITRUS","limon Eureka",null,"25","10L",null,"1/2 tige",null,null,null,null,null,"VRA","Vrac",1," "," ",1," "," ",1,1," "," ",148.148,13.5,1999.998,1,"A10405","AA405010","FV"," "," "," "]
["3834000071985",7199,"CITRUS","sinensis",null,"25","10L",null,"1/2 tige",null,null,null,null,null,"VRA","Vrac",1," "," ",1," "," ",1,1," "," ",148.148,13.5,1999.998,1,"A10405","AA405010","FV"," "," "," "]
["3834000072005",7200,"CITRUS","mandarino",null,"25","10L",null,"1/2 tige",null,null,null,null,null,"VRA","Vrac",1," "," ",1," "," ",1,1," "," ",148.148,13.5,1999.998,1,"A10405","AA405010","FV"," "," "," "]
["3834000058023",5802,"OLEA","europaea",null,null,"90L","Cipressino","pyramide","180/200",null,null,null,null,"VRA","Vrac",1," "," ",1," "," ",1,1," "," ",5.1849999999999996,13.5,69.997499999999988,1,"AC110300","AQCAB300350110","FV"," "," "," "]
["3834000071152",7115,"AGAVE","lophanta",null,"25","10L",null,null,null,null,null,null,null,"VRA","Vrac",1," "," ",1," "," ",1,1," "," ",148.148,13.5,1999.998,1,"A10","AA10","FV"," "," "," "]
["3834000071169",7116,"AGAVE","macroacantha Blue ribbon",null,"25","10L",null,null,null,null,null,null,null,"VRA","Vrac",1," "," ",1," "," ",1,1," "," ",148.148,13.5,1999.998,1,"A10","AA10","FV"," "," "," "]
["3834000071176",7117,"PUNICA","granatum",null,"30","25L",null,"1/2 tige","12/14P",null,null,null,null,"VRA","Vrac",1," "," ",1," "," ",1,1," "," ",60,13.5,810,1,"DC25101A","DCCC101225","FV"," "," "," "]
["3834000072159",7215,"ABELIA","grandiflora",null,"25","10L",null,"touffe","40/50",null,null,null,null,"VRA","Vrac",1," "," ",1," "," ",1,1," "," ",148.148,13.5,1999.998,1,"A10405","AA405010","FV"," "," "," "]
["3834000072166",7216,"CALLISTEMON","laevis",null,"25","10L",null,"touffe","50/60",null,null,null,null,"VRA","Vrac",1," "," ",1," "," ",1,1," "," ",148.148,13.5,1999.998,1,"A10405","AA405010","FV"," "," "," "]
["3834000072173",7217,"METROSIDEROS","excelsa",null,"25","10L",null,"touffe","40/50",null,null,null,null,"VRA","Vrac",1," "," ",1," "," ",1,1," "," ",148.148,13.5,1999.998,1,"A10405","AA405010","FV"," "," "," "]
[]
[]
[]
[]
[]
[]
[]
[]
[]
[]
[]
[]
[]
[]
[]
[]
[]
[]
[]
[]
[]
[]
[]
[]
[]
[]
[null,null,null,null,null,null,null,null,null,null,null,null,null,null,null,"NB DE COND",null,null,null,null,null,null,null,null,null,"TOTAL",null,null,null,null,null,null,null,{"$f":"SUM(AH12:AH117)","v":0},"TOTAL",{"$f":"SUM(AJ12:AJ117)","v":0}]

{"sheet":"FV Tarif_BI","index":2,"n_rows":118,"n_cols":37,"rows_kept":118,"cut":false,"hidden":false,"merged":[[9,7,9,8],[7,11,7,34],[8,10,8,11],[8,12,8,34],[2,11,2,34],[3,11,3,34],[4,11,4,34],[5,10,5,34],[6,11,6,14],[6,16,6,34]]}
[null,null,null,null,null,null,null,"Retrouvez en italique Notre Sélection",null,null,"Fournisseur :","PM"]
[null,null,"Pascal HABAULT : acheteur / commercial"]
[null,null," Tél : 06 21 76 93 63",null,null,null,null,"Espagne",null,null,"TVA INTRA :"]
[null,null,"Isabelle NAULET : administratif / suivi commercial / logistique ",null,null,null,null,"PALMACEA vous propose en direct,  un grand choix de végétaux issu de ses producteurs",null,null,"Client :"]
[null,null," Tél : 06 23 38 03 49",null,null,null,null,"Prix départ, tarif transport sur demande",null,null,"Adresse :"]
[null,null,"Fax : 00 33 4 26 30 35 44"]
[null,null,"Mail : contact@palmacea.com",null,null,null,null,null,null,null,"Tél :",null,null,null,null,"Fax :"]
[null,null,null,null,null,null,null,null,null,null,"Mail :"]
[null,null,null,null,null,null,null,null,null,null,"Semaine de livraison :"]
["Code barre ","Code","Genre","Espèce Variété","Etat","Diam pot","Litrage","Présentation ",null,"Taille","Diam tête","HT total","Parcelle","Photo","Conditionnement","Conditionnement","Qte cond","Votre cde","Tarif départ ","Qte cond","Votre cde ","Tarif départ ","Nb cond","Qte cond total","Votre cde","Tarif départ ","Nb de cond ou plantes par ML","Metrage camion","Qte plt / camion","Cond / default","Code pour tri","pour tri","Initiale fournisseur","Montant Cde","PV TTC","Métrage"]
["CODE_BARRE","CODE","GENRE","ESPECE_VARIETE","ETAT","DIAM_POT","LITRAGE","PRESENTATION","PRESENTATION2","TAILLE","DIAM_TETE","HT_TOTAL","PARCELLE","IMAGE","CONDITION","CONDITION3","QTE_COND","VOTRE_CDE","VOTRE_CDE4","QTE_COND5","VOTRE_CDE6","VOTRE_CDE7","NB_COND","QTE_ROLL","VOTRE_CDE8","VOTRE_CDE9","NB_PLT_CAM","METRAGE_CAM","QTE_PLT_CAM","COND_DEF","CODE_TRI","TRI","INITIAL_FOURN","MONT_CDE","PVTTC","METRAGE","NOTRE_SELECTION"]
["3834000072180",7218,"CHAMAEROPS","humilis",null,"25","10L",null,null,"50/60",null,null,null,null,"VRA","Vrac",1," "," ",1," "," ",1,1," "," ",148.148,13.5,1999.998,1,"A10405","AA405010","FV"," "," "," "]
["3834000072197",7219,"NOLINA","nelsonii",null,"25","10L",null,null,"50/60",null,null,null,null,"VRA","Vrac",1," "," ",1," "," ",1,1," "," ",148.148,13.5,1999.998,1,"A10405","AA405010","FV"," "," "," "]
["3834000056401",5640,"DASYLIRION","longissimum",null,"25","10L",null,null,"50/70",null,null,null,null,"VRA","Vrac",1," "," ",1," "," ",1,1," "," ",148.148,13.5,1999.998,1,"A10405","AA405010","FV"," "," "," ","Notre Sélection"]
["3834000056418",5641,"DASYLIRION","serratifolia",null,"25","10L",null,null,"50/70",null,null,null,null,"VRA","Vrac",1," "," ",1," "," ",1,1," "," ",148.148,13.5,1999.998,1,"A10405","AA405010","FV"," "," "," ","Notre Sélection"]
["3834000056425",5642,"DASYLIRION","serratifolia",null,"30","15L",null,null,"80/100",null,null,null,null,"VRA","Vrac",1," "," ",1," "," ",1,1," "," ",96.444000000000003,13.5,1301.9940000000001,1,"A15607","AA607015","FV"," "," "," "]
["3834000056432",5643,"DASYLIRION","wheeleri",null,"25","10L",null,null,"50/70",null,null,null,null,"VRA","Vrac",1," "," ",1," "," ",1,1," "," ",148.148,13.5,1999.998,1,"A10405","AA405010","FV"," "," "," ","Notre Sélection"]
["3834000072012",7201,"PISTACIA","lentiscus",null,"25","10L",null,"touffe","50/70",null,null,null,null,"VRA","Vrac",1," "," ",1," "," ",1,1," "," ",148.148,13.5,1999.998,1,"A10405","AA405010","FV"," "," "," "]
["3834000072203",7220,"DASYLIRION","longifolia",null,"25","10L",null,null,"40/50",null,null,null,null,"VRA","Vrac",1," "," ",1," "," ",1,1," "," ",148.148,13.5,1999.998,1,"A10405","AA405010","FV"," "," "," "]
["3834000057958",5795,"CITRUS","kumquat","en fruits","25","10L",null,"1/2 tige",null,null,null,null,null,"VRA","Vrac",1," "," ",1," "," ",1,1," "," ",148.148,13.5,1999.998,1,"A10405","AA405010","FV"," "," "," ","Notre Sélection"]
["3834000057965",5796,"CITRUS","limon Eureka","en fruits","35","25L",null,"1/2 tige",null,null,null,null,null,"VRA","Vrac",1," "," ",1," "," ",1,1," "," ",60,13.5,810,1,"A256070","AA607025","FV"," "," "," "]
["3834000057972",5797,"CITRUS","sinensis","en fruits","35","25L",null,"1/2 tige",null,null,null,null,null,"VRA","Vrac",1," "," ",1," "," ",1,1," "," ",60,13.5,810,1,"A256070","AA607025","FV"," "," "," "]
["3834000058788",5878,"CITRUS","sinensis Lane late","en fruits","30","15L",null,"1/2 tige",null,null,null,null,null,"VRA","Vrac",1," "," ",1," "," ",1,1," "," ",96.444000000000003,13.5,1301.9940000000001,1,"A1560752","AA607015A","FV"," "," "," ","Notre Sélection"]
["3834000058795",5879,"CITRUS","sinensis Taroco rosso","en fruits","30","15L",null,"1/2 tige",null,null,null,null,null,"VRA","Vrac",1," "," ",1," "," ",1,1," "," ",96.444000000000003,13.5,1301.9940000000001,1,"A1560752","AA607015A","FV"," "," "," "]
["3834000058801",5880,"CITRUS","sinensis Valencia delta seedless","en fruits","30","15L",null,"1/2 tige",null,null,null,null,null,"VRA","Vrac",1," "," ",1," "," ",1,1," "," ",96.444000000000003,13.5,1301.9940000000001,1,"A1560752","AA607015A","FV"," "," "," "]
["3834000058603",5860,"OLEA","europaea","février","30","15L","Cipressino","1/4 tige bola","12/14P",null,null,null,null,"VRA","Vrac",1," "," ",1," "," ",1,1," "," ",96.444000000000003,13.5,1301.9940000000001,1,"DC15B","DCE15","FV"," "," "," ","Notre Sélection"]
["3834000058337",5833,"CITRUS","lima bears",null,"30","15L",null,"1/2 tige",null,null,null,null,null,"VRA","Vrac",1," "," ",1," "," ",1,1," "," ",96.444000000000003,13.5,1301.9940000000001,1,"A1560752","AA607015A","FV"," "," "," ","Notre Sélection"]
["3834000058344",5834,"CITRUS","limon Eureka",null,"30","15L",null,"1/2 tige",null,null,null,null,null,"VRA","Vrac",1," "," ",1," "," ",1,1," "," ",96.444000000000003,13.5,1301.9940000000001,1,"A1560752","AA607015A","FV"," "," "," ","Notre Sélection"]
["3834000058351",5835,"CITRUS","mandarino Clemenules - nulessin",null,"30","15L",null,"1/2 tige",null,null,null,null,null,"VRA","Vrac",1," "," ",1," "," ",1,1," "," ",96.444000000000003,13.5,1301.9940000000001,1,"A1560752","AA607015A","FV"," "," "," ","Notre Sélection"]
["3834000056456",5645,"PUNICA","granatum",null,"30","15L",null,"1/2 tige","10/12P",null,null,null,null,"VRA","Vrac",1," "," ",1," "," ",1,1," "," ",96.444000000000003,13.5,1301.9940000000001,1,"A1560","AA608015","FV"," "," "," "]
["3834000056463",5646,"HESPERALOE","parviflora",null,"25","10L",null,null,"50/70",null,null,null,null,"VRA","Vrac",1," "," ",1," "," ",1,1," "," ",148.148,13.5,1999.998,1,"A10405","AA405010","FV"," "," "," ","Notre Sélection"]
["3834000058368",5836,"CITRUS","sinensis Navelina","en fruits","30","15L",null,"1/2 tige",null,null,null,null,null,"VRA","Vrac",1," "," ",1," "," ",1,1," "," ",96.444000000000003,13.5,1301.9940000000001,1,"A1560752","AA607015A","FV"," "," "," ","Notre Sélection"]
["3834000058610",5861,"AGAVE","attenuata",null,"35","25L",null,null,null,null,null,null,null,"VRA","Vrac",1," "," ",1," "," ",1,1," "," ",48.148000000000003,13.5,649.99800000000005,1,"A25","AB25","FV"," "," "," "]
["3834000058375",5837,"WASHINGTONIA","robusta",null,"25","10L",null,"3 plantes","80/100",null,null,null,null,"VRA","Vrac",1," "," ",1," "," ",1,1," "," ",148.148,13.5,1999.998,1,"A1040","AA406010","FV"," "," "," "]
["3834000059495",5949,"AGAVE","angustifolia",null,"25","10L",null,null,null,null,null,null,null,"VRA","Vrac",1," "," ",1," "," ",1,1," "," ",148.148,13.5,1999.998,1,"A10","AA10","FV"," "," "," "]
["3834000058429",5842,"OLEA","europaea",null,"30","15L","Cipressino","pyramide","160/180",null,null,null,null,"VRA","Vrac",1," "," ",1," "," ",1,1," "," ",96.444000000000003,13.5,1301.9940000000001,1,"AC15140","ACA14016015","FV"," "," "," "]
["3834000059501",5950,"AGAVE","decipiens",null,"25","10L",null,null,null,null,null,null,null,"VRA","Vrac",1," "," ",1," "," ",1,1," "," ",148.148,13.5,1999.998,1,"A10","AA10","FV"," "," "," "]
["3834000056470",5647,"OLEA","europaea",null,"25","10L","Cipressino","touffe","60/80",null,null,null,null,"VRA","Vrac",1," "," ",1," "," ",1,1," "," ",148.148,13.5,1999.998,1,"A840","A40608","FV"," "," "," ","Notre Sélection"]
["3834000056487",5648,"OLEA","europaea","février","30","15L","Cipressino","touffe","80/100",null,null,null,null,"VRA","Vrac",1," "," ",1," "," ",1,1," "," ",96.444000000000003,13.5,1301.9940000000001,1,"A12","AA12","FV"," "," "," ","Notre Sélection"]
["3834000056494",5649,"OLEA","europaea",null,"25","10L","Cipressino","1/2 tige","6/8P",null,null,null,null,"VRA","Vrac",1," "," ",1," "," ",1,1," "," ",148.148,13.5,1999.998,1,"DC25810","DCB81025","FV"," "," "," ","Notre Sélection"]
["3834000056500",5650,"OLEA","europaea",null,"30","15L","Cipressino","1/2 tige","8/10P",null,null,null,null,"VRA","Vrac",1," "," ",1," "," ",1,1," "," ",96.444000000000003,13.5,1301.9940000000001,1,"DC251012","DCCB101225","FV"," "," "," ","Notre Sélection"]
["3834000056531",5653,"PITTOSPORUM","tobira Nana","février","25","10L",null,"touffe","30/40",null,null,null,null,"VRA","Vrac",1," "," ",1," "," ",1,1," "," ",148.148,13.5,1999.998,1,"A10405","AA405010","FV"," "," "," "]
["3834000066462",6646,"AGAVE","americana Variegata",null,"35","25L",null,null,null,null,null,null,null,"VRA","Vrac",1," "," ",1," "," ",1,1," "," ",48.148000000000003,13.5,649.99800000000005,1,"A25","AB25","FV"," "," "," "]
["3834000056555",5655,"POLYGALA","myrtifolia",null,"25","10L",null,"touffe","30/40",null,null,null,null,"VRA","Vrac",1," "," ",1," "," ",1,1," "," ",148.148,13.5,1999.998,1,"A10405","AA405010","FV"," "," "," ","Notre Sélection"]
["3834000056562",5656,"POLYGALA","myrtifolia","février","25","10L",null,"1/2 tige",null,null,null,null,null,"VRA","Vrac",1," "," ",1," "," ",1,1," "," ",148.148,13.5,1999.998,1,"A10405","AA405010","FV"," "," "," ","Notre Sélection"]
["3834000058627",5862,"CITRUS","pomelos Star ruby","en fruits","30","15L",null,"1/2 tige",null,null,null,null,null,"VRA","Vrac",1," "," ",1," "," ",1,1," "," ",96.444000000000003,13.5,1301.9940000000001,1,"A1560752","AA607015A","FV"," "," "," "]
["3834000058634",5863,"CITRUS","limequat","en fruits","30","15L",null,"1/2 tige",null,null,null,null,null,"VRA","Vrac",1," "," ",1," "," ",1,1," "," ",96.444000000000003,13.5,1301.9940000000001,1,"A1560752","AA607015A","FV"," "," "," ","Notre Sélection"]
["3834000058597",5859,"CHAMAEROPS","humilis",null,"30","15L",null,null,"70/90",null,null,null,null,"VRA","Vrac",1," "," ",1," "," ",1,1," "," ",61.110999999999997,13.5,824.99849999999992,1,"A15607","AA607015","FV"," "," "," ","Notre Sélection"]
["3834000056579",5657,"TEUCRIUM","fruticans",null,"25","10L",null,"touffe","40/50",null,null,null,null,"VRA","Vrac",1," "," ",1," "," ",1,1," "," ",148.148,13.5,1999.998,1,"A10405","AA405010","FV"," "," "," "]
["3834000062860",6286,"AGAVE","horrida",null,"35","25L",null,null,null,null,null,null,null,"VRA","Vrac",1," "," ",1," "," ",1,1," "," ",48.148000000000003,13.5,649.99800000000005,1,"A25","AB25","FV"," "," "," "]
["3834000062877",6287,"AGAVE","montana",null,"25","10L",null,null,null,null,null,null,null,"VRA","Vrac",1," "," ",1," "," ",1,1," "," ",148.148,13.5,1999.998,1,"A10","AA10","FV"," "," "," "]
["3834000062884",6288,"AGAVE","ovatifolia",null,"25","10L",null,null,null,null,null,null,null,"VRA","Vrac",1," "," ",1," "," ",1,1," "," ",148.148,13.5,1999.998,1,"A10","AA10","FV"," "," "," "]
["3834000056593",5659,"WASHINGTONIA","robusta",null,"25","10L",null,"1 plante","80/100",null,null,null,null,"VRA","Vrac",1," "," ",1," "," ",1,1," "," ",148.148,13.5,1999.998,1,"A10405","AA405010","FV"," "," "," ","Notre Sélection"]
["3834000056616",5661,"WESTRINGIA","fruticosa",null,"25","10L",null,"boule","50/60",null,null,null,null,"VRA","Vrac",1," "," ",1," "," ",1,1," "," ",148.148,13.5,1999.998,1,"A10405","AA405010","FV"," "," "," "]
["3834000056623",5662,"WESTRINGIA","longifolia",null,"25","10L",null,"boule","50/60",null,null,null,null,"VRA","Vrac",1," "," ",1," "," ",1,1," "," ",148.148,13.5,1999.998,1,"A10405","AA405010","FV"," "," "," "]
["3834000056654",5665,"TRACHYCARPUS","fortunei","février","25","10L",null,"3 plantes","40/60",null,null,null,null,"VRA","Vrac",1," "," ",1," "," ",1,1," "," ",148.148,13.5,1999.998,1,"A10405","AA405010","FV"," "," "," ","Notre Sélection"]
["3834000056661",5666,"TRACHYCARPUS","fortunei","février","20","5L",null,"3 plantes",null,null,null,null,null,"VRA","Vrac",1," "," ",1," "," ",1,1," "," ",322.22199999999998,13.5,4349.9969999999994,1,"A5","A5","FV"," "," "," "]
["3834000057545",5754,"AGAVE","mediopicta",null,"25","10L",null,null,null,null,null,null,null,"VRA","Vrac",1," "," ",1," "," ",1,1," "," ",148.148,13.5,1999.998,1,"A10","AA10","FV"," "," "," "]
["3834000057613",5761,"AGAVE","lechuguilla",null,"25","10L",null,null,null,null,null,null,null,"VRA","Vrac",1," "," ",1," "," ",1,1," "," ",148.148,13.5,1999.998,1,"A10","AA10","FV"," "," "," "]
["3834000057644",5764,"AGAVE","decipiens",null,"30","15L",null,null,null,null,null,null,null,"VRA","Vrac",1," "," ",1," "," ",1,1," "," ",96.444000000000003,13.5,1301.9940000000001,1,"A15","AA15","FV"," "," "," "]
["3834000057804",5780,"CITRUS","microcitrus",null,"25","10L",null,"1/2 tige",null,null,null,null,null,"VRA","Vrac",1," "," ",1," "," ",1,1," "," ",148.148,13.5,1999.998,1,"A10405","AA405010","FV"," "," "," "]
["3834000058856",5885,"CITRUS","lima bears",null,"30","15L","par 52 plantes ","1/2 tige",null,null,null,null,null,"VRA","Vrac",1," "," ",1," "," ",1,1," "," ",96.444000000000003,13.5,1301.9940000000001,1,"A15607","AA607015","FV"," "," "," ","Notre Sélection"]
["3834000058863",5886,"CITRUS","limequat","en fruits","30","15L","par 52 plantes ","1/2 tige",null,null,null,null,null,"VRA","Vrac",1," "," ",1," "," ",1,1," "," ",96.444000000000003,13.5,1301.9940000000001,1,"A15607","AA607015","FV"," "," "," ","Notre Sélection"]
["3834000058870",5887,"CITRUS","limon Eureka",null,"30","15L","par 52 plantes ","1/2 tige",null,null,null,null,null,"VRA","Vrac",1," "," ",1," "," ",1,1," "," ",96.444000000000003,13.5,1301.9940000000001,1,"A15607","AA607015","FV"," "," "," ","Notre Sélection"]
["3834000058887",5888,"CITRUS","mandarino Clemenules - nulessin",null,"30","15L","par 52 plantes ","1/2 tige",null,null,null,null,null,"VRA","Vrac",1," "," ",1," "," ",1,1," "," ",96.444000000000003,13.5,1301.9940000000001,1,"A15607","AA607015","FV"," "," "," ","Notre Sélection"]
["3834444458908",5890,"CITRUS","pomelos Star ruby","en fruits","30","15L","par 52 plantes ","1/2 tige",null,null,null,null,null,"VRA","Vrac",1," "," ",1," "," ",1,1," "," ",96.444000000000003,13.5,1301.9940000000001,1,"A15607","AA607015","FV"," "," "," "]
["3834000058917",5891,"CITRUS","sinensis Lane late","en fruits","30","15L","par 52 plantes ","1/2 tige",null,null,null,null,null,"VRA","Vrac",1," "," ",1," "," ",1,1," "," ",96.444000000000003,13.5,1301.9940000000001,1,"A15607","AA607015","FV"," "," "," ","Notre Sélection"]
["3834000058924",5892,"CITRUS","sinensis Navelina","en fruits","30","15L","par 52 plantes ","1/2 tige",null,null,null,null,null,"VRA","Vrac",1," "," ",1," "," ",1,1," "," ",96.444000000000003,13.5,1301.9940000000001,1,"A15607","AA607015","FV"," "," "," ","Notre Sélection"]
["3834000058931",5893,"CITRUS","sinensis Taroco rosso","en fruits","30","15L","par 52 plantes ","1/2 tige",null,null,null,null,null,"VRA","Vrac",1," "," ",1," "," ",1,1," "," ",96.444000000000003,13.5,1301.9940000000001,1,"A15607","AA607015","FV"," "," "," "]
["3834000058948",5894,"CITRUS","sinensis Valencia delta seedless","en fruits","30","15L","par 52 plantes ","1/2 tige",null,null,null,null,null,"VRA","Vrac",1," "," ",1," "," ",1,1," "," ",96.444000000000003,13.5,1301.9940000000001,1,"A15607","AA607015","FV"," "," "," "]
["0284000062842",6284,"OLEA","europaea","février","30","25L","Cipressino","1/2 tige","12/14P",null,null,null,null,"VRA","Vrac",1," "," ",1," "," ",1,1," "," ",60,13.5,810,1,"DC2512B","DCCC121425","FV"," "," "," "]
["3834000072029",7202,"AGAVE","tequilana",null,"25","10L",null,null,null,null,null,null,null,"VRA","Vrac",1," "," ",1," "," ",1,1," "," ",148.148,13.5,1999.998,1,"A10","AA10","FV"," "," "," "]
["3834000072500",7250,"AGAVE","attenuata",null,"25","10L",null,null,null,null,null,null,null,"VRA","Vrac",1," "," ",1," "," ",1,1," "," ",148.148,13.5,1999.998,1,"A10","AA10","FV"," "," "," "]
["3834000063294",6329,"CITRUS","lima bears",null,"35","25L",null,"1/2 tige",null,null,null,null,null,"VRA","Vrac",1," "," ",1," "," ",1,1," "," ",60,13.5,810,1,"A256070","AA607025","FV"," "," "," "]
["3834000063300",6330,"CITRUS","limequat",null,"35","25L",null,"1/2 tige",null,null,null,null,null,"VRA","Vrac",1," "," ",1," "," ",1,1," "," ",60,13.5,810,1,"A256070","AA607025","FV"," "," "," "]
["3834000066431",6643,"AGAVE","geminiflora",null,"25","10L",null,null,null,null,null,null,null,"VRA","Vrac",1," "," ",1," "," ",1,1," "," ",148.148,13.5,1999.998,1,"A10","AA10","FV"," "," "," ","Notre Sélection"]
["3834000063324",6332,"PISTACIA","lentiscus",null,"30","15L",null,"touffe","80/100",null,null,null,null,"VRA","Vrac",1," "," ",1," "," ",1,1," "," ",96.444000000000003,13.5,1301.9940000000001,1,"A12","AA12","FV"," "," "," "]
["3834000065519",6551,"AGAVE","americana Variegata",null,"25","10L",null,null,null,null,null,null,null,"VRA","Vrac",1," "," ",1," "," ",1,1," "," ",148.148,13.5,1999.998,1,"A10","AA10","FV"," "," "," ","Notre Sélection"]
["3834000072890",7289,"CORDYLINE","indivisa","février","25","10L",null,null,null,null,null,null,null,"VRA","Vrac",1," "," ",1," "," ",1,1," "," ",148.148,13.5,1999.998,1,"A10405","AA405010","FV"," "," "," "]
["3834000072906",7290,"GALVEZIA","","février","25","10L",null,"touffe",null,null,null,null,null,"VRA","Vrac",1," "," ",1," "," ",1,1," "," ",148.148,13.5,1999.998,1,"A10405","AA405010","FV"," "," "," "]
["3834000066110",6611,"OLEA","europaea",null,"25","10L","Cipressino","1/4 tige",null,null,null,null,null,"VRA","Vrac",1," "," ",1," "," ",1,1," "," ",148.148,13.5,1999.998,1,"DC1018","DCB10","FV"," "," "," ","Notre Sélection"]
["3834000071985",7198,"CITRUS","limon Eureka",null,"25","10L",null,"1/2 tige",null,null,null,null,null,"VRA","Vrac",1," "," ",1," "," ",1,1," "," ",148.148,13.5,1999.998,1,"A10405","AA405010","FV"," "," "," "]
["3834000071985",7199,"CITRUS","sinensis",null,"25","10L",null,"1/2 tige",null,null,null,null,null,"VRA","Vrac",1," "," ",1," "," ",1,1," "," ",148.148,13.5,1999.998,1,"A10405","AA405010","FV"," "," "," "]
["3834000072005",7200,"CITRUS","mandarino",null,"25","10L",null,"1/2 tige",null,null,null,null,null,"VRA","Vrac",1," "," ",1," "," ",1,1," "," ",148.148,13.5,1999.998,1,"A10405","AA405010","FV"," "," "," "]
["3834000058023",5802,"OLEA","europaea",null,null,"90L","Cipressino","pyramide","180/200",null,null,null,null,"VRA","Vrac",1," "," ",1," "," ",1,1," "," ",5.1849999999999996,13.5,69.997499999999988,1,"AC110300","AQCAB300350110","FV"," "," "," "]
["3834000071152",7115,"AGAVE","lophanta",null,"25","10L",null,null,null,null,null,null,null,"VRA","Vrac",1," "," ",1," "," ",1,1," "," ",148.148,13.5,1999.998,1,"A10","AA10","FV"," "," "," "]
["3834000071169",7116,"AGAVE","macroacantha Blue ribbon",null,"25","10L",null,null,null,null,null,null,null,"VRA","Vrac",1," "," ",1," "," ",1,1," "," ",148.148,13.5,1999.998,1,"A10","AA10","FV"," "," "," "]
["3834000071176",7117,"PUNICA","granatum",null,"30","25L",null,"1/2 tige","12/14P",null,null,null,null,"VRA","Vrac",1," "," ",1," "," ",1,1," "," ",60,13.5,810,1,"DC25101A","DCCC101225","FV"," "," "," "]
["3834000072159",7215,"ABELIA","grandiflora",null,"25","10L",null,"touffe","40/50",null,null,null,null,"VRA","Vrac",1," "," ",1," "," ",1,1," "," ",148.148,13.5,1999.998,1,"A10405","AA405010","FV"," "," "," "]
["3834000072166",7216,"CALLISTEMON","laevis",null,"25","10L",null,"touffe","50/60",null,null,null,null,"VRA","Vrac",1," "," ",1," "," ",1,1," "," ",148.148,13.5,1999.998,1,"A10405","AA405010","FV"," "," "," "]
["3834000072173",7217,"METROSIDEROS","excelsa",null,"25","10L",null,"touffe","40/50",null,null,null,null,"VRA","Vrac",1," "," ",1," "," ",1,1," "," ",148.148,13.5,1999.998,1,"A10405","AA405010","FV"," "," "," "]
[]
[]
[]
[]
[]
[]
[]
[]
[]
[]
[]
[]
[]
[]
[]
[]
[]
[]
[]
[]
[]
[]
[]
[]
[]
[]
[null,null,null,null,null,null,null,null,null,null,null,null,null,null,null,"NB DE COND",null,null,null,null,null,null,null,null,null,"TOTAL",null,null,null,null,null,null,null,{"$f":"SUM(AH12:AH117)","v":0},"TOTAL",{"$f":"SUM(AJ12:AJ117)","v":0}]

{"sheet":"FV Tarif_CC","index":3,"n_rows":118,"n_cols":37,"rows_kept":118,"cut":false,"hidden":false,"merged":[[9,7,9,8],[7,11,7,34],[8,10,8,11],[8,12,8,34],[2,11,2,34],[3,11,3,34],[4,11,4,34],[5,10,5,34],[6,11,6,14],[6,16,6,34]]}
[null,null,null,null,null,null,null,"Retrouvez en italique Notre Sélection",null,null,"Fournisseur :","PM"]
[null,null,"Pascal HABAULT : acheteur / commercial"]
[null,null," Tél : 06 21 76 93 63",null,null,null,null,"Espagne",null,null,"TVA INTRA :"]
[null,null,"Isabelle NAULET : administratif / suivi commercial / logistique ",null,null,null,null,"PALMACEA vous propose en direct,  un grand choix de végétaux issu de ses producteurs",null,null,"Client :"]
[null,null," Tél : 06 23 38 03 49",null,null,null,null,"Prix départ, tarif transport sur demande",null,null,"Adresse :"]
[null,null,"Fax : 00 33 4 26 30 35 44"]
[null,null,"Mail : contact@palmacea.com",null,null,null,null,null,null,null,"Tél :",null,null,null,null,"Fax :"]
[null,null,null,null,null,null,null,null,null,null,"Mail :"]
[null,null,null,null,null,null,null,null,null,null,"Semaine de livraison :"]
["Code barre ","Code","Genre","Espèce Variété","Etat","Diam pot","Litrage","Présentation ",null,"Taille","Diam tête","HT total","Parcelle","Photo","Conditionnement","Conditionnement","Qte cond","Votre cde","Tarif départ ","Qte cond","Votre cde ","Tarif départ ","Nb cond","Qte cond total","Votre cde","Tarif départ ","Nb de cond ou plantes par ML","Metrage camion","Qte plt / camion","Cond / default","Code pour tri","pour tri","Initiale fournisseur","Montant Cde","PV TTC","Métrage"]
["CODE_BARRE","CODE","GENRE","ESPECE_VARIETE","ETAT","DIAM_POT","LITRAGE","PRESENTATION","PRESENTATION2","TAILLE","DIAM_TETE","HT_TOTAL","PARCELLE","IMAGE","CONDITION","CONDITION3","QTE_COND","VOTRE_CDE","VOTRE_CDE4","QTE_COND5","VOTRE_CDE6","VOTRE_CDE7","NB_COND","QTE_ROLL","VOTRE_CDE8","VOTRE_CDE9","NB_PLT_CAM","METRAGE_CAM","QTE_PLT_CAM","COND_DEF","CODE_TRI","TRI","INITIAL_FOURN","MONT_CDE","PVTTC","METRAGE","NOTRE_SELECTION"]
["3834000072180",7218,"CHAMAEROPS","humilis",null,"25","10L",null,null,"50/60",null,null,null,null,"VRA","Vrac",1," "," ",1," "," ",1,1," "," ",148.148,13.5,1999.998,1,"A10405","AA405010","FV"," "," "," "]
["3834000072197",7219,"NOLINA","nelsonii",null,"25","10L",null,null,"50/60",null,null,null,null,"VRA","Vrac",1," "," ",1," "," ",1,1," "," ",148.148,13.5,1999.998,1,"A10405","AA405010","FV"," "," "," "]
["3834000056401",5640,"DASYLIRION","longissimum",null,"25","10L",null,null,"50/70",null,null,null,null,"VRA","Vrac",1," "," ",1," "," ",1,1," "," ",148.148,13.5,1999.998,1,"A10405","AA405010","FV"," "," "," ","Notre Sélection"]
["3834000056418",5641,"DASYLIRION","serratifolia",null,"25","10L",null,null,"50/70",null,null,null,null,"VRA","Vrac",1," "," ",1," "," ",1,1," "," ",148.148,13.5,1999.998,1,"A10405","AA405010","FV"," "," "," ","Notre Sélection"]
["3834000056425",5642,"DASYLIRION","serratifolia",null,"30","15L",null,null,"80/100",null,null,null,null,"VRA","Vrac",1," "," ",1," "," ",1,1," "," ",96.444000000000003,13.5,1301.9940000000001,1,"A15607","AA607015","FV"," "," "," "]
["3834000056432",5643,"DASYLIRION","wheeleri",null,"25","10L",null,null,"50/70",null,null,null,null,"VRA","Vrac",1," "," ",1," "," ",1,1," "," ",148.148,13.5,1999.998,1,"A10405","AA405010","FV"," "," "," ","Notre Sélection"]
["3834000072012",7201,"PISTACIA","lentiscus",null,"25","10L",null,"touffe","50/70",null,null,null,null,"VRA","Vrac",1," "," ",1," "," ",1,1," "," ",148.148,13.5,1999.998,1,"A10405","AA405010","FV"," "," "," "]
["3834000072203",7220,"DASYLIRION","longifolia",null,"25","10L",null,null,"40/50",null,null,null,null,"VRA","Vrac",1," "," ",1," "," ",1,1," "," ",148.148,13.5,1999.998,1,"A10405","AA405010","FV"," "," "," "]
["3834000057958",5795,"CITRUS","kumquat","en fruits","25","10L",null,"1/2 tige",null,null,null,null,null,"VRA","Vrac",1," "," ",1," "," ",1,1," "," ",148.148,13.5,1999.998,1,"A10405","AA405010","FV"," "," "," ","Notre Sélection"]
["3834000057965",5796,"CITRUS","limon Eureka","en fruits","35","25L",null,"1/2 tige",null,null,null,null,null,"VRA","Vrac",1," "," ",1," "," ",1,1," "," ",60,13.5,810,1,"A256070","AA607025","FV"," "," "," "]
["3834000057972",5797,"CITRUS","sinensis","en fruits","35","25L",null,"1/2 tige",null,null,null,null,null,"VRA","Vrac",1," "," ",1," "," ",1,1," "," ",60,13.5,810,1,"A256070","AA607025","FV"," "," "," "]
["3834000058788",5878,"CITRUS","sinensis Lane late","en fruits","30","15L",null,"1/2 tige",null,null,null,null,null,"VRA","Vrac",1," "," ",1," "," ",1,1," "," ",96.444000000000003,13.5,1301.9940000000001,1,"A1560752","AA607015A","FV"," "," "," ","Notre Sélection"]
["3834000058795",5879,"CITRUS","sinensis Taroco rosso","en fruits","30","15L",null,"1/2 tige",null,null,null,null,null,"VRA","Vrac",1," "," ",1," "," ",1,1," "," ",96.444000000000003,13.5,1301.9940000000001,1,"A1560752","AA607015A","FV"," "," "," "]
["3834000058801",5880,"CITRUS","sinensis Valencia delta seedless","en fruits","30","15L",null,"1/2 tige",null,null,null,null,null,"VRA","Vrac",1," "," ",1," "," ",1,1," "," ",96.444000000000003,13.5,1301.9940000000001,1,"A1560752","AA607015A","FV"," "," "," "]
["3834000058603",5860,"OLEA","europaea","février","30","15L","Cipressino","1/4 tige bola","12/14P",null,null,null,null,"VRA","Vrac",1," "," ",1," "," ",1,1," "," ",96.444000000000003,13.5,1301.9940000000001,1,"DC15B","DCE15","FV"," "," "," ","Notre Sélection"]
["3834000058337",5833,"CITRUS","lima bears",null,"30","15L",null,"1/2 tige",null,null,null,null,null,"VRA","Vrac",1," "," ",1," "," ",1,1," "," ",96.444000000000003,13.5,1301.9940000000001,1,"A1560752","AA607015A","FV"," "," "," ","Notre Sélection"]
["3834000058344",5834,"CITRUS","limon Eureka",null,"30","15L",null,"1/2 tige",null,null,null,null,null,"VRA","Vrac",1," "," ",1," "," ",1,1," "," ",96.444000000000003,13.5,1301.9940000000001,1,"A1560752","AA607015A","FV"," "," "," ","Notre Sélection"]
["3834000058351",5835,"CITRUS","mandarino Clemenules - nulessin",null,"30","15L",null,"1/2 tige",null,null,null,null,null,"VRA","Vrac",1," "," ",1," "," ",1,1," "," ",96.444000000000003,13.5,1301.9940000000001,1,"A1560752","AA607015A","FV"," "," "," ","Notre Sélection"]
["3834000056456",5645,"PUNICA","granatum",null,"30","15L",null,"1/2 tige","10/12P",null,null,null,null,"VRA","Vrac",1," "," ",1," "," ",1,1," "," ",96.444000000000003,13.5,1301.9940000000001,1,"A1560","AA608015","FV"," "," "," "]
["3834000056463",5646,"HESPERALOE","parviflora",null,"25","10L",null,null,"50/70",null,null,null,null,"VRA","Vrac",1," "," ",1," "," ",1,1," "," ",148.148,13.5,1999.998,1,"A10405","AA405010","FV"," "," "," ","Notre Sélection"]
["3834000058368",5836,"CITRUS","sinensis Navelina","en fruits","30","15L",null,"1/2 tige",null,null,null,null,null,"VRA","Vrac",1," "," ",1," "," ",1,1," "," ",96.444000000000003,13.5,1301.9940000000001,1,"A1560752","AA607015A","FV"," "," "," ","Notre Sélection"]
["3834000058610",5861,"AGAVE","attenuata",null,"35","25L",null,null,null,null,null,null,null,"VRA","Vrac",1," "," ",1," "," ",1,1," "," ",48.148000000000003,13.5,649.99800000000005,1,"A25","AB25","FV"," "," "," "]
["3834000058375",5837,"WASHINGTONIA","robusta",null,"25","10L",null,"3 plantes","80/100",null,null,null,null,"VRA","Vrac",1," "," ",1," "," ",1,1," "," ",148.148,13.5,1999.998,1,"A1040","AA406010","FV"," "," "," "]
["3834000059495",5949,"AGAVE","angustifolia",null,"25","10L",null,null,null,null,null,null,null,"VRA","Vrac",1," "," ",1," "," ",1,1," "," ",148.148,13.5,1999.998,1,"A10","AA10","FV"," "," "," "]
["3834000058429",5842,"OLEA","europaea",null,"30","15L","Cipressino","pyramide","160/180",null,null,null,null,"VRA","Vrac",1," "," ",1," "," ",1,1," "," ",96.444000000000003,13.5,1301.9940000000001,1,"AC15140","ACA14016015","FV"," "," "," "]
["3834000059501",5950,"AGAVE","decipiens",null,"25","10L",null,null,null,null,null,null,null,"VRA","Vrac",1," "," ",1," "," ",1,1," "," ",148.148,13.5,1999.998,1,"A10","AA10","FV"," "," "," "]
["3834000056470",5647,"OLEA","europaea",null,"25","10L","Cipressino","touffe","60/80",null,null,null,null,"VRA","Vrac",1," "," ",1," "," ",1,1," "," ",148.148,13.5,1999.998,1,"A840","A40608","FV"," "," "," ","Notre Sélection"]
["3834000056487",5648,"OLEA","europaea","février","30","15L","Cipressino","touffe","80/100",null,null,null,null,"VRA","Vrac",1," "," ",1," "," ",1,1," "," ",96.444000000000003,13.5,1301.9940000000001,1,"A12","AA12","FV"," "," "," ","Notre Sélection"]
["3834000056494",5649,"OLEA","europaea",null,"25","10L","Cipressino","1/2 tige","6/8P",null,null,null,null,"VRA","Vrac",1," "," ",1," "," ",1,1," "," ",148.148,13.5,1999.998,1,"DC25810","DCB81025","FV"," "," "," ","Notre Sélection"]
["3834000056500",5650,"OLEA","europaea",null,"30","15L","Cipressino","1/2 tige","8/10P",null,null,null,null,"VRA","Vrac",1," "," ",1," "," ",1,1," "," ",96.444000000000003,13.5,1301.9940000000001,1,"DC251012","DCCB101225","FV"," "," "," ","Notre Sélection"]
["3834000056531",5653,"PITTOSPORUM","tobira Nana","février","25","10L",null,"touffe","30/40",null,null,null,null,"VRA","Vrac",1," "," ",1," "," ",1,1," "," ",148.148,13.5,1999.998,1,"A10405","AA405010","FV"," "," "," "]
["3834000066462",6646,"AGAVE","americana Variegata",null,"35","25L",null,null,null,null,null,null,null,"VRA","Vrac",1," "," ",1," "," ",1,1," "," ",48.148000000000003,13.5,649.99800000000005,1,"A25","AB25","FV"," "," "," "]
["3834000056555",5655,"POLYGALA","myrtifolia",null,"25","10L",null,"touffe","30/40",null,null,null,null,"VRA","Vrac",1," "," ",1," "," ",1,1," "," ",148.148,13.5,1999.998,1,"A10405","AA405010","FV"," "," "," ","Notre Sélection"]
["3834000056562",5656,"POLYGALA","myrtifolia","février","25","10L",null,"1/2 tige",null,null,null,null,null,"VRA","Vrac",1," "," ",1," "," ",1,1," "," ",148.148,13.5,1999.998,1,"A10405","AA405010","FV"," "," "," ","Notre Sélection"]
["3834000058627",5862,"CITRUS","pomelos Star ruby","en fruits","30","15L",null,"1/2 tige",null,null,null,null,null,"VRA","Vrac",1," "," ",1," "," ",1,1," "," ",96.444000000000003,13.5,1301.9940000000001,1,"A1560752","AA607015A","FV"," "," "," "]
["3834000058634",5863,"CITRUS","limequat","en fruits","30","15L",null,"1/2 tige",null,null,null,null,null,"VRA","Vrac",1," "," ",1," "," ",1,1," "," ",96.444000000000003,13.5,1301.9940000000001,1,"A1560752","AA607015A","FV"," "," "," ","Notre Sélection"]
["3834000058597",5859,"CHAMAEROPS","humilis",null,"30","15L",null,null,"70/90",null,null,null,null,"VRA","Vrac",1," "," ",1," "," ",1,1," "," ",61.110999999999997,13.5,824.99849999999992,1,"A15607","AA607015","FV"," "," "," ","Notre Sélection"]
["3834000056579",5657,"TEUCRIUM","fruticans",null,"25","10L",null,"touffe","40/50",null,null,null,null,"VRA","Vrac",1," "," ",1," "," ",1,1," "," ",148.148,13.5,1999.998,1,"A10405","AA405010","FV"," "," "," "]
["3834000062860",6286,"AGAVE","horrida",null,"35","25L",null,null,null,null,null,null,null,"VRA","Vrac",1," "," ",1," "," ",1,1," "," ",48.148000000000003,13.5,649.99800000000005,1,"A25","AB25","FV"," "," "," "]
["3834000062877",6287,"AGAVE","montana",null,"25","10L",null,null,null,null,null,null,null,"VRA","Vrac",1," "," ",1," "," ",1,1," "," ",148.148,13.5,1999.998,1,"A10","AA10","FV"," "," "," "]
["3834000062884",6288,"AGAVE","ovatifolia",null,"25","10L",null,null,null,null,null,null,null,"VRA","Vrac",1," "," ",1," "," ",1,1," "," ",148.148,13.5,1999.998,1,"A10","AA10","FV"," "," "," "]
["3834000056593",5659,"WASHINGTONIA","robusta",null,"25","10L",null,"1 plante","80/100",null,null,null,null,"VRA","Vrac",1," "," ",1," "," ",1,1," "," ",148.148,13.5,1999.998,1,"A10405","AA405010","FV"," "," "," ","Notre Sélection"]
["3834000056616",5661,"WESTRINGIA","fruticosa",null,"25","10L",null,"boule","50/60",null,null,null,null,"VRA","Vrac",1," "," ",1," "," ",1,1," "," ",148.148,13.5,1999.998,1,"A10405","AA405010","FV"," "," "," "]
["3834000056623",5662,"WESTRINGIA","longifolia",null,"25","10L",null,"boule","50/60",null,null,null,null,"VRA","Vrac",1," "," ",1," "," ",1,1," "," ",148.148,13.5,1999.998,1,"A10405","AA405010","FV"," "," "," "]
["3834000056654",5665,"TRACHYCARPUS","fortunei","février","25","10L",null,"3 plantes","40/60",null,null,null,null,"VRA","Vrac",1," "," ",1," "," ",1,1," "," ",148.148,13.5,1999.998,1,"A10405","AA405010","FV"," "," "," ","Notre Sélection"]
["3834000056661",5666,"TRACHYCARPUS","fortunei","février","20","5L",null,"3 plantes",null,null,null,null,null,"VRA","Vrac",1," "," ",1," "," ",1,1," "," ",322.22199999999998,13.5,4349.9969999999994,1,"A5","A5","FV"," "," "," "]
["3834000057545",5754,"AGAVE","mediopicta",null,"25","10L",null,null,null,null,null,null,null,"VRA","Vrac",1," "," ",1," "," ",1,1," "," ",148.148,13.5,1999.998,1,"A10","AA10","FV"," "," "," "]
["3834000057613",5761,"AGAVE","lechuguilla",null,"25","10L",null,null,null,null,null,null,null,"VRA","Vrac",1," "," ",1," "," ",1,1," "," ",148.148,13.5,1999.998,1,"A10","AA10","FV"," "," "," "]
["3834000057644",5764,"AGAVE","decipiens",null,"30","15L",null,null,null,null,null,null,null,"VRA","Vrac",1," "," ",1," "," ",1,1," "," ",96.444000000000003,13.5,1301.9940000000001,1,"A15","AA15","FV"," "," "," "]
["3834000057804",5780,"CITRUS","microcitrus",null,"25","10L",null,"1/2 tige",null,null,null,null,null,"VRA","Vrac",1," "," ",1," "," ",1,1," "," ",148.148,13.5,1999.998,1,"A10405","AA405010","FV"," "," "," "]
["3834000058856",5885,"CITRUS","lima bears",null,"30","15L","par 52 plantes ","1/2 tige",null,null,null,null,null,"VRA","Vrac",1," "," ",1," "," ",1,1," "," ",96.444000000000003,13.5,1301.9940000000001,1,"A15607","AA607015","FV"," "," "," ","Notre Sélection"]
["3834000058863",5886,"CITRUS","limequat","en fruits","30","15L","par 52 plantes ","1/2 tige",null,null,null,null,null,"VRA","Vrac",1," "," ",1," "," ",1,1," "," ",96.444000000000003,13.5,1301.9940000000001,1,"A15607","AA607015","FV"," "," "," ","Notre Sélection"]
["3834000058870",5887,"CITRUS","limon Eureka",null,"30","15L","par 52 plantes ","1/2 tige",null,null,null,null,null,"VRA","Vrac",1," "," ",1," "," ",1,1," "," ",96.444000000000003,13.5,1301.9940000000001,1,"A15607","AA607015","FV"," "," "," ","Notre Sélection"]
["3834000058887",5888,"CITRUS","mandarino Clemenules - nulessin",null,"30","15L","par 52 plantes ","1/2 tige",null,null,null,null,null,"VRA","Vrac",1," "," ",1," "," ",1,1," "," ",96.444000000000003,13.5,1301.9940000000001,1,"A15607","AA607015","FV"," "," "," ","Notre Sélection"]
["3834444458908",5890,"CITRUS","pomelos Star ruby","en fruits","30","15L","par 52 plantes ","1/2 tige",null,null,null,null,null,"VRA","Vrac",1," "," ",1," "," ",1,1," "," ",96.444000000000003,13.5,1301.9940000000001,1,"A15607","AA607015","FV"," "," "," "]
["3834000058917",5891,"CITRUS","sinensis Lane late","en fruits","30","15L","par 52 plantes ","1/2 tige",null,null,null,null,null,"VRA","Vrac",1," "," ",1," "," ",1,1," "," ",96.444000000000003,13.5,1301.9940000000001,1,"A15607","AA607015","FV"," "," "," ","Notre Sélection"]
["3834000058924",5892,"CITRUS","sinensis Navelina","en fruits","30","15L","par 52 plantes ","1/2 tige",null,null,null,null,null,"VRA","Vrac",1," "," ",1," "," ",1,1," "," ",96.444000000000003,13.5,1301.9940000000001,1,"A15607","AA607015","FV"," "," "," ","Notre Sélection"]
["3834000058931",5893,"CITRUS","sinensis Taroco rosso","en fruits","30","15L","par 52 plantes ","1/2 tige",null,null,null,null,null,"VRA","Vrac",1," "," ",1," "," ",1,1," "," ",96.444000000000003,13.5,1301.9940000000001,1,"A15607","AA607015","FV"," "," "," "]
["3834000058948",5894,"CITRUS","sinensis Valencia delta seedless","en fruits","30","15L","par 52 plantes ","1/2 tige",null,null,null,null,null,"VRA","Vrac",1," "," ",1," "," ",1,1," "," ",96.444000000000003,13.5,1301.9940000000001,1,"A15607","AA607015","FV"," "," "," "]
["0284000062842",6284,"OLEA","europaea","février","30","25L","Cipressino","1/2 tige","12/14P",null,null,null,null,"VRA","Vrac",1," "," ",1," "," ",1,1," "," ",60,13.5,810,1,"DC2512B","DCCC121425","FV"," "," "," "]
["3834000072029",7202,"AGAVE","tequilana",null,"25","10L",null,null,null,null,null,null,null,"VRA","Vrac",1," "," ",1," "," ",1,1," "," ",148.148,13.5,1999.998,1,"A10","AA10","FV"," "," "," "]
["3834000072500",7250,"AGAVE","attenuata",null,"25","10L",null,null,null,null,null,null,null,"VRA","Vrac",1," "," ",1," "," ",1,1," "," ",148.148,13.5,1999.998,1,"A10","AA10","FV"," "," "," "]
["3834000063294",6329,"CITRUS","lima bears",null,"35","25L",null,"1/2 tige",null,null,null,null,null,"VRA","Vrac",1," "," ",1," "," ",1,1," "," ",60,13.5,810,1,"A256070","AA607025","FV"," "," "," "]
["3834000063300",6330,"CITRUS","limequat",null,"35","25L",null,"1/2 tige",null,null,null,null,null,"VRA","Vrac",1," "," ",1," "," ",1,1," "," ",60,13.5,810,1,"A256070","AA607025","FV"," "," "," "]
["3834000066431",6643,"AGAVE","geminiflora",null,"25","10L",null,null,null,null,null,null,null,"VRA","Vrac",1," "," ",1," "," ",1,1," "," ",148.148,13.5,1999.998,1,"A10","AA10","FV"," "," "," ","Notre Sélection"]
["3834000063324",6332,"PISTACIA","lentiscus",null,"30","15L",null,"touffe","80/100",null,null,null,null,"VRA","Vrac",1," "," ",1," "," ",1,1," "," ",96.444000000000003,13.5,1301.9940000000001,1,"A12","AA12","FV"," "," "," "]
["3834000065519",6551,"AGAVE","americana Variegata",null,"25","10L",null,null,null,null,null,null,null,"VRA","Vrac",1," "," ",1," "," ",1,1," "," ",148.148,13.5,1999.998,1,"A10","AA10","FV"," "," "," ","Notre Sélection"]
["3834000072890",7289,"CORDYLINE","indivisa","février","25","10L",null,null,null,null,null,null,null,"VRA","Vrac",1," "," ",1," "," ",1,1," "," ",148.148,13.5,1999.998,1,"A10405","AA405010","FV"," "," "," "]
["3834000072906",7290,"GALVEZIA","","février","25","10L",null,"touffe",null,null,null,null,null,"VRA","Vrac",1," "," ",1," "," ",1,1," "," ",148.148,13.5,1999.998,1,"A10405","AA405010","FV"," "," "," "]
["3834000066110",6611,"OLEA","europaea",null,"25","10L","Cipressino","1/4 tige",null,null,null,null,null,"VRA","Vrac",1," "," ",1," "," ",1,1," "," ",148.148,13.5,1999.998,1,"DC1018","DCB10","FV"," "," "," ","Notre Sélection"]
["3834000071985",7198,"CITRUS","limon Eureka",null,"25","10L",null,"1/2 tige",null,null,null,null,null,"VRA","Vrac",1," "," ",1," "," ",1,1," "," ",148.148,13.5,1999.998,1,"A10405","AA405010","FV"," "," "," "]
["3834000071985",7199,"CITRUS","sinensis",null,"25","10L",null,"1/2 tige",null,null,null,null,null,"VRA","Vrac",1," "," ",1," "," ",1,1," "," ",148.148,13.5,1999.998,1,"A10405","AA405010","FV"," "," "," "]
["3834000072005",7200,"CITRUS","mandarino",null,"25","10L",null,"1/2 tige",null,null,null,null,null,"VRA","Vrac",1," "," ",1," "," ",1,1," "," ",148.148,13.5,1999.998,1,"A10405","AA405010","FV"," "," "," "]
["3834000058023",5802,"OLEA","europaea",null,null,"90L","Cipressino","pyramide","180/200",null,null,null,null,"VRA","Vrac",1," "," ",1," "," ",1,1," "," ",5.1849999999999996,13.5,69.997499999999988,1,"AC110300","AQCAB300350110","FV"," "," "," "]
["3834000071152",7115,"AGAVE","lophanta",null,"25","10L",null,null,null,null,null,null,null,"VRA","Vrac",1," "," ",1," "," ",1,1," "," ",148.148,13.5,1999.998,1,"A10","AA10","FV"," "," "," "]
["3834000071169",7116,"AGAVE","macroacantha Blue ribbon",null,"25","10L",null,null,null,null,null,null,null,"VRA","Vrac",1," "," ",1," "," ",1,1," "," ",148.148,13.5,1999.998,1,"A10","AA10","FV"," "," "," "]
["3834000071176",7117,"PUNICA","granatum",null,"30","25L",null,"1/2 tige","12/14P",null,null,null,null,"VRA","Vrac",1," "," ",1," "," ",1,1," "," ",60,13.5,810,1,"DC25101A","DCCC101225","FV"," "," "," "]
["3834000072159",7215,"ABELIA","grandiflora",null,"25","10L",null,"touffe","40/50",null,null,null,null,"VRA","Vrac",1," "," ",1," "," ",1,1," "," ",148.148,13.5,1999.998,1,"A10405","AA405010","FV"," "," "," "]
["3834000072166",7216,"CALLISTEMON","laevis",null,"25","10L",null,"touffe","50/60",null,null,null,null,"VRA","Vrac",1," "," ",1," "," ",1,1," "," ",148.148,13.5,1999.998,1,"A10405","AA405010","FV"," "," "," "]
["3834000072173",7217,"METROSIDEROS","excelsa",null,"25","10L",null,"touffe","40/50",null,null,null,null,"VRA","Vrac",1," "," ",1," "," ",1,1," "," ",148.148,13.5,1999.998,1,"A10405","AA405010","FV"," "," "," "]
[]
[]
[]
[]
[]
[]
[]
[]
[]
[]
[]
[]
[]
[]
[]
[]
[]
[]
[]
[]
[]
[]
[]
[]
[]
[]
[null,null,null,null,null,null,null,null,null,null,null,null,null,null,null,"NB DE COND",null,null,null,null,null,null,null,null,null,"TOTAL",null,null,null,null,null,null,null,{"$f":"SUM(AH12:AH117)","v":0},"TOTAL",{"$f":"SUM(AJ12:AJ117)","v":0}]

{"sheet":"FV Tarif_DO","index":4,"n_rows":92,"n_cols":37,"rows_kept":92,"cut":false,"hidden":false,"merged":[[9,7,9,8],[7,11,7,34],[8,10,8,11],[8,12,8,34],[2,11,2,34],[3,11,3,34],[4,11,4,34],[5,10,5,34],[6,11,6,14],[6,16,6,34]]}
[null,null,null,null,null,null,null,"Retrouvez en italique Notre Sélection",null,null,"Fournisseur :","PM"]
[null,null,"Pascal HABAULT : acheteur / commercial"]
[null,null," Tél : 06 21 76 93 63",null,null,null,null,"Espagne",null,null,"TVA INTRA :"]
[null,null,"Isabelle NAULET : administratif / suivi commercial / logistique ",null,null,null,null,"PALMACEA vous propose en direct,  un grand choix de végétaux issu de ses producteurs",null,null,"Client :"]
[null,null," Tél : 06 23 38 03 49",null,null,null,null,"Prix départ, tarif transport sur demande",null,null,"Adresse :"]
[null,null,"Fax : 00 33 4 26 30 35 44"]
[null,null,"Mail : contact@palmacea.com",null,null,null,null,null,null,null,"Tél :",null,null,null,null,"Fax :"]
[null,null,null,null,null,null,null,null,null,null,"Mail :"]
[null,null,null,null,null,null,null,null,null,null,"Semaine de livraison :"]
["Code barre ","Code","Genre","Espèce Variété","Etat","Diam pot","Litrage","Présentation ",null,"Taille","Diam tête","HT total","Parcelle","Photo","Conditionnement","Conditionnement","Qte cond","Votre cde","Tarif départ ","Qte cond","Votre cde ","Tarif départ ","Nb cond","Qte cond total","Votre cde","Tarif départ ","Nb de cond ou plantes par ML","Metrage camion","Qte plt / camion","Cond / default","Code pour tri","pour tri","Initiale fournisseur","Montant Cde","PV TTC","Métrage"]
["CODE_BARRE","CODE","GENRE","ESPECE_VARIETE","ETAT","DIAM_POT","LITRAGE","PRESENTATION","PRESENTATION2","TAILLE","DIAM_TETE","HT_TOTAL","PARCELLE","IMAGE","CONDITION","CONDITION3","QTE_COND","VOTRE_CDE","VOTRE_CDE4","QTE_COND5","VOTRE_CDE6","VOTRE_CDE7","NB_COND","QTE_ROLL","VOTRE_CDE8","VOTRE_CDE9","NB_PLT_CAM","METRAGE_CAM","QTE_PLT_CAM","COND_DEF","CODE_TRI","TRI","INITIAL_FOURN","MONT_CDE","PVTTC","METRAGE","NOTRE_SELECTION"]
["3834000072180",7218,"CHAMAEROPS","humilis",null,"25","10L",null,null,"50/60",null,null,null,null,"VRA","Vrac",1," "," ",1," "," ",1,1," "," ",148.148,13.5,1999.998,1,"A10405","AA405010","FV"," "," "," "]
["3834000072197",7219,"NOLINA","nelsonii",null,"25","10L",null,null,"50/60",null,null,null,null,"VRA","Vrac",1," "," ",1," "," ",1,1," "," ",148.148,13.5,1999.998,1,"A10405","AA405010","FV"," "," "," "]
["3834000056401",5640,"DASYLIRION","longissimum",null,"25","10L",null,null,"50/70",null,null,null,null,"VRA","Vrac",1," "," ",1," "," ",1,1," "," ",148.148,13.5,1999.998,1,"A10405","AA405010","FV"," "," "," ","Notre Sélection"]
["3834000056418",5641,"DASYLIRION","serratifolia",null,"25","10L",null,null,"50/70",null,null,null,null,"VRA","Vrac",1," "," ",1," "," ",1,1," "," ",148.148,13.5,1999.998,1,"A10405","AA405010","FV"," "," "," ","Notre Sélection"]
["3834000056425",5642,"DASYLIRION","serratifolia",null,"30","15L",null,null,"80/100",null,null,null,null,"VRA","Vrac",1," "," ",1," "," ",1,1," "," ",96.444000000000003,13.5,1301.9940000000001,1,"A15607","AA607015","FV"," "," "," "]
["3834000056432",5643,"DASYLIRION","wheeleri",null,"25","10L",null,null,"50/70",null,null,null,null,"VRA","Vrac",1," "," ",1," "," ",1,1," "," ",148.148,13.5,1999.998,1,"A10405","AA405010","FV"," "," "," ","Notre Sélection"]
["3834000072012",7201,"PISTACIA","lentiscus",null,"25","10L",null,"touffe","50/70",null,null,null,null,"VRA","Vrac",1," "," ",1," "," ",1,1," "," ",148.148,13.5,1999.998,1,"A10405","AA405010","FV"," "," "," "]
["3834000072203",7220,"DASYLIRION","longifolia",null,"25","10L",null,null,"40/50",null,null,null,null,"VRA","Vrac",1," "," ",1," "," ",1,1," "," ",148.148,13.5,1999.998,1,"A10405","AA405010","FV"," "," "," "]
["3834000057958",5795,"CITRUS","kumquat","en fruits","25","10L",null,"1/2 tige",null,null,null,null,null,"VRA","Vrac",1," "," ",1," "," ",1,1," "," ",148.148,13.5,1999.998,1,"A10405","AA405010","FV"," "," "," ","Notre Sélection"]
["3834000057965",5796,"CITRUS","limon Eureka","en fruits","35","25L",null,"1/2 tige",null,null,null,null,null,"VRA","Vrac",1," "," ",1," "," ",1,1," "," ",60,13.5,810,1,"A256070","AA607025","FV"," "," "," "]
["3834000057972",5797,"CITRUS","sinensis","en fruits","35","25L",null,"1/2 tige",null,null,null,null,null,"VRA","Vrac",1," "," ",1," "," ",1,1," "," ",60,13.5,810,1,"A256070","AA607025","FV"," "," "," "]
["3834000058788",5878,"CITRUS","sinensis Lane late","en fruits","30","15L",null,"1/2 tige",null,null,null,null,null,"VRA","Vrac",1," "," ",1," "," ",1,1," "," ",96.444000000000003,13.5,1301.9940000000001,1,"A1560752","AA607015A","FV"," "," "," ","Notre Sélection"]
["3834000058795",5879,"CITRUS","sinensis Taroco rosso","en fruits","30","15L",null,"1/2 tige",null,null,null,null,null,"VRA","Vrac",1," "," ",1," "," ",1,1," "," ",96.444000000000003,13.5,1301.9940000000001,1,"A1560752","AA607015A","FV"," "," "," "]
["3834000058801",5880,"CITRUS","sinensis Valencia delta seedless","en fruits","30","15L",null,"1/2 tige",null,null,null,null,null,"VRA","Vrac",1," "," ",1," "," ",1,1," "," ",96.444000000000003,13.5,1301.9940000000001,1,"A1560752","AA607015A","FV"," "," "," "]
["3834000058603",5860,"OLEA","europaea","février","30","15L","Cipressino","1/4 tige bola","12/14P",null,null,null,null,"VRA","Vrac",1," "," ",1," "," ",1,1," "," ",96.444000000000003,13.5,1301.9940000000001,1,"DC15B","DCE15","FV"," "," "," ","Notre Sélection"]
["3834000058337",5833,"CITRUS","lima bears",null,"30","15L",null,"1/2 tige",null,null,null,null,null,"VRA","Vrac",1," "," ",1," "," ",1,1," "," ",96.444000000000003,13.5,1301.9940000000001,1,"A1560752","AA607015A","FV"," "," "," ","Notre Sélection"]
["3834000058344",5834,"CITRUS","limon Eureka",null,"30","15L",null,"1/2 tige",null,null,null,null,null,"VRA","Vrac",1," "," ",1," "," ",1,1," "," ",96.444000000000003,13.5,1301.9940000000001,1,"A1560752","AA607015A","FV"," "," "," ","Notre Sélection"]
["3834000058351",5835,"CITRUS","mandarino Clemenules - nulessin",null,"30","15L",null,"1/2 tige",null,null,null,null,null,"VRA","Vrac",1," "," ",1," "," ",1,1," "," ",96.444000000000003,13.5,1301.9940000000001,1,"A1560752","AA607015A","FV"," "," "," ","Notre Sélection"]
["3834000056456",5645,"PUNICA","granatum",null,"30","15L",null,"1/2 tige","10/12P",null,null,null,null,"VRA","Vrac",1," "," ",1," "," ",1,1," "," ",96.444000000000003,13.5,1301.9940000000001,1,"A1560","AA608015","FV"," "," "," "]
["3834000056463",5646,"HESPERALOE","parviflora",null,"25","10L",null,null,"50/70",null,null,null,null,"VRA","Vrac",1," "," ",1," "," ",1,1," "," ",148.148,13.5,1999.998,1,"A10405","AA405010","FV"," "," "," ","Notre Sélection"]
["3834000058368",5836,"CITRUS","sinensis Navelina","en fruits","30","15L",null,"1/2 tige",null,null,null,null,null,"VRA","Vrac",1," "," ",1," "," ",1,1," "," ",96.444000000000003,13.5,1301.9940000000001,1,"A1560752","AA607015A","FV"," "," "," ","Notre Sélection"]
["3834000058610",5861,"AGAVE","attenuata",null,"35","25L",null,null,null,null,null,null,null,"VRA","Vrac",1," "," ",1," "," ",1,1," "," ",48.148000000000003,13.5,649.99800000000005,1,"A25","AB25","FV"," "," "," "]
["3834000058375",5837,"WASHINGTONIA","robusta",null,"25","10L",null,"3 plantes","80/100",null,null,null,null,"VRA","Vrac",1," "," ",1," "," ",1,1," "," ",148.148,13.5,1999.998,1,"A1040","AA406010","FV"," "," "," "]
["3834000059495",5949,"AGAVE","angustifolia",null,"25","10L",null,null,null,null,null,null,null,"VRA","Vrac",1," "," ",1," "," ",1,1," "," ",148.148,13.5,1999.998,1,"A10","AA10","FV"," "," "," "]
["3834000058429",5842,"OLEA","europaea",null,"30","15L","Cipressino","pyramide","160/180",null,null,null,null,"VRA","Vrac",1," "," ",1," "," ",1,1," "," ",96.444000000000003,13.5,1301.9940000000001,1,"AC15140","ACA14016015","FV"," "," "," "]
["3834000059501",5950,"AGAVE","decipiens",null,"25","10L",null,null,null,null,null,null,null,"VRA","Vrac",1," "," ",1," "," ",1,1," "," ",148.148,13.5,1999.998,1,"A10","AA10","FV"," "," "," "]
["3834000056470",5647,"OLEA","europaea",null,"25","10L","Cipressino","touffe","60/80",null,null,null,null,"VRA","Vrac",1," "," ",1," "," ",1,1," "," ",148.148,13.5,1999.998,1,"A840","A40608","FV"," "," "," ","Notre Sélection"]
["3834000056487",5648,"OLEA","europaea","février","30","15L","Cipressino","touffe","80/100",null,null,null,null,"VRA","Vrac",1," "," ",1," "," ",1,1," "," ",96.444000000000003,13.5,1301.9940000000001,1,"A12","AA12","FV"," "," "," ","Notre Sélection"]
["3834000056494",5649,"OLEA","europaea",null,"25","10L","Cipressino","1/2 tige","6/8P",null,null,null,null,"VRA","Vrac",1," "," ",1," "," ",1,1," "," ",148.148,13.5,1999.998,1,"DC25810","DCB81025","FV"," "," "," ","Notre Sélection"]
["3834000056500",5650,"OLEA","europaea",null,"30","15L","Cipressino","1/2 tige","8/10P",null,null,null,null,"VRA","Vrac",1," "," ",1," "," ",1,1," "," ",96.444000000000003,13.5,1301.9940000000001,1,"DC251012","DCCB101225","FV"," "," "," ","Notre Sélection"]
["3834000056531",5653,"PITTOSPORUM","tobira Nana","février","25","10L",null,"touffe","30/40",null,null,null,null,"VRA","Vrac",1," "," ",1," "," ",1,1," "," ",148.148,13.5,1999.998,1,"A10405","AA405010","FV"," "," "," "]
["3834000066462",6646,"AGAVE","americana Variegata",null,"35","25L",null,null,null,null,null,null,null,"VRA","Vrac",1," "," ",1," "," ",1,1," "," ",48.148000000000003,13.5,649.99800000000005,1,"A25","AB25","FV"," "," "," "]
["3834000056555",5655,"POLYGALA","myrtifolia",null,"25","10L",null,"touffe","30/40",null,null,null,null,"VRA","Vrac",1," "," ",1," "," ",1,1," "," ",148.148,13.5,1999.998,1,"A10405","AA405010","FV"," "," "," ","Notre Sélection"]
["3834000056562",5656,"POLYGALA","myrtifolia","février","25","10L",null,"1/2 tige",null,null,null,null,null,"VRA","Vrac",1," "," ",1," "," ",1,1," "," ",148.148,13.5,1999.998,1,"A10405","AA405010","FV"," "," "," ","Notre Sélection"]
["3834000058627",5862,"CITRUS","pomelos Star ruby","en fruits","30","15L",null,"1/2 tige",null,null,null,null,null,"VRA","Vrac",1," "," ",1," "," ",1,1," "," ",96.444000000000003,13.5,1301.9940000000001,1,"A1560752","AA607015A","FV"," "," "," "]
["3834000058634",5863,"CITRUS","limequat","en fruits","30","15L",null,"1/2 tige",null,null,null,null,null,"VRA","Vrac",1," "," ",1," "," ",1,1," "," ",96.444000000000003,13.5,1301.9940000000001,1,"A1560752","AA607015A","FV"," "," "," ","Notre Sélection"]
["3834000058597",5859,"CHAMAEROPS","humilis",null,"30","15L",null,null,"70/90",null,null,null,null,"VRA","Vrac",1," "," ",1," "," ",1,1," "," ",61.110999999999997,13.5,824.99849999999992,1,"A15607","AA607015","FV"," "," "," ","Notre Sélection"]
["3834000056579",5657,"TEUCRIUM","fruticans",null,"25","10L",null,"touffe","40/50",null,null,null,null,"VRA","Vrac",1," "," ",1," "," ",1,1," "," ",148.148,13.5,1999.998,1,"A10405","AA405010","FV"," "," "," "]
["3834000062860",6286,"AGAVE","horrida",null,"35","25L",null,null,null,null,null,null,null,"VRA","Vrac",1," "," ",1," "," ",1,1," "," ",48.148000000000003,13.5,649.99800000000005,1,"A25","AB25","FV"," "," "," "]
["3834000062877",6287,"AGAVE","montana",null,"25","10L",null,null,null,null,null,null,null,"VRA","Vrac",1," "," ",1," "," ",1,1," "," ",148.148,13.5,1999.998,1,"A10","AA10","FV"," "," "," "]
["3834000062884",6288,"AGAVE","ovatifolia",null,"25","10L",null,null,null,null,null,null,null,"VRA","Vrac",1," "," ",1," "," ",1,1," "," ",148.148,13.5,1999.998,1,"A10","AA10","FV"," "," "," "]
["3834000056593",5659,"WASHINGTONIA","robusta",null,"25","10L",null,"1 plante","80/100",null,null,null,null,"VRA","Vrac",1," "," ",1," "," ",1,1," "," ",148.148,13.5,1999.998,1,"A10405","AA405010","FV"," "," "," ","Notre Sélection"]
["3834000056616",5661,"WESTRINGIA","fruticosa",null,"25","10L",null,"boule","50/60",null,null,null,null,"VRA","Vrac",1," "," ",1," "," ",1,1," "," ",148.148,13.5,1999.998,1,"A10405","AA405010","FV"," "," "," "]
["3834000056623",5662,"WESTRINGIA","longifolia",null,"25","10L",null,"boule","50/60",null,null,null,null,"VRA","Vrac",1," "," ",1," "," ",1,1," "," ",148.148,13.5,1999.998,1,"A10405","AA405010","FV"," "," "," "]
["3834000056654",5665,"TRACHYCARPUS","fortunei","février","25","10L",null,"3 plantes","40/60",null,null,null,null,"VRA","Vrac",1," "," ",1," "," ",1,1," "," ",148.148,13.5,1999.998,1,"A10405","AA405010","FV"," "," "," ","Notre Sélection"]
["3834000056661",5666,"TRACHYCARPUS","fortunei","février","20","5L",null,"3 plantes",null,null,null,null,null,"VRA","Vrac",1," "," ",1," "," ",1,1," "," ",322.22199999999998,13.5,4349.9969999999994,1,"A5","A5","FV"," "," "," "]
["3834000057545",5754,"AGAVE","mediopicta",null,"25","10L",null,null,null,null,null,null,null,"VRA","Vrac",1," "," ",1," "," ",1,1," "," ",148.148,13.5,1999.998,1,"A10","AA10","FV"," "," "," "]
["3834000057613",5761,"AGAVE","lechuguilla",null,"25","10L",null,null,null,null,null,null,null,"VRA","Vrac",1," "," ",1," "," ",1,1," "," ",148.148,13.5,1999.998,1,"A10","AA10","FV"," "," "," "]
["3834000057644",5764,"AGAVE","decipiens",null,"30","15L",null,null,null,null,null,null,null,"VRA","Vrac",1," "," ",1," "," ",1,1," "," ",96.444000000000003,13.5,1301.9940000000001,1,"A15","AA15","FV"," "," "," "]
["3834000057804",5780,"CITRUS","microcitrus",null,"25","10L",null,"1/2 tige",null,null,null,null,null,"VRA","Vrac",1," "," ",1," "," ",1,1," "," ",148.148,13.5,1999.998,1,"A10405","AA405010","FV"," "," "," "]
["3834000058856",5885,"CITRUS","lima bears",null,"30","15L","par 52 plantes ","1/2 tige",null,null,null,null,null,"VRA","Vrac",1," "," ",1," "," ",1,1," "," ",96.444000000000003,13.5,1301.9940000000001,1,"A15607","AA607015","FV"," "," "," ","Notre Sélection"]
["3834000058863",5886,"CITRUS","limequat","en fruits","30","15L","par 52 plantes ","1/2 tige",null,null,null,null,null,"VRA","Vrac",1," "," ",1," "," ",1,1," "," ",96.444000000000003,13.5,1301.9940000000001,1,"A15607","AA607015","FV"," "," "," ","Notre Sélection"]
["3834000058870",5887,"CITRUS","limon Eureka",null,"30","15L","par 52 plantes ","1/2 tige",null,null,null,null,null,"VRA","Vrac",1," "," ",1," "," ",1,1," "," ",96.444000000000003,13.5,1301.9940000000001,1,"A15607","AA607015","FV"," "," "," ","Notre Sélection"]
["3834000058887",5888,"CITRUS","mandarino Clemenules - nulessin",null,"30","15L","par 52 plantes ","1/2 tige",null,null,null,null,null,"VRA","Vrac",1," "," ",1," "," ",1,1," "," ",96.444000000000003,13.5,1301.9940000000001,1,"A15607","AA607015","FV"," "," "," ","Notre Sélection"]
["3834444458908",5890,"CITRUS","pomelos Star ruby","en fruits","30","15L","par 52 plantes ","1/2 tige",null,null,null,null,null,"VRA","Vrac",1," "," ",1," "," ",1,1," "," ",96.444000000000003,13.5,1301.9940000000001,1,"A15607","AA607015","FV"," "," "," "]
["3834000058917",5891,"CITRUS","sinensis Lane late","en fruits","30","15L","par 52 plantes ","1/2 tige",null,null,null,null,null,"VRA","Vrac",1," "," ",1," "," ",1,1," "," ",96.444000000000003,13.5,1301.9940000000001,1,"A15607","AA607015","FV"," "," "," ","Notre Sélection"]
["3834000058924",5892,"CITRUS","sinensis Navelina","en fruits","30","15L","par 52 plantes ","1/2 tige",null,null,null,null,null,"VRA","Vrac",1," "," ",1," "," ",1,1," "," ",96.444000000000003,13.5,1301.9940000000001,1,"A15607","AA607015","FV"," "," "," ","Notre Sélection"]
["3834000058931",5893,"CITRUS","sinensis Taroco rosso","en fruits","30","15L","par 52 plantes ","1/2 tige",null,null,null,null,null,"VRA","Vrac",1," "," ",1," "," ",1,1," "," ",96.444000000000003,13.5,1301.9940000000001,1,"A15607","AA607015","FV"," "," "," "]
["3834000058948",5894,"CITRUS","sinensis Valencia delta seedless","en fruits","30","15L","par 52 plantes ","1/2 tige",null,null,null,null,null,"VRA","Vrac",1," "," ",1," "," ",1,1," "," ",96.444000000000003,13.5,1301.9940000000001,1,"A15607","AA607015","FV"," "," "," "]
["0284000062842",6284,"OLEA","europaea","février","30","25L","Cipressino","1/2 tige","12/14P",null,null,null,null,"VRA","Vrac",1," "," ",1," "," ",1,1," "," ",60,13.5,810,1,"DC2512B","DCCC121425","FV"," "," "," "]
["3834000072029",7202,"AGAVE","tequilana",null,"25","10L",null,null,null,null,null,null,null,"VRA","Vrac",1," "," ",1," "," ",1,1," "," ",148.148,13.5,1999.998,1,"A10","AA10","FV"," "," "," "]
["3834000072500",7250,"AGAVE","attenuata",null,"25","10L",null,null,null,null,null,null,null,"VRA","Vrac",1," "," ",1," "," ",1,1," "," ",148.148,13.5,1999.998,1,"A10","AA10","FV"," "," "," "]
["3834000063294",6329,"CITRUS","lima bears",null,"35","25L",null,"1/2 tige",null,null,null,null,null,"VRA","Vrac",1," "," ",1," "," ",1,1," "," ",60,13.5,810,1,"A256070","AA607025","FV"," "," "," "]
["3834000063300",6330,"CITRUS","limequat",null,"35","25L",null,"1/2 tige",null,null,null,null,null,"VRA","Vrac",1," "," ",1," "," ",1,1," "," ",60,13.5,810,1,"A256070","AA607025","FV"," "," "," "]
["3834000066431",6643,"AGAVE","geminiflora",null,"25","10L",null,null,null,null,null,null,null,"VRA","Vrac",1," "," ",1," "," ",1,1," "," ",148.148,13.5,1999.998,1,"A10","AA10","FV"," "," "," ","Notre Sélection"]
["3834000063324",6332,"PISTACIA","lentiscus",null,"30","15L",null,"touffe","80/100",null,null,null,null,"VRA","Vrac",1," "," ",1," "," ",1,1," "," ",96.444000000000003,13.5,1301.9940000000001,1,"A12","AA12","FV"," "," "," "]
["3834000065519",6551,"AGAVE","americana Variegata",null,"25","10L",null,null,null,null,null,null,null,"VRA","Vrac",1," "," ",1," "," ",1,1," "," ",148.148,13.5,1999.998,1,"A10","AA10","FV"," "," "," ","Notre Sélection"]
["3834000072890",7289,"CORDYLINE","indivisa","février","25","10L",null,null,null,null,null,null,null,"VRA","Vrac",1," "," ",1," "," ",1,1," "," ",148.148,13.5,1999.998,1,"A10405","AA405010","FV"," "," "," "]
["3834000072906",7290,"GALVEZIA","","février","25","10L",null,"touffe",null,null,null,null,null,"VRA","Vrac",1," "," ",1," "," ",1,1," "," ",148.148,13.5,1999.998,1,"A10405","AA405010","FV"," "," "," "]
["3834000066110",6611,"OLEA","europaea",null,"25","10L","Cipressino","1/4 tige",null,null,null,null,null,"VRA","Vrac",1," "," ",1," "," ",1,1," "," ",148.148,13.5,1999.998,1,"DC1018","DCB10","FV"," "," "," ","Notre Sélection"]
["3834000071985",7198,"CITRUS","limon Eureka",null,"25","10L",null,"1/2 tige",null,null,null,null,null,"VRA","Vrac",1," "," ",1," "," ",1,1," "," ",148.148,13.5,1999.998,1,"A10405","AA405010","FV"," "," "," "]
["3834000071985",7199,"CITRUS","sinensis",null,"25","10L",null,"1/2 tige",null,null,null,null,null,"VRA","Vrac",1," "," ",1," "," ",1,1," "," ",148.148,13.5,1999.998,1,"A10405","AA405010","FV"," "," "," "]
["3834000072005",7200,"CITRUS","mandarino",null,"25","10L",null,"1/2 tige",null,null,null,null,null,"VRA","Vrac",1," "," ",1," "," ",1,1," "," ",148.148,13.5,1999.998,1,"A10405","AA405010","FV"," "," "," "]
["3834000058023",5802,"OLEA","europaea",null,null,"90L","Cipressino","pyramide","180/200",null,null,null,null,"VRA","Vrac",1," "," ",1," "," ",1,1," "," ",5.1849999999999996,13.5,69.997499999999988,1,"AC110300","AQCAB300350110","FV"," "," "," "]
["3834000071152",7115,"AGAVE","lophanta",null,"25","10L",null,null,null,null,null,null,null,"VRA","Vrac",1," "," ",1," "," ",1,1," "," ",148.148,13.5,1999.998,1,"A10","AA10","FV"," "," "," "]
["3834000071169",7116,"AGAVE","macroacantha Blue ribbon",null,"25","10L",null,null,null,null,null,null,null,"VRA","Vrac",1," "," ",1," "," ",1,1," "," ",148.148,13.5,1999.998,1,"A10","AA10","FV"," "," "," "]
["3834000071176",7117,"PUNICA","granatum",null,"30","25L",null,"1/2 tige","12/14P",null,null,null,null,"VRA","Vrac",1," "," ",1," "," ",1,1," "," ",60,13.5,810,1,"DC25101A","DCCC101225","FV"," "," "," "]
["3834000072159",7215,"ABELIA","grandiflora",null,"25","10L",null,"touffe","40/50",null,null,null,null,"VRA","Vrac",1," "," ",1," "," ",1,1," "," ",148.148,13.5,1999.998,1,"A10405","AA405010","FV"," "," "," "]
["3834000072166",7216,"CALLISTEMON","laevis",null,"25","10L",null,"touffe","50/60",null,null,null,null,"VRA","Vrac",1," "," ",1," "," ",1,1," "," ",148.148,13.5,1999.998,1,"A10405","AA405010","FV"," "," "," "]
["3834000072173",7217,"METROSIDEROS","excelsa",null,"25","10L",null,"touffe","40/50",null,null,null,null,"VRA","Vrac",1," "," ",1," "," ",1,1," "," ",148.148,13.5,1999.998,1,"A10405","AA405010","FV"," "," "," "]
["Total",null,null,null,null,null,null,null,null,null,null,null,null,null,null,null,null,null,null,null,null,null,null,null,null,null,null,null,null,null,null,null,null,null,null,null,{"$f":"SUBTOTAL(103,Tableau_Lancer_la_requête_à_partir_de_PALMACEA44624578910[NOTRE_SELECTION])","v":30}]

{"sheet":"FV Tarif_EL","index":5,"n_rows":92,"n_cols":37,"rows_kept":92,"cut":false,"hidden":false,"merged":[[9,7,9,8],[7,11,7,34],[8,10,8,11],[8,12,8,34],[2,11,2,34],[3,11,3,34],[4,11,4,34],[5,10,5,34],[6,11,6,14],[6,16,6,34]]}
[null,null,null,null,null,null,null,"Retrouvez en italique Notre Sélection",null,null,"Fournisseur :","PM"]
[null,null,"Pascal HABAULT : acheteur / commercial"]
[null,null," Tél : 06 21 76 93 63",null,null,null,null,"Espagne",null,null,"TVA INTRA :"]
[null,null,"Isabelle NAULET : administratif / suivi commercial / logistique ",null,null,null,null,"PALMACEA vous propose en direct,  un grand choix de végétaux issu de ses producteurs",null,null,"Client :"]
[null,null," Tél : 06 23 38 03 49",null,null,null,null,"Prix départ, tarif transport sur demande",null,null,"Adresse :"]
[null,null,"Fax : 00 33 4 26 30 35 44"]
[null,null,"Mail : contact@palmacea.com",null,null,null,null,null,null,null,"Tél :",null,null,null,null,"Fax :"]
[null,null,null,null,null,null,null,null,null,null,"Mail :"]
[null,null,null,null,null,null,null,null,null,null,"Semaine de livraison :"]
["Code barre ","Code","Genre","Espèce Variété","Etat","Diam pot","Litrage","Présentation ",null,"Taille","Diam tête","HT total","Parcelle","Photo","Conditionnement","Conditionnement","Qte cond","Votre cde","Tarif départ ","Qte cond","Votre cde ","Tarif départ ","Nb cond","Qte cond total","Votre cde","Tarif départ ","Nb de cond ou plantes par ML","Metrage camion","Qte plt / camion","Cond / default","Code pour tri","pour tri","Initiale fournisseur","Montant Cde","PV TTC","Métrage"]
["CODE_BARRE","CODE","GENRE","ESPECE_VARIETE","ETAT","DIAM_POT","LITRAGE","PRESENTATION","PRESENTATION2","TAILLE","DIAM_TETE","HT_TOTAL","PARCELLE","IMAGE","CONDITION","CONDITION3","QTE_COND","VOTRE_CDE","VOTRE_CDE4","QTE_COND5","VOTRE_CDE6","VOTRE_CDE7","NB_COND","QTE_ROLL","VOTRE_CDE8","VOTRE_CDE9","NB_PLT_CAM","METRAGE_CAM","QTE_PLT_CAM","COND_DEF","CODE_TRI","TRI","INITIAL_FOURN","MONT_CDE","PVTTC","METRAGE","NOTRE_SELECTION"]
["3834000072180",7218,"CHAMAEROPS","humilis",null,"25","10L",null,null,"50/60",null,null,null,null,"VRA","Vrac",1," "," ",1," "," ",1,1," "," ",148.148,13.5,1999.998,1,"A10405","AA405010","FV"," "," "," "]
["3834000072197",7219,"NOLINA","nelsonii",null,"25","10L",null,null,"50/60",null,null,null,null,"VRA","Vrac",1," "," ",1," "," ",1,1," "," ",148.148,13.5,1999.998,1,"A10405","AA405010","FV"," "," "," "]
["3834000056401",5640,"DASYLIRION","longissimum",null,"25","10L",null,null,"50/70",null,null,null,null,"VRA","Vrac",1," "," ",1," "," ",1,1," "," ",148.148,13.5,1999.998,1,"A10405","AA405010","FV"," "," "," ","Notre Sélection"]
["3834000056418",5641,"DASYLIRION","serratifolia",null,"25","10L",null,null,"50/70",null,null,null,null,"VRA","Vrac",1," "," ",1," "," ",1,1," "," ",148.148,13.5,1999.998,1,"A10405","AA405010","FV"," "," "," ","Notre Sélection"]
["3834000056425",5642,"DASYLIRION","serratifolia",null,"30","15L",null,null,"80/100",null,null,null,null,"VRA","Vrac",1," "," ",1," "," ",1,1," "," ",96.444000000000003,13.5,1301.9940000000001,1,"A15607","AA607015","FV"," "," "," "]
["3834000056432",5643,"DASYLIRION","wheeleri",null,"25","10L",null,null,"50/70",null,null,null,null,"VRA","Vrac",1," "," ",1," "," ",1,1," "," ",148.148,13.5,1999.998,1,"A10405","AA405010","FV"," "," "," ","Notre Sélection"]
["3834000072012",7201,"PISTACIA","lentiscus",null,"25","10L",null,"touffe","50/70",null,null,null,null,"VRA","Vrac",1," "," ",1," "," ",1,1," "," ",148.148,13.5,1999.998,1,"A10405","AA405010","FV"," "," "," "]
["3834000072203",7220,"DASYLIRION","longifolia",null,"25","10L",null,null,"40/50",null,null,null,null,"VRA","Vrac",1," "," ",1," "," ",1,1," "," ",148.148,13.5,1999.998,1,"A10405","AA405010","FV"," "," "," "]
["3834000057958",5795,"CITRUS","kumquat","en fruits","25","10L",null,"1/2 tige",null,null,null,null,null,"VRA","Vrac",1," "," ",1," "," ",1,1," "," ",148.148,13.5,1999.998,1,"A10405","AA405010","FV"," "," "," ","Notre Sélection"]
["3834000057965",5796,"CITRUS","limon Eureka","en fruits","35","25L",null,"1/2 tige",null,null,null,null,null,"VRA","Vrac",1," "," ",1," "," ",1,1," "," ",60,13.5,810,1,"A256070","AA607025","FV"," "," "," "]
["3834000057972",5797,"CITRUS","sinensis","en fruits","35","25L",null,"1/2 tige",null,null,null,null,null,"VRA","Vrac",1," "," ",1," "," ",1,1," "," ",60,13.5,810,1,"A256070","AA607025","FV"," "," "," "]
["3834000058788",5878,"CITRUS","sinensis Lane late","en fruits","30","15L",null,"1/2 tige",null,null,null,null,null,"VRA","Vrac",1," "," ",1," "," ",1,1," "," ",96.444000000000003,13.5,1301.9940000000001,1,"A1560752","AA607015A","FV"," "," "," ","Notre Sélection"]
["3834000058795",5879,"CITRUS","sinensis Taroco rosso","en fruits","30","15L",null,"1/2 tige",null,null,null,null,null,"VRA","Vrac",1," "," ",1," "," ",1,1," "," ",96.444000000000003,13.5,1301.9940000000001,1,"A1560752","AA607015A","FV"," "," "," "]
["3834000058801",5880,"CITRUS","sinensis Valencia delta seedless","en fruits","30","15L",null,"1/2 tige",null,null,null,null,null,"VRA","Vrac",1," "," ",1," "," ",1,1," "," ",96.444000000000003,13.5,1301.9940000000001,1,"A1560752","AA607015A","FV"," "," "," "]
["3834000058603",5860,"OLEA","europaea","février","30","15L","Cipressino","1/4 tige bola","12/14P",null,null,null,null,"VRA","Vrac",1," "," ",1," "," ",1,1," "," ",96.444000000000003,13.5,1301.9940000000001,1,"DC15B","DCE15","FV"," "," "," ","Notre Sélection"]
["3834000058337",5833,"CITRUS","lima bears",null,"30","15L",null,"1/2 tige",null,null,null,null,null,"VRA","Vrac",1," "," ",1," "," ",1,1," "," ",96.444000000000003,13.5,1301.9940000000001,1,"A1560752","AA607015A","FV"," "," "," ","Notre Sélection"]
["3834000058344",5834,"CITRUS","limon Eureka",null,"30","15L",null,"1/2 tige",null,null,null,null,null,"VRA","Vrac",1," "," ",1," "," ",1,1," "," ",96.444000000000003,13.5,1301.9940000000001,1,"A1560752","AA607015A","FV"," "," "," ","Notre Sélection"]
["3834000058351",5835,"CITRUS","mandarino Clemenules - nulessin",null,"30","15L",null,"1/2 tige",null,null,null,null,null,"VRA","Vrac",1," "," ",1," "," ",1,1," "," ",96.444000000000003,13.5,1301.9940000000001,1,"A1560752","AA607015A","FV"," "," "," ","Notre Sélection"]
["3834000056456",5645,"PUNICA","granatum",null,"30","15L",null,"1/2 tige","10/12P",null,null,null,null,"VRA","Vrac",1," "," ",1," "," ",1,1," "," ",96.444000000000003,13.5,1301.9940000000001,1,"A1560","AA608015","FV"," "," "," "]
["3834000056463",5646,"HESPERALOE","parviflora",null,"25","10L",null,null,"50/70",null,null,null,null,"VRA","Vrac",1," "," ",1," "," ",1,1," "," ",148.148,13.5,1999.998,1,"A10405","AA405010","FV"," "," "," ","Notre Sélection"]
["3834000058368",5836,"CITRUS","sinensis Navelina","en fruits","30","15L",null,"1/2 tige",null,null,null,null,null,"VRA","Vrac",1," "," ",1," "," ",1,1," "," ",96.444000000000003,13.5,1301.9940000000001,1,"A1560752","AA607015A","FV"," "," "," ","Notre Sélection"]
["3834000058610",5861,"AGAVE","attenuata",null,"35","25L",null,null,null,null,null,null,null,"VRA","Vrac",1," "," ",1," "," ",1,1," "," ",48.148000000000003,13.5,649.99800000000005,1,"A25","AB25","FV"," "," "," "]
["3834000058375",5837,"WASHINGTONIA","robusta",null,"25","10L",null,"3 plantes","80/100",null,null,null,null,"VRA","Vrac",1," "," ",1," "," ",1,1," "," ",148.148,13.5,1999.998,1,"A1040","AA406010","FV"," "," "," "]
["3834000059495",5949,"AGAVE","angustifolia",null,"25","10L",null,null,null,null,null,null,null,"VRA","Vrac",1," "," ",1," "," ",1,1," "," ",148.148,13.5,1999.998,1,"A10","AA10","FV"," "," "," "]
["3834000058429",5842,"OLEA","europaea",null,"30","15L","Cipressino","pyramide","160/180",null,null,null,null,"VRA","Vrac",1," "," ",1," "," ",1,1," "," ",96.444000000000003,13.5,1301.9940000000001,1,"AC15140","ACA14016015","FV"," "," "," "]
["3834000059501",5950,"AGAVE","decipiens",null,"25","10L",null,null,null,null,null,null,null,"VRA","Vrac",1," "," ",1," "," ",1,1," "," ",148.148,13.5,1999.998,1,"A10","AA10","FV"," "," "," "]
["3834000056470",5647,"OLEA","europaea",null,"25","10L","Cipressino","touffe","60/80",null,null,null,null,"VRA","Vrac",1," "," ",1," "," ",1,1," "," ",148.148,13.5,1999.998,1,"A840","A40608","FV"," "," "," ","Notre Sélection"]
["3834000056487",5648,"OLEA","europaea","février","30","15L","Cipressino","touffe","80/100",null,null,null,null,"VRA","Vrac",1," "," ",1," "," ",1,1," "," ",96.444000000000003,13.5,1301.9940000000001,1,"A12","AA12","FV"," "," "," ","Notre Sélection"]
["3834000056494",5649,"OLEA","europaea",null,"25","10L","Cipressino","1/2 tige","6/8P",null,null,null,null,"VRA","Vrac",1," "," ",1," "," ",1,1," "," ",148.148,13.5,1999.998,1,"DC25810","DCB81025","FV"," "," "," ","Notre Sélection"]
["3834000056500",5650,"OLEA","europaea",null,"30","15L","Cipressino","1/2 tige","8/10P",null,null,null,null,"VRA","Vrac",1," "," ",1," "," ",1,1," "," ",96.444000000000003,13.5,1301.9940000000001,1,"DC251012","DCCB101225","FV"," "," "," ","Notre Sélection"]
["3834000056531",5653,"PITTOSPORUM","tobira Nana","février","25","10L",null,"touffe","30/40",null,null,null,null,"VRA","Vrac",1," "," ",1," "," ",1,1," "," ",148.148,13.5,1999.998,1,"A10405","AA405010","FV"," "," "," "]
["3834000066462",6646,"AGAVE","americana Variegata",null,"35","25L",null,null,null,null,null,null,null,"VRA","Vrac",1," "," ",1," "," ",1,1," "," ",48.148000000000003,13.5,649.99800000000005,1,"A25","AB25","FV"," "," "," "]
["3834000056555",5655,"POLYGALA","myrtifolia",null,"25","10L",null,"touffe","30/40",null,null,null,null,"VRA","Vrac",1," "," ",1," "," ",1,1," "," ",148.148,13.5,1999.998,1,"A10405","AA405010","FV"," "," "," ","Notre Sélection"]
["3834000056562",5656,"POLYGALA","myrtifolia","février","25","10L",null,"1/2 tige",null,null,null,null,null,"VRA","Vrac",1," "," ",1," "," ",1,1," "," ",148.148,13.5,1999.998,1,"A10405","AA405010","FV"," "," "," ","Notre Sélection"]
["3834000058627",5862,"CITRUS","pomelos Star ruby","en fruits","30","15L",null,"1/2 tige",null,null,null,null,null,"VRA","Vrac",1," "," ",1," "," ",1,1," "," ",96.444000000000003,13.5,1301.9940000000001,1,"A1560752","AA607015A","FV"," "," "," "]
["3834000058634",5863,"CITRUS","limequat","en fruits","30","15L",null,"1/2 tige",null,null,null,null,null,"VRA","Vrac",1," "," ",1," "," ",1,1," "," ",96.444000000000003,13.5,1301.9940000000001,1,"A1560752","AA607015A","FV"," "," "," ","Notre Sélection"]
["3834000058597",5859,"CHAMAEROPS","humilis",null,"30","15L",null,null,"70/90",null,null,null,null,"VRA","Vrac",1," "," ",1," "," ",1,1," "," ",61.110999999999997,13.5,824.99849999999992,1,"A15607","AA607015","FV"," "," "," ","Notre Sélection"]
["3834000056579",5657,"TEUCRIUM","fruticans",null,"25","10L",null,"touffe","40/50",null,null,null,null,"VRA","Vrac",1," "," ",1," "," ",1,1," "," ",148.148,13.5,1999.998,1,"A10405","AA405010","FV"," "," "," "]
["3834000062860",6286,"AGAVE","horrida",null,"35","25L",null,null,null,null,null,null,null,"VRA","Vrac",1," "," ",1," "," ",1,1," "," ",48.148000000000003,13.5,649.99800000000005,1,"A25","AB25","FV"," "," "," "]
["3834000062877",6287,"AGAVE","montana",null,"25","10L",null,null,null,null,null,null,null,"VRA","Vrac",1," "," ",1," "," ",1,1," "," ",148.148,13.5,1999.998,1,"A10","AA10","FV"," "," "," "]
["3834000062884",6288,"AGAVE","ovatifolia",null,"25","10L",null,null,null,null,null,null,null,"VRA","Vrac",1," "," ",1," "," ",1,1," "," ",148.148,13.5,1999.998,1,"A10","AA10","FV"," "," "," "]
["3834000056593",5659,"WASHINGTONIA","robusta",null,"25","10L",null,"1 plante","80/100",null,null,null,null,"VRA","Vrac",1," "," ",1," "," ",1,1," "," ",148.148,13.5,1999.998,1,"A10405","AA405010","FV"," "," "," ","Notre Sélection"]
["3834000056616",5661,"WESTRINGIA","fruticosa",null,"25","10L",null,"boule","50/60",null,null,null,null,"VRA","Vrac",1," "," ",1," "," ",1,1," "," ",148.148,13.5,1999.998,1,"A10405","AA405010","FV"," "," "," "]
["3834000056623",5662,"WESTRINGIA","longifolia",null,"25","10L",null,"boule","50/60",null,null,null,null,"VRA","Vrac",1," "," ",1," "," ",1,1," "," ",148.148,13.5,1999.998,1,"A10405","AA405010","FV"," "," "," "]
["3834000056654",5665,"TRACHYCARPUS","fortunei","février","25","10L",null,"3 plantes","40/60",null,null,null,null,"VRA","Vrac",1," "," ",1," "," ",1,1," "," ",148.148,13.5,1999.998,1,"A10405","AA405010","FV"," "," "," ","Notre Sélection"]
["3834000056661",5666,"TRACHYCARPUS","fortunei","février","20","5L",null,"3 plantes",null,null,null,null,null,"VRA","Vrac",1," "," ",1," "," ",1,1," "," ",322.22199999999998,13.5,4349.9969999999994,1,"A5","A5","FV"," "," "," "]
["3834000057545",5754,"AGAVE","mediopicta",null,"25","10L",null,null,null,null,null,null,null,"VRA","Vrac",1," "," ",1," "," ",1,1," "," ",148.148,13.5,1999.998,1,"A10","AA10","FV"," "," "," "]
["3834000057613",5761,"AGAVE","lechuguilla",null,"25","10L",null,null,null,null,null,null,null,"VRA","Vrac",1," "," ",1," "," ",1,1," "," ",148.148,13.5,1999.998,1,"A10","AA10","FV"," "," "," "]
["3834000057644",5764,"AGAVE","decipiens",null,"30","15L",null,null,null,null,null,null,null,"VRA","Vrac",1," "," ",1," "," ",1,1," "," ",96.444000000000003,13.5,1301.9940000000001,1,"A15","AA15","FV"," "," "," "]
["3834000057804",5780,"CITRUS","microcitrus",null,"25","10L",null,"1/2 tige",null,null,null,null,null,"VRA","Vrac",1," "," ",1," "," ",1,1," "," ",148.148,13.5,1999.998,1,"A10405","AA405010","FV"," "," "," "]
["3834000058856",5885,"CITRUS","lima bears",null,"30","15L","par 52 plantes ","1/2 tige",null,null,null,null,null,"VRA","Vrac",1," "," ",1," "," ",1,1," "," ",96.444000000000003,13.5,1301.9940000000001,1,"A15607","AA607015","FV"," "," "," ","Notre Sélection"]
["3834000058863",5886,"CITRUS","limequat","en fruits","30","15L","par 52 plantes ","1/2 tige",null,null,null,null,null,"VRA","Vrac",1," "," ",1," "," ",1,1," "," ",96.444000000000003,13.5,1301.9940000000001,1,"A15607","AA607015","FV"," "," "," ","Notre Sélection"]
["3834000058870",5887,"CITRUS","limon Eureka",null,"30","15L","par 52 plantes ","1/2 tige",null,null,null,null,null,"VRA","Vrac",1," "," ",1," "," ",1,1," "," ",96.444000000000003,13.5,1301.9940000000001,1,"A15607","AA607015","FV"," "," "," ","Notre Sélection"]
["3834000058887",5888,"CITRUS","mandarino Clemenules - nulessin",null,"30","15L","par 52 plantes ","1/2 tige",null,null,null,null,null,"VRA","Vrac",1," "," ",1," "," ",1,1," "," ",96.444000000000003,13.5,1301.9940000000001,1,"A15607","AA607015","FV"," "," "," ","Notre Sélection"]
["3834444458908",5890,"CITRUS","pomelos Star ruby","en fruits","30","15L","par 52 plantes ","1/2 tige",null,null,null,null,null,"VRA","Vrac",1," "," ",1," "," ",1,1," "," ",96.444000000000003,13.5,1301.9940000000001,1,"A15607","AA607015","FV"," "," "," "]
["3834000058917",5891,"CITRUS","sinensis Lane late","en fruits","30","15L","par 52 plantes ","1/2 tige",null,null,null,null,null,"VRA","Vrac",1," "," ",1," "," ",1,1," "," ",96.444000000000003,13.5,1301.9940000000001,1,"A15607","AA607015","FV"," "," "," ","Notre Sélection"]
["3834000058924",5892,"CITRUS","sinensis Navelina","en fruits","30","15L","par 52 plantes ","1/2 tige",null,null,null,null,null,"VRA","Vrac",1," "," ",1," "," ",1,1," "," ",96.444000000000003,13.5,1301.9940000000001,1,"A15607","AA607015","FV"," "," "," ","Notre Sélection"]
["3834000058931",5893,"CITRUS","sinensis Taroco rosso","en fruits","30","15L","par 52 plantes ","1/2 tige",null,null,null,null,null,"VRA","Vrac",1," "," ",1," "," ",1,1," "," ",96.444000000000003,13.5,1301.9940000000001,1,"A15607","AA607015","FV"," "," "," "]
["3834000058948",5894,"CITRUS","sinensis Valencia delta seedless","en fruits","30","15L","par 52 plantes ","1/2 tige",null,null,null,null,null,"VRA","Vrac",1," "," ",1," "," ",1,1," "," ",96.444000000000003,13.5,1301.9940000000001,1,"A15607","AA607015","FV"," "," "," "]
["0284000062842",6284,"OLEA","europaea","février","30","25L","Cipressino","1/2 tige","12/14P",null,null,null,null,"VRA","Vrac",1," "," ",1," "," ",1,1," "," ",60,13.5,810,1,"DC2512B","DCCC121425","FV"," "," "," "]
["3834000072029",7202,"AGAVE","tequilana",null,"25","10L",null,null,null,null,null,null,null,"VRA","Vrac",1," "," ",1," "," ",1,1," "," ",148.148,13.5,1999.998,1,"A10","AA10","FV"," "," "," "]
["3834000072500",7250,"AGAVE","attenuata",null,"25","10L",null,null,null,null,null,null,null,"VRA","Vrac",1," "," ",1," "," ",1,1," "," ",148.148,13.5,1999.998,1,"A10","AA10","FV"," "," "," "]
["3834000063294",6329,"CITRUS","lima bears",null,"35","25L",null,"1/2 tige",null,null,null,null,null,"VRA","Vrac",1," "," ",1," "," ",1,1," "," ",60,13.5,810,1,"A256070","AA607025","FV"," "," "," "]
["3834000063300",6330,"CITRUS","limequat",null,"35","25L",null,"1/2 tige",null,null,null,null,null,"VRA","Vrac",1," "," ",1," "," ",1,1," "," ",60,13.5,810,1,"A256070","AA607025","FV"," "," "," "]
["3834000066431",6643,"AGAVE","geminiflora",null,"25","10L",null,null,null,null,null,null,null,"VRA","Vrac",1," "," ",1," "," ",1,1," "," ",148.148,13.5,1999.998,1,"A10","AA10","FV"," "," "," ","Notre Sélection"]
["3834000063324",6332,"PISTACIA","lentiscus",null,"30","15L",null,"touffe","80/100",null,null,null,null,"VRA","Vrac",1," "," ",1," "," ",1,1," "," ",96.444000000000003,13.5,1301.9940000000001,1,"A12","AA12","FV"," "," "," "]
["3834000065519",6551,"AGAVE","americana Variegata",null,"25","10L",null,null,null,null,null,null,null,"VRA","Vrac",1," "," ",1," "," ",1,1," "," ",148.148,13.5,1999.998,1,"A10","AA10","FV"," "," "," ","Notre Sélection"]
["3834000072890",7289,"CORDYLINE","indivisa","février","25","10L",null,null,null,null,null,null,null,"VRA","Vrac",1," "," ",1," "," ",1,1," "," ",148.148,13.5,1999.998,1,"A10405","AA405010","FV"," "," "," "]
["3834000072906",7290,"GALVEZIA","","février","25","10L",null,"touffe",null,null,null,null,null,"VRA","Vrac",1," "," ",1," "," ",1,1," "," ",148.148,13.5,1999.998,1,"A10405","AA405010","FV"," "," "," "]
["3834000066110",6611,"OLEA","europaea",null,"25","10L","Cipressino","1/4 tige",null,null,null,null,null,"VRA","Vrac",1," "," ",1," "," ",1,1," "," ",148.148,13.5,1999.998,1,"DC1018","DCB10","FV"," "," "," ","Notre Sélection"]
["3834000071985",7198,"CITRUS","limon Eureka",null,"25","10L",null,"1/2 tige",null,null,null,null,null,"VRA","Vrac",1," "," ",1," "," ",1,1," "," ",148.148,13.5,1999.998,1,"A10405","AA405010","FV"," "," "," "]
["3834000071985",7199,"CITRUS","sinensis",null,"25","10L",null,"1/2 tige",null,null,null,null,null,"VRA","Vrac",1," "," ",1," "," ",1,1," "," ",148.148,13.5,1999.998,1,"A10405","AA405010","FV"," "," "," "]
["3834000072005",7200,"CITRUS","mandarino",null,"25","10L",null,"1/2 tige",null,null,null,null,null,"VRA","Vrac",1," "," ",1," "," ",1,1," "," ",148.148,13.5,1999.998,1,"A10405","AA405010","FV"," "," "," "]
["3834000058023",5802,"OLEA","europaea",null,null,"90L","Cipressino","pyramide","180/200",null,null,null,null,"VRA","Vrac",1," "," ",1," "," ",1,1," "," ",5.1849999999999996,13.5,69.997499999999988,1,"AC110300","AQCAB300350110","FV"," "," "," "]
["3834000071152",7115,"AGAVE","lophanta",null,"25","10L",null,null,null,null,null,null,null,"VRA","Vrac",1," "," ",1," "," ",1,1," "," ",148.148,13.5,1999.998,1,"A10","AA10","FV"," "," "," "]
["3834000071169",7116,"AGAVE","macroacantha Blue ribbon",null,"25","10L",null,null,null,null,null,null,null,"VRA","Vrac",1," "," ",1," "," ",1,1," "," ",148.148,13.5,1999.998,1,"A10","AA10","FV"," "," "," "]
["3834000071176",7117,"PUNICA","granatum",null,"30","25L",null,"1/2 tige","12/14P",null,null,null,null,"VRA","Vrac",1," "," ",1," "," ",1,1," "," ",60,13.5,810,1,"DC25101A","DCCC101225","FV"," "," "," "]
["3834000072159",7215,"ABELIA","grandiflora",null,"25","10L",null,"touffe","40/50",null,null,null,null,"VRA","Vrac",1," "," ",1," "," ",1,1," "," ",148.148,13.5,1999.998,1,"A10405","AA405010","FV"," "," "," "]
["3834000072166",7216,"CALLISTEMON","laevis",null,"25","10L",null,"touffe","50/60",null,null,null,null,"VRA","Vrac",1," "," ",1," "," ",1,1," "," ",148.148,13.5,1999.998,1,"A10405","AA405010","FV"," "," "," "]
["3834000072173",7217,"METROSIDEROS","excelsa",null,"25","10L",null,"touffe","40/50",null,null,null,null,"VRA","Vrac",1," "," ",1," "," ",1,1," "," ",148.148,13.5,1999.998,1,"A10405","AA405010","FV"," "," "," "]
["Total",null,null,null,null,null,null,null,null,null,null,null,null,null,null,null,null,null,null,null,null,null,null,null,null,null,null,null,null,null,null,null,null,null,null,null,{"$f":"SUBTOTAL(103,Tableau_Lancer_la_requête_à_partir_de_PALMACEA4462457891011[NOTRE_SELECTION])","v":30}]

{"sheet":"FV Tarif_FA","index":6,"n_rows":92,"n_cols":37,"rows_kept":92,"cut":false,"hidden":false,"merged":[[9,7,9,8],[7,11,7,34],[8,10,8,11],[8,12,8,34],[2,11,2,34],[3,11,3,34],[4,11,4,34],[5,10,5,34],[6,11,6,14],[6,16,6,34]]}
[null,null,null,null,null,null,null,"Retrouvez en italique Notre Sélection",null,null,"Fournisseur :","PM"]
[null,null,"Pascal HABAULT : acheteur / commercial"]
[null,null," Tél : 06 21 76 93 63",null,null,null,null,"Espagne",null,null,"TVA INTRA :"]
[null,null,"Isabelle NAULET : administratif / suivi commercial / logistique ",null,null,null,null,"PALMACEA vous propose en direct,  un grand choix de végétaux issu de ses producteurs",null,null,"Client :"]
[null,null," Tél : 06 23 38 03 49",null,null,null,null,"Prix départ, tarif transport sur demande",null,null,"Adresse :"]
[null,null,"Fax : 00 33 4 26 30 35 44"]
[null,null,"Mail : contact@palmacea.com",null,null,null,null,null,null,null,"Tél :",null,null,null,null,"Fax :"]
[null,null,null,null,null,null,null,null,null,null,"Mail :"]
[null,null,null,null,null,null,null,null,null,null,"Semaine de livraison :"]
["Code barre ","Code","Genre","Espèce Variété","Etat","Diam pot","Litrage","Présentation ",null,"Taille","Diam tête","HT total","Parcelle","Photo","Conditionnement","Conditionnement","Qte cond","Votre cde","Tarif départ ","Qte cond","Votre cde ","Tarif départ ","Nb cond","Qte cond total","Votre cde","Tarif départ ","Nb de cond ou plantes par ML","Metrage camion","Qte plt / camion","Cond / default","Code pour tri","pour tri","Initiale fournisseur","Montant Cde","PV TTC","Métrage"]
["CODE_BARRE","CODE","GENRE","ESPECE_VARIETE","ETAT","DIAM_POT","LITRAGE","PRESENTATION","PRESENTATION2","TAILLE","DIAM_TETE","HT_TOTAL","PARCELLE","IMAGE","CONDITION","CONDITION3","QTE_COND","VOTRE_CDE","VOTRE_CDE4","QTE_COND5","VOTRE_CDE6","VOTRE_CDE7","NB_COND","QTE_ROLL","VOTRE_CDE8","VOTRE_CDE9","NB_PLT_CAM","METRAGE_CAM","QTE_PLT_CAM","COND_DEF","CODE_TRI","TRI","INITIAL_FOURN","MONT_CDE","PVTTC","METRAGE","NOTRE_SELECTION"]
["3834000072180",7218,"CHAMAEROPS","humilis",null,"25","10L",null,null,"50/60",null,null,null,null,"VRA","Vrac",1," "," ",1," "," ",1,1," "," ",148.148,13.5,1999.998,1,"A10405","AA405010","FV"," "," "," "]
["3834000072197",7219,"NOLINA","nelsonii",null,"25","10L",null,null,"50/60",null,null,null,null,"VRA","Vrac",1," "," ",1," "," ",1,1," "," ",148.148,13.5,1999.998,1,"A10405","AA405010","FV"," "," "," "]
["3834000056401",5640,"DASYLIRION","longissimum",null,"25","10L",null,null,"50/70",null,null,null,null,"VRA","Vrac",1," "," ",1," "," ",1,1," "," ",148.148,13.5,1999.998,1,"A10405","AA405010","FV"," "," "," ","Notre Sélection"]
["3834000056418",5641,"DASYLIRION","serratifolia",null,"25","10L",null,null,"50/70",null,null,null,null,"VRA","Vrac",1," "," ",1," "," ",1,1," "," ",148.148,13.5,1999.998,1,"A10405","AA405010","FV"," "," "," ","Notre Sélection"]
["3834000056425",5642,"DASYLIRION","serratifolia",null,"30","15L",null,null,"80/100",null,null,null,null,"VRA","Vrac",1," "," ",1," "," ",1,1," "," ",96.444000000000003,13.5,1301.9940000000001,1,"A15607","AA607015","FV"," "," "," "]
["3834000056432",5643,"DASYLIRION","wheeleri",null,"25","10L",null,null,"50/70",null,null,null,null,"VRA","Vrac",1," "," ",1," "," ",1,1," "," ",148.148,13.5,1999.998,1,"A10405","AA405010","FV"," "," "," ","Notre Sélection"]
["3834000072012",7201,"PISTACIA","lentiscus",null,"25","10L",null,"touffe","50/70",null,null,null,null,"VRA","Vrac",1," "," ",1," "," ",1,1," "," ",148.148,13.5,1999.998,1,"A10405","AA405010","FV"," "," "," "]
["3834000072203",7220,"DASYLIRION","longifolia",null,"25","10L",null,null,"40/50",null,null,null,null,"VRA","Vrac",1," "," ",1," "," ",1,1," "," ",148.148,13.5,1999.998,1,"A10405","AA405010","FV"," "," "," "]
["3834000057958",5795,"CITRUS","kumquat","en fruits","25","10L",null,"1/2 tige",null,null,null,null,null,"VRA","Vrac",1," "," ",1," "," ",1,1," "," ",148.148,13.5,1999.998,1,"A10405","AA405010","FV"," "," "," ","Notre Sélection"]
["3834000057965",5796,"CITRUS","limon Eureka","en fruits","35","25L",null,"1/2 tige",null,null,null,null,null,"VRA","Vrac",1," "," ",1," "," ",1,1," "," ",60,13.5,810,1,"A256070","AA607025","FV"," "," "," "]
["3834000057972",5797,"CITRUS","sinensis","en fruits","35","25L",null,"1/2 tige",null,null,null,null,null,"VRA","Vrac",1," "," ",1," "," ",1,1," "," ",60,13.5,810,1,"A256070","AA607025","FV"," "," "," "]
["3834000058788",5878,"CITRUS","sinensis Lane late","en fruits","30","15L",null,"1/2 tige",null,null,null,null,null,"VRA","Vrac",1," "," ",1," "," ",1,1," "," ",96.444000000000003,13.5,1301.9940000000001,1,"A1560752","AA607015A","FV"," "," "," ","Notre Sélection"]
["3834000058795",5879,"CITRUS","sinensis Taroco rosso","en fruits","30","15L",null,"1/2 tige",null,null,null,null,null,"VRA","Vrac",1," "," ",1," "," ",1,1," "," ",96.444000000000003,13.5,1301.9940000000001,1,"A1560752","AA607015A","FV"," "," "," "]
["3834000058801",5880,"CITRUS","sinensis Valencia delta seedless","en fruits","30","15L",null,"1/2 tige",null,null,null,null,null,"VRA","Vrac",1," "," ",1," "," ",1,1," "," ",96.444000000000003,13.5,1301.9940000000001,1,"A1560752","AA607015A","FV"," "," "," "]
["3834000058603",5860,"OLEA","europaea","février","30","15L","Cipressino","1/4 tige bola","12/14P",null,null,null,null,"VRA","Vrac",1," "," ",1," "," ",1,1," "," ",96.444000000000003,13.5,1301.9940000000001,1,"DC15B","DCE15","FV"," "," "," ","Notre Sélection"]
["3834000058337",5833,"CITRUS","lima bears",null,"30","15L",null,"1/2 tige",null,null,null,null,null,"VRA","Vrac",1," "," ",1," "," ",1,1," "," ",96.444000000000003,13.5,1301.9940000000001,1,"A1560752","AA607015A","FV"," "," "," ","Notre Sélection"]
["3834000058344",5834,"CITRUS","limon Eureka",null,"30","15L",null,"1/2 tige",null,null,null,null,null,"VRA","Vrac",1," "," ",1," "," ",1,1," "," ",96.444000000000003,13.5,1301.9940000000001,1,"A1560752","AA607015A","FV"," "," "," ","Notre Sélection"]
["3834000058351",5835,"CITRUS","mandarino Clemenules - nulessin",null,"30","15L",null,"1/2 tige",null,null,null,null,null,"VRA","Vrac",1," "," ",1," "," ",1,1," "," ",96.444000000000003,13.5,1301.9940000000001,1,"A1560752","AA607015A","FV"," "," "," ","Notre Sélection"]
["3834000056456",5645,"PUNICA","granatum",null,"30","15L",null,"1/2 tige","10/12P",null,null,null,null,"VRA","Vrac",1," "," ",1," "," ",1,1," "," ",96.444000000000003,13.5,1301.9940000000001,1,"A1560","AA608015","FV"," "," "," "]
["3834000056463",5646,"HESPERALOE","parviflora",null,"25","10L",null,null,"50/70",null,null,null,null,"VRA","Vrac",1," "," ",1," "," ",1,1," "," ",148.148,13.5,1999.998,1,"A10405","AA405010","FV"," "," "," ","Notre Sélection"]
["3834000058368",5836,"CITRUS","sinensis Navelina","en fruits","30","15L",null,"1/2 tige",null,null,null,null,null,"VRA","Vrac",1," "," ",1," "," ",1,1," "," ",96.444000000000003,13.5,1301.9940000000001,1,"A1560752","AA607015A","FV"," "," "," ","Notre Sélection"]
["3834000058610",5861,"AGAVE","attenuata",null,"35","25L",null,null,null,null,null,null,null,"VRA","Vrac",1," "," ",1," "," ",1,1," "," ",48.148000000000003,13.5,649.99800000000005,1,"A25","AB25","FV"," "," "," "]
["3834000058375",5837,"WASHINGTONIA","robusta",null,"25","10L",null,"3 plantes","80/100",null,null,null,null,"VRA","Vrac",1," "," ",1," "," ",1,1," "," ",148.148,13.5,1999.998,1,"A1040","AA406010","FV"," "," "," "]
["3834000059495",5949,"AGAVE","angustifolia",null,"25","10L",null,null,null,null,null,null,null,"VRA","Vrac",1," "," ",1," "," ",1,1," "," ",148.148,13.5,1999.998,1,"A10","AA10","FV"," "," "," "]
["3834000058429",5842,"OLEA","europaea",null,"30","15L","Cipressino","pyramide","160/180",null,null,null,null,"VRA","Vrac",1," "," ",1," "," ",1,1," "," ",96.444000000000003,13.5,1301.9940000000001,1,"AC15140","ACA14016015","FV"," "," "," "]
["3834000059501",5950,"AGAVE","decipiens",null,"25","10L",null,null,null,null,null,null,null,"VRA","Vrac",1," "," ",1," "," ",1,1," "," ",148.148,13.5,1999.998,1,"A10","AA10","FV"," "," "," "]
["3834000056470",5647,"OLEA","europaea",null,"25","10L","Cipressino","touffe","60/80",null,null,null,null,"VRA","Vrac",1," "," ",1," "," ",1,1," "," ",148.148,13.5,1999.998,1,"A840","A40608","FV"," "," "," ","Notre Sélection"]
["3834000056487",5648,"OLEA","europaea","février","30","15L","Cipressino","touffe","80/100",null,null,null,null,"VRA","Vrac",1," "," ",1," "," ",1,1," "," ",96.444000000000003,13.5,1301.9940000000001,1,"A12","AA12","FV"," "," "," ","Notre Sélection"]
["3834000056494",5649,"OLEA","europaea",null,"25","10L","Cipressino","1/2 tige","6/8P",null,null,null,null,"VRA","Vrac",1," "," ",1," "," ",1,1," "," ",148.148,13.5,1999.998,1,"DC25810","DCB81025","FV"," "," "," ","Notre Sélection"]
["3834000056500",5650,"OLEA","europaea",null,"30","15L","Cipressino","1/2 tige","8/10P",null,null,null,null,"VRA","Vrac",1," "," ",1," "," ",1,1," "," ",96.444000000000003,13.5,1301.9940000000001,1,"DC251012","DCCB101225","FV"," "," "," ","Notre Sélection"]
["3834000056531",5653,"PITTOSPORUM","tobira Nana","février","25","10L",null,"touffe","30/40",null,null,null,null,"VRA","Vrac",1," "," ",1," "," ",1,1," "," ",148.148,13.5,1999.998,1,"A10405","AA405010","FV"," "," "," "]
["3834000066462",6646,"AGAVE","americana Variegata",null,"35","25L",null,null,null,null,null,null,null,"VRA","Vrac",1," "," ",1," "," ",1,1," "," ",48.148000000000003,13.5,649.99800000000005,1,"A25","AB25","FV"," "," "," "]
["3834000056555",5655,"POLYGALA","myrtifolia",null,"25","10L",null,"touffe","30/40",null,null,null,null,"VRA","Vrac",1," "," ",1," "," ",1,1," "," ",148.148,13.5,1999.998,1,"A10405","AA405010","FV"," "," "," ","Notre Sélection"]
["3834000056562",5656,"POLYGALA","myrtifolia","février","25","10L",null,"1/2 tige",null,null,null,null,null,"VRA","Vrac",1," "," ",1," "," ",1,1," "," ",148.148,13.5,1999.998,1,"A10405","AA405010","FV"," "," "," ","Notre Sélection"]
["3834000058627",5862,"CITRUS","pomelos Star ruby","en fruits","30","15L",null,"1/2 tige",null,null,null,null,null,"VRA","Vrac",1," "," ",1," "," ",1,1," "," ",96.444000000000003,13.5,1301.9940000000001,1,"A1560752","AA607015A","FV"," "," "," "]
["3834000058634",5863,"CITRUS","limequat","en fruits","30","15L",null,"1/2 tige",null,null,null,null,null,"VRA","Vrac",1," "," ",1," "," ",1,1," "," ",96.444000000000003,13.5,1301.9940000000001,1,"A1560752","AA607015A","FV"," "," "," ","Notre Sélection"]
["3834000058597",5859,"CHAMAEROPS","humilis",null,"30","15L",null,null,"70/90",null,null,null,null,"VRA","Vrac",1," "," ",1," "," ",1,1," "," ",61.110999999999997,13.5,824.99849999999992,1,"A15607","AA607015","FV"," "," "," ","Notre Sélection"]
["3834000056579",5657,"TEUCRIUM","fruticans",null,"25","10L",null,"touffe","40/50",null,null,null,null,"VRA","Vrac",1," "," ",1," "," ",1,1," "," ",148.148,13.5,1999.998,1,"A10405","AA405010","FV"," "," "," "]
["3834000062860",6286,"AGAVE","horrida",null,"35","25L",null,null,null,null,null,null,null,"VRA","Vrac",1," "," ",1," "," ",1,1," "," ",48.148000000000003,13.5,649.99800000000005,1,"A25","AB25","FV"," "," "," "]
["3834000062877",6287,"AGAVE","montana",null,"25","10L",null,null,null,null,null,null,null,"VRA","Vrac",1," "," ",1," "," ",1,1," "," ",148.148,13.5,1999.998,1,"A10","AA10","FV"," "," "," "]
["3834000062884",6288,"AGAVE","ovatifolia",null,"25","10L",null,null,null,null,null,null,null,"VRA","Vrac",1," "," ",1," "," ",1,1," "," ",148.148,13.5,1999.998,1,"A10","AA10","FV"," "," "," "]
["3834000056593",5659,"WASHINGTONIA","robusta",null,"25","10L",null,"1 plante","80/100",null,null,null,null,"VRA","Vrac",1," "," ",1," "," ",1,1," "," ",148.148,13.5,1999.998,1,"A10405","AA405010","FV"," "," "," ","Notre Sélection"]
["3834000056616",5661,"WESTRINGIA","fruticosa",null,"25","10L",null,"boule","50/60",null,null,null,null,"VRA","Vrac",1," "," ",1," "," ",1,1," "," ",148.148,13.5,1999.998,1,"A10405","AA405010","FV"," "," "," "]
["3834000056623",5662,"WESTRINGIA","longifolia",null,"25","10L",null,"boule","50/60",null,null,null,null,"VRA","Vrac",1," "," ",1," "," ",1,1," "," ",148.148,13.5,1999.998,1,"A10405","AA405010","FV"," "," "," "]
["3834000056654",5665,"TRACHYCARPUS","fortunei","février","25","10L",null,"3 plantes","40/60",null,null,null,null,"VRA","Vrac",1," "," ",1," "," ",1,1," "," ",148.148,13.5,1999.998,1,"A10405","AA405010","FV"," "," "," ","Notre Sélection"]
["3834000056661",5666,"TRACHYCARPUS","fortunei","février","20","5L",null,"3 plantes",null,null,null,null,null,"VRA","Vrac",1," "," ",1," "," ",1,1," "," ",322.22199999999998,13.5,4349.9969999999994,1,"A5","A5","FV"," "," "," "]
["3834000057545",5754,"AGAVE","mediopicta",null,"25","10L",null,null,null,null,null,null,null,"VRA","Vrac",1," "," ",1," "," ",1,1," "," ",148.148,13.5,1999.998,1,"A10","AA10","FV"," "," "," "]
["3834000057613",5761,"AGAVE","lechuguilla",null,"25","10L",null,null,null,null,null,null,null,"VRA","Vrac",1," "," ",1," "," ",1,1," "," ",148.148,13.5,1999.998,1,"A10","AA10","FV"," "," "," "]
["3834000057644",5764,"AGAVE","decipiens",null,"30","15L",null,null,null,null,null,null,null,"VRA","Vrac",1," "," ",1," "," ",1,1," "," ",96.444000000000003,13.5,1301.9940000000001,1,"A15","AA15","FV"," "," "," "]
["3834000057804",5780,"CITRUS","microcitrus",null,"25","10L",null,"1/2 tige",null,null,null,null,null,"VRA","Vrac",1," "," ",1," "," ",1,1," "," ",148.148,13.5,1999.998,1,"A10405","AA405010","FV"," "," "," "]
["3834000058856",5885,"CITRUS","lima bears",null,"30","15L","par 52 plantes ","1/2 tige",null,null,null,null,null,"VRA","Vrac",1," "," ",1," "," ",1,1," "," ",96.444000000000003,13.5,1301.9940000000001,1,"A15607","AA607015","FV"," "," "," ","Notre Sélection"]
["3834000058863",5886,"CITRUS","limequat","en fruits","30","15L","par 52 plantes ","1/2 tige",null,null,null,null,null,"VRA","Vrac",1," "," ",1," "," ",1,1," "," ",96.444000000000003,13.5,1301.9940000000001,1,"A15607","AA607015","FV"," "," "," ","Notre Sélection"]
["3834000058870",5887,"CITRUS","limon Eureka",null,"30","15L","par 52 plantes ","1/2 tige",null,null,null,null,null,"VRA","Vrac",1," "," ",1," "," ",1,1," "," ",96.444000000000003,13.5,1301.9940000000001,1,"A15607","AA607015","FV"," "," "," ","Notre Sélection"]
["3834000058887",5888,"CITRUS","mandarino Clemenules - nulessin",null,"30","15L","par 52 plantes ","1/2 tige",null,null,null,null,null,"VRA","Vrac",1," "," ",1," "," ",1,1," "," ",96.444000000000003,13.5,1301.9940000000001,1,"A15607","AA607015","FV"," "," "," ","Notre Sélection"]
["3834444458908",5890,"CITRUS","pomelos Star ruby","en fruits","30","15L","par 52 plantes ","1/2 tige",null,null,null,null,null,"VRA","Vrac",1," "," ",1," "," ",1,1," "," ",96.444000000000003,13.5,1301.9940000000001,1,"A15607","AA607015","FV"," "," "," "]
["3834000058917",5891,"CITRUS","sinensis Lane late","en fruits","30","15L","par 52 plantes ","1/2 tige",null,null,null,null,null,"VRA","Vrac",1," "," ",1," "," ",1,1," "," ",96.444000000000003,13.5,1301.9940000000001,1,"A15607","AA607015","FV"," "," "," ","Notre Sélection"]
["3834000058924",5892,"CITRUS","sinensis Navelina","en fruits","30","15L","par 52 plantes ","1/2 tige",null,null,null,null,null,"VRA","Vrac",1," "," ",1," "," ",1,1," "," ",96.444000000000003,13.5,1301.9940000000001,1,"A15607","AA607015","FV"," "," "," ","Notre Sélection"]
["3834000058931",5893,"CITRUS","sinensis Taroco rosso","en fruits","30","15L","par 52 plantes ","1/2 tige",null,null,null,null,null,"VRA","Vrac",1," "," ",1," "," ",1,1," "," ",96.444000000000003,13.5,1301.9940000000001,1,"A15607","AA607015","FV"," "," "," "]
["3834000058948",5894,"CITRUS","sinensis Valencia delta seedless","en fruits","30","15L","par 52 plantes ","1/2 tige",null,null,null,null,null,"VRA","Vrac",1," "," ",1," "," ",1,1," "," ",96.444000000000003,13.5,1301.9940000000001,1,"A15607","AA607015","FV"," "," "," "]
["0284000062842",6284,"OLEA","europaea","février","30","25L","Cipressino","1/2 tige","12/14P",null,null,null,null,"VRA","Vrac",1," "," ",1," "," ",1,1," "," ",60,13.5,810,1,"DC2512B","DCCC121425","FV"," "," "," "]
["3834000072029",7202,"AGAVE","tequilana",null,"25","10L",null,null,null,null,null,null,null,"VRA","Vrac",1," "," ",1," "," ",1,1," "," ",148.148,13.5,1999.998,1,"A10","AA10","FV"," "," "," "]
["3834000072500",7250,"AGAVE","attenuata",null,"25","10L",null,null,null,null,null,null,null,"VRA","Vrac",1," "," ",1," "," ",1,1," "," ",148.148,13.5,1999.998,1,"A10","AA10","FV"," "," "," "]
["3834000063294",6329,"CITRUS","lima bears",null,"35","25L",null,"1/2 tige",null,null,null,null,null,"VRA","Vrac",1," "," ",1," "," ",1,1," "," ",60,13.5,810,1,"A256070","AA607025","FV"," "," "," "]
["3834000063300",6330,"CITRUS","limequat",null,"35","25L",null,"1/2 tige",null,null,null,null,null,"VRA","Vrac",1," "," ",1," "," ",1,1," "," ",60,13.5,810,1,"A256070","AA607025","FV"," "," "," "]
["3834000066431",6643,"AGAVE","geminiflora",null,"25","10L",null,null,null,null,null,null,null,"VRA","Vrac",1," "," ",1," "," ",1,1," "," ",148.148,13.5,1999.998,1,"A10","AA10","FV"," "," "," ","Notre Sélection"]
["3834000063324",6332,"PISTACIA","lentiscus",null,"30","15L",null,"touffe","80/100",null,null,null,null,"VRA","Vrac",1," "," ",1," "," ",1,1," "," ",96.444000000000003,13.5,1301.9940000000001,1,"A12","AA12","FV"," "," "," "]
["3834000065519",6551,"AGAVE","americana Variegata",null,"25","10L",null,null,null,null,null,null,null,"VRA","Vrac",1," "," ",1," "," ",1,1," "," ",148.148,13.5,1999.998,1,"A10","AA10","FV"," "," "," ","Notre Sélection"]
["3834000072890",7289,"CORDYLINE","indivisa","février","25","10L",null,null,null,null,null,null,null,"VRA","Vrac",1," "," ",1," "," ",1,1," "," ",148.148,13.5,1999.998,1,"A10405","AA405010","FV"," "," "," "]
["3834000072906",7290,"GALVEZIA","","février","25","10L",null,"touffe",null,null,null,null,null,"VRA","Vrac",1," "," ",1," "," ",1,1," "," ",148.148,13.5,1999.998,1,"A10405","AA405010","FV"," "," "," "]
["3834000066110",6611,"OLEA","europaea",null,"25","10L","Cipressino","1/4 tige",null,null,null,null,null,"VRA","Vrac",1," "," ",1," "," ",1,1," "," ",148.148,13.5,1999.998,1,"DC1018","DCB10","FV"," "," "," ","Notre Sélection"]
["3834000071985",7198,"CITRUS","limon Eureka",null,"25","10L",null,"1/2 tige",null,null,null,null,null,"VRA","Vrac",1," "," ",1," "," ",1,1," "," ",148.148,13.5,1999.998,1,"A10405","AA405010","FV"," "," "," "]
["3834000071985",7199,"CITRUS","sinensis",null,"25","10L",null,"1/2 tige",null,null,null,null,null,"VRA","Vrac",1," "," ",1," "," ",1,1," "," ",148.148,13.5,1999.998,1,"A10405","AA405010","FV"," "," "," "]
["3834000072005",7200,"CITRUS","mandarino",null,"25","10L",null,"1/2 tige",null,null,null,null,null,"VRA","Vrac",1," "," ",1," "," ",1,1," "," ",148.148,13.5,1999.998,1,"A10405","AA405010","FV"," "," "," "]
["3834000058023",5802,"OLEA","europaea",null,null,"90L","Cipressino","pyramide","180/200",null,null,null,null,"VRA","Vrac",1," "," ",1," "," ",1,1," "," ",5.1849999999999996,13.5,69.997499999999988,1,"AC110300","AQCAB300350110","FV"," "," "," "]
["3834000071152",7115,"AGAVE","lophanta",null,"25","10L",null,null,null,null,null,null,null,"VRA","Vrac",1," "," ",1," "," ",1,1," "," ",148.148,13.5,1999.998,1,"A10","AA10","FV"," "," "," "]
["3834000071169",7116,"AGAVE","macroacantha Blue ribbon",null,"25","10L",null,null,null,null,null,null,null,"VRA","Vrac",1," "," ",1," "," ",1,1," "," ",148.148,13.5,1999.998,1,"A10","AA10","FV"," "," "," "]
["3834000071176",7117,"PUNICA","granatum",null,"30","25L",null,"1/2 tige","12/14P",null,null,null,null,"VRA","Vrac",1," "," ",1," "," ",1,1," "," ",60,13.5,810,1,"DC25101A","DCCC101225","FV"," "," "," "]
["3834000072159",7215,"ABELIA","grandiflora",null,"25","10L",null,"touffe","40/50",null,null,null,null,"VRA","Vrac",1," "," ",1," "," ",1,1," "," ",148.148,13.5,1999.998,1,"A10405","AA405010","FV"," "," "," "]
["3834000072166",7216,"CALLISTEMON","laevis",null,"25","10L",null,"touffe","50/60",null,null,null,null,"VRA","Vrac",1," "," ",1," "," ",1,1," "," ",148.148,13.5,1999.998,1,"A10405","AA405010","FV"," "," "," "]
["3834000072173",7217,"METROSIDEROS","excelsa",null,"25","10L",null,"touffe","40/50",null,null,null,null,"VRA","Vrac",1," "," ",1," "," ",1,1," "," ",148.148,13.5,1999.998,1,"A10405","AA405010","FV"," "," "," "]
["Total",null,null,null,null,null,null,null,null,null,null,null,null,null,null,null,null,null,null,null,null,null,null,null,null,null,null,null,null,null,null,null,null,null,null,null,{"$f":"SUBTOTAL(103,Tableau_Lancer_la_requête_à_partir_de_PALMACEA446245789101112[NOTRE_SELECTION])","v":30}]

{"sheet":"FV Tarif_GS","index":7,"n_rows":92,"n_cols":37,"rows_kept":92,"cut":false,"hidden":false,"merged":[[9,7,9,8],[7,11,7,34],[8,10,8,11],[8,12,8,34],[2,11,2,34],[3,11,3,34],[4,11,4,34],[5,10,5,34],[6,11,6,14],[6,16,6,34]]}
[null,null,null,null,null,null,null,"Retrouvez en italique Notre Sélection",null,null,"Fournisseur :","PM"]
[null,null,"Pascal HABAULT : acheteur / commercial"]
[null,null," Tél : 06 21 76 93 63",null,null,null,null,"Espagne",null,null,"TVA INTRA :"]
[null,null,"Isabelle NAULET : administratif / suivi commercial / logistique ",null,null,null,null,"PALMACEA vous propose en direct,  un grand choix de végétaux issu de ses producteurs",null,null,"Client :"]
[null,null," Tél : 06 23 38 03 49",null,null,null,null,"Prix départ, tarif transport sur demande",null,null,"Adresse :"]
[null,null,"Fax : 00 33 4 26 30 35 44"]
[null,null,"Mail : contact@palmacea.com",null,null,null,null,null,null,null,"Tél :",null,null,null,null,"Fax :"]
[null,null,null,null,null,null,null,null,null,null,"Mail :"]
[null,null,null,null,null,null,null,null,null,null,"Semaine de livraison :"]
["Code barre ","Code","Genre","Espèce Variété","Etat","Diam pot","Litrage","Présentation ",null,"Taille","Diam tête","HT total","Parcelle","Photo","Conditionnement","Conditionnement","Qte cond","Votre cde","Tarif départ ","Qte cond","Votre cde ","Tarif départ ","Nb cond","Qte cond total","Votre cde","Tarif départ ","Nb de cond ou plantes par ML","Metrage camion","Qte plt / camion","Cond / default","Code pour tri","pour tri","Initiale fournisseur","Montant Cde","PV TTC","Métrage"]
["CODE_BARRE","CODE","GENRE","ESPECE_VARIETE","ETAT","DIAM_POT","LITRAGE","PRESENTATION","PRESENTATION2","TAILLE","DIAM_TETE","HT_TOTAL","PARCELLE","IMAGE","CONDITION","CONDITION3","QTE_COND","VOTRE_CDE","VOTRE_CDE4","QTE_COND5","VOTRE_CDE6","VOTRE_CDE7","NB_COND","QTE_ROLL","VOTRE_CDE8","VOTRE_CDE9","NB_PLT_CAM","METRAGE_CAM","QTE_PLT_CAM","COND_DEF","CODE_TRI","TRI","INITIAL_FOURN","MONT_CDE","PVTTC","METRAGE","NOTRE_SELECTION"]
["3834000072180",7218,"CHAMAEROPS","humilis",null,"25","10L",null,null,"50/60",null,null,null,null,"VRA","Vrac",1," "," ",1," "," ",1,1," "," ",148.148,13.5,1999.998,1,"A10405","AA405010","FV"," "," "," "]
["3834000072197",7219,"NOLINA","nelsonii",null,"25","10L",null,null,"50/60",null,null,null,null,"VRA","Vrac",1," "," ",1," "," ",1,1," "," ",148.148,13.5,1999.998,1,"A10405","AA405010","FV"," "," "," "]
["3834000056401",5640,"DASYLIRION","longissimum",null,"25","10L",null,null,"50/70",null,null,null,null,"VRA","Vrac",1," "," ",1," "," ",1,1," "," ",148.148,13.5,1999.998,1,"A10405","AA405010","FV"," "," "," ","Notre Sélection"]
["3834000056418",5641,"DASYLIRION","serratifolia",null,"25","10L",null,null,"50/70",null,null,null,null,"VRA","Vrac",1," "," ",1," "," ",1,1," "," ",148.148,13.5,1999.998,1,"A10405","AA405010","FV"," "," "," ","Notre Sélection"]
["3834000056425",5642,"DASYLIRION","serratifolia",null,"30","15L",null,null,"80/100",null,null,null,null,"VRA","Vrac",1," "," ",1," "," ",1,1," "," ",96.444000000000003,13.5,1301.9940000000001,1,"A15607","AA607015","FV"," "," "," "]
["3834000056432",5643,"DASYLIRION","wheeleri",null,"25","10L",null,null,"50/70",null,null,null,null,"VRA","Vrac",1," "," ",1," "," ",1,1," "," ",148.148,13.5,1999.998,1,"A10405","AA405010","FV"," "," "," ","Notre Sélection"]
["3834000072012",7201,"PISTACIA","lentiscus",null,"25","10L",null,"touffe","50/70",null,null,null,null,"VRA","Vrac",1," "," ",1," "," ",1,1," "," ",148.148,13.5,1999.998,1,"A10405","AA405010","FV"," "," "," "]
["3834000072203",7220,"DASYLIRION","longifolia",null,"25","10L",null,null,"40/50",null,null,null,null,"VRA","Vrac",1," "," ",1," "," ",1,1," "," ",148.148,13.5,1999.998,1,"A10405","AA405010","FV"," "," "," "]
["3834000057958",5795,"CITRUS","kumquat","en fruits","25","10L",null,"1/2 tige",null,null,null,null,null,"VRA","Vrac",1," "," ",1," "," ",1,1," "," ",148.148,13.5,1999.998,1,"A10405","AA405010","FV"," "," "," ","Notre Sélection"]
["3834000057965",5796,"CITRUS","limon Eureka","en fruits","35","25L",null,"1/2 tige",null,null,null,null,null,"VRA","Vrac",1," "," ",1," "," ",1,1," "," ",60,13.5,810,1,"A256070","AA607025","FV"," "," "," "]
["3834000057972",5797,"CITRUS","sinensis","en fruits","35","25L",null,"1/2 tige",null,null,null,null,null,"VRA","Vrac",1," "," ",1," "," ",1,1," "," ",60,13.5,810,1,"A256070","AA607025","FV"," "," "," "]
["3834000058788",5878,"CITRUS","sinensis Lane late","en fruits","30","15L",null,"1/2 tige",null,null,null,null,null,"VRA","Vrac",1," "," ",1," "," ",1,1," "," ",96.444000000000003,13.5,1301.9940000000001,1,"A1560752","AA607015A","FV"," "," "," ","Notre Sélection"]
["3834000058795",5879,"CITRUS","sinensis Taroco rosso","en fruits","30","15L",null,"1/2 tige",null,null,null,null,null,"VRA","Vrac",1," "," ",1," "," ",1,1," "," ",96.444000000000003,13.5,1301.9940000000001,1,"A1560752","AA607015A","FV"," "," "," "]
["3834000058801",5880,"CITRUS","sinensis Valencia delta seedless","en fruits","30","15L",null,"1/2 tige",null,null,null,null,null,"VRA","Vrac",1," "," ",1," "," ",1,1," "," ",96.444000000000003,13.5,1301.9940000000001,1,"A1560752","AA607015A","FV"," "," "," "]
["3834000058603",5860,"OLEA","europaea","février","30","15L","Cipressino","1/4 tige bola","12/14P",null,null,null,null,"VRA","Vrac",1," "," ",1," "," ",1,1," "," ",96.444000000000003,13.5,1301.9940000000001,1,"DC15B","DCE15","FV"," "," "," ","Notre Sélection"]
["3834000058337",5833,"CITRUS","lima bears",null,"30","15L",null,"1/2 tige",null,null,null,null,null,"VRA","Vrac",1," "," ",1," "," ",1,1," "," ",96.444000000000003,13.5,1301.9940000000001,1,"A1560752","AA607015A","FV"," "," "," ","Notre Sélection"]
["3834000058344",5834,"CITRUS","limon Eureka",null,"30","15L",null,"1/2 tige",null,null,null,null,null,"VRA","Vrac",1," "," ",1," "," ",1,1," "," ",96.444000000000003,13.5,1301.9940000000001,1,"A1560752","AA607015A","FV"," "," "," ","Notre Sélection"]
["3834000058351",5835,"CITRUS","mandarino Clemenules - nulessin",null,"30","15L",null,"1/2 tige",null,null,null,null,null,"VRA","Vrac",1," "," ",1," "," ",1,1," "," ",96.444000000000003,13.5,1301.9940000000001,1,"A1560752","AA607015A","FV"," "," "," ","Notre Sélection"]
["3834000056456",5645,"PUNICA","granatum",null,"30","15L",null,"1/2 tige","10/12P",null,null,null,null,"VRA","Vrac",1," "," ",1," "," ",1,1," "," ",96.444000000000003,13.5,1301.9940000000001,1,"A1560","AA608015","FV"," "," "," "]
["3834000056463",5646,"HESPERALOE","parviflora",null,"25","10L",null,null,"50/70",null,null,null,null,"VRA","Vrac",1," "," ",1," "," ",1,1," "," ",148.148,13.5,1999.998,1,"A10405","AA405010","FV"," "," "," ","Notre Sélection"]
["3834000058368",5836,"CITRUS","sinensis Navelina","en fruits","30","15L",null,"1/2 tige",null,null,null,null,null,"VRA","Vrac",1," "," ",1," "," ",1,1," "," ",96.444000000000003,13.5,1301.9940000000001,1,"A1560752","AA607015A","FV"," "," "," ","Notre Sélection"]
["3834000058610",5861,"AGAVE","attenuata",null,"35","25L",null,null,null,null,null,null,null,"VRA","Vrac",1," "," ",1," "," ",1,1," "," ",48.148000000000003,13.5,649.99800000000005,1,"A25","AB25","FV"," "," "," "]
["3834000058375",5837,"WASHINGTONIA","robusta",null,"25","10L",null,"3 plantes","80/100",null,null,null,null,"VRA","Vrac",1," "," ",1," "," ",1,1," "," ",148.148,13.5,1999.998,1,"A1040","AA406010","FV"," "," "," "]
["3834000059495",5949,"AGAVE","angustifolia",null,"25","10L",null,null,null,null,null,null,null,"VRA","Vrac",1," "," ",1," "," ",1,1," "," ",148.148,13.5,1999.998,1,"A10","AA10","FV"," "," "," "]
["3834000058429",5842,"OLEA","europaea",null,"30","15L","Cipressino","pyramide","160/180",null,null,null,null,"VRA","Vrac",1," "," ",1," "," ",1,1," "," ",96.444000000000003,13.5,1301.9940000000001,1,"AC15140","ACA14016015","FV"," "," "," "]
["3834000059501",5950,"AGAVE","decipiens",null,"25","10L",null,null,null,null,null,null,null,"VRA","Vrac",1," "," ",1," "," ",1,1," "," ",148.148,13.5,1999.998,1,"A10","AA10","FV"," "," "," "]
["3834000056470",5647,"OLEA","europaea",null,"25","10L","Cipressino","touffe","60/80",null,null,null,null,"VRA","Vrac",1," "," ",1," "," ",1,1," "," ",148.148,13.5,1999.998,1,"A840","A40608","FV"," "," "," ","Notre Sélection"]
["3834000056487",5648,"OLEA","europaea","février","30","15L","Cipressino","touffe","80/100",null,null,null,null,"VRA","Vrac",1," "," ",1," "," ",1,1," "," ",96.444000000000003,13.5,1301.9940000000001,1,"A12","AA12","FV"," "," "," ","Notre Sélection"]
["3834000056494",5649,"OLEA","europaea",null,"25","10L","Cipressino","1/2 tige","6/8P",null,null,null,null,"VRA","Vrac",1," "," ",1," "," ",1,1," "," ",148.148,13.5,1999.998,1,"DC25810","DCB81025","FV"," "," "," ","Notre Sélection"]
["3834000056500",5650,"OLEA","europaea",null,"30","15L","Cipressino","1/2 tige","8/10P",null,null,null,null,"VRA","Vrac",1," "," ",1," "," ",1,1," "," ",96.444000000000003,13.5,1301.9940000000001,1,"DC251012","DCCB101225","FV"," "," "," ","Notre Sélection"]
["3834000056531",5653,"PITTOSPORUM","tobira Nana","février","25","10L",null,"touffe","30/40",null,null,null,null,"VRA","Vrac",1," "," ",1," "," ",1,1," "," ",148.148,13.5,1999.998,1,"A10405","AA405010","FV"," "," "," "]
["3834000066462",6646,"AGAVE","americana Variegata",null,"35","25L",null,null,null,null,null,null,null,"VRA","Vrac",1," "," ",1," "," ",1,1," "," ",48.148000000000003,13.5,649.99800000000005,1,"A25","AB25","FV"," "," "," "]
["3834000056555",5655,"POLYGALA","myrtifolia",null,"25","10L",null,"touffe","30/40",null,null,null,null,"VRA","Vrac",1," "," ",1," "," ",1,1," "," ",148.148,13.5,1999.998,1,"A10405","AA405010","FV"," "," "," ","Notre Sélection"]
["3834000056562",5656,"POLYGALA","myrtifolia","février","25","10L",null,"1/2 tige",null,null,null,null,null,"VRA","Vrac",1," "," ",1," "," ",1,1," "," ",148.148,13.5,1999.998,1,"A10405","AA405010","FV"," "," "," ","Notre Sélection"]
["3834000058627",5862,"CITRUS","pomelos Star ruby","en fruits","30","15L",null,"1/2 tige",null,null,null,null,null,"VRA","Vrac",1," "," ",1," "," ",1,1," "," ",96.444000000000003,13.5,1301.9940000000001,1,"A1560752","AA607015A","FV"," "," "," "]
["3834000058634",5863,"CITRUS","limequat","en fruits","30","15L",null,"1/2 tige",null,null,null,null,null,"VRA","Vrac",1," "," ",1," "," ",1,1," "," ",96.444000000000003,13.5,1301.9940000000001,1,"A1560752","AA607015A","FV"," "," "," ","Notre Sélection"]
["3834000058597",5859,"CHAMAEROPS","humilis",null,"30","15L",null,null,"70/90",null,null,null,null,"VRA","Vrac",1," "," ",1," "," ",1,1," "," ",61.110999999999997,13.5,824.99849999999992,1,"A15607","AA607015","FV"," "," "," ","Notre Sélection"]
["3834000056579",5657,"TEUCRIUM","fruticans",null,"25","10L",null,"touffe","40/50",null,null,null,null,"VRA","Vrac",1," "," ",1," "," ",1,1," "," ",148.148,13.5,1999.998,1,"A10405","AA405010","FV"," "," "," "]
["3834000062860",6286,"AGAVE","horrida",null,"35","25L",null,null,null,null,null,null,null,"VRA","Vrac",1," "," ",1," "," ",1,1," "," ",48.148000000000003,13.5,649.99800000000005,1,"A25","AB25","FV"," "," "," "]
["3834000062877",6287,"AGAVE","montana",null,"25","10L",null,null,null,null,null,null,null,"VRA","Vrac",1," "," ",1," "," ",1,1," "," ",148.148,13.5,1999.998,1,"A10","AA10","FV"," "," "," "]
["3834000062884",6288,"AGAVE","ovatifolia",null,"25","10L",null,null,null,null,null,null,null,"VRA","Vrac",1," "," ",1," "," ",1,1," "," ",148.148,13.5,1999.998,1,"A10","AA10","FV"," "," "," "]
["3834000056593",5659,"WASHINGTONIA","robusta",null,"25","10L",null,"1 plante","80/100",null,null,null,null,"VRA","Vrac",1," "," ",1," "," ",1,1," "," ",148.148,13.5,1999.998,1,"A10405","AA405010","FV"," "," "," ","Notre Sélection"]
["3834000056616",5661,"WESTRINGIA","fruticosa",null,"25","10L",null,"boule","50/60",null,null,null,null,"VRA","Vrac",1," "," ",1," "," ",1,1," "," ",148.148,13.5,1999.998,1,"A10405","AA405010","FV"," "," "," "]
["3834000056623",5662,"WESTRINGIA","longifolia",null,"25","10L",null,"boule","50/60",null,null,null,null,"VRA","Vrac",1," "," ",1," "," ",1,1," "," ",148.148,13.5,1999.998,1,"A10405","AA405010","FV"," "," "," "]
["3834000056654",5665,"TRACHYCARPUS","fortunei","février","25","10L",null,"3 plantes","40/60",null,null,null,null,"VRA","Vrac",1," "," ",1," "," ",1,1," "," ",148.148,13.5,1999.998,1,"A10405","AA405010","FV"," "," "," ","Notre Sélection"]
["3834000056661",5666,"TRACHYCARPUS","fortunei","février","20","5L",null,"3 plantes",null,null,null,null,null,"VRA","Vrac",1," "," ",1," "," ",1,1," "," ",322.22199999999998,13.5,4349.9969999999994,1,"A5","A5","FV"," "," "," "]
["3834000057545",5754,"AGAVE","mediopicta",null,"25","10L",null,null,null,null,null,null,null,"VRA","Vrac",1," "," ",1," "," ",1,1," "," ",148.148,13.5,1999.998,1,"A10","AA10","FV"," "," "," "]
["3834000057613",5761,"AGAVE","lechuguilla",null,"25","10L",null,null,null,null,null,null,null,"VRA","Vrac",1," "," ",1," "," ",1,1," "," ",148.148,13.5,1999.998,1,"A10","AA10","FV"," "," "," "]
["3834000057644",5764,"AGAVE","decipiens",null,"30","15L",null,null,null,null,null,null,null,"VRA","Vrac",1," "," ",1," "," ",1,1," "," ",96.444000000000003,13.5,1301.9940000000001,1,"A15","AA15","FV"," "," "," "]
["3834000057804",5780,"CITRUS","microcitrus",null,"25","10L",null,"1/2 tige",null,null,null,null,null,"VRA","Vrac",1," "," ",1," "," ",1,1," "," ",148.148,13.5,1999.998,1,"A10405","AA405010","FV"," "," "," "]
["3834000058856",5885,"CITRUS","lima bears",null,"30","15L","par 52 plantes ","1/2 tige",null,null,null,null,null,"VRA","Vrac",1," "," ",1," "," ",1,1," "," ",96.444000000000003,13.5,1301.9940000000001,1,"A15607","AA607015","FV"," "," "," ","Notre Sélection"]
["3834000058863",5886,"CITRUS","limequat","en fruits","30","15L","par 52 plantes ","1/2 tige",null,null,null,null,null,"VRA","Vrac",1," "," ",1," "," ",1,1," "," ",96.444000000000003,13.5,1301.9940000000001,1,"A15607","AA607015","FV"," "," "," ","Notre Sélection"]
["3834000058870",5887,"CITRUS","limon Eureka",null,"30","15L","par 52 plantes ","1/2 tige",null,null,null,null,null,"VRA","Vrac",1," "," ",1," "," ",1,1," "," ",96.444000000000003,13.5,1301.9940000000001,1,"A15607","AA607015","FV"," "," "," ","Notre Sélection"]
["3834000058887",5888,"CITRUS","mandarino Clemenules - nulessin",null,"30","15L","par 52 plantes ","1/2 tige",null,null,null,null,null,"VRA","Vrac",1," "," ",1," "," ",1,1," "," ",96.444000000000003,13.5,1301.9940000000001,1,"A15607","AA607015","FV"," "," "," ","Notre Sélection"]
["3834444458908",5890,"CITRUS","pomelos Star ruby","en fruits","30","15L","par 52 plantes ","1/2 tige",null,null,null,null,null,"VRA","Vrac",1," "," ",1," "," ",1,1," "," ",96.444000000000003,13.5,1301.9940000000001,1,"A15607","AA607015","FV"," "," "," "]
["3834000058917",5891,"CITRUS","sinensis Lane late","en fruits","30","15L","par 52 plantes ","1/2 tige",null,null,null,null,null,"VRA","Vrac",1," "," ",1," "," ",1,1," "," ",96.444000000000003,13.5,1301.9940000000001,1,"A15607","AA607015","FV"," "," "," ","Notre Sélection"]
["3834000058924",5892,"CITRUS","sinensis Navelina","en fruits","30","15L","par 52 plantes ","1/2 tige",null,null,null,null,null,"VRA","Vrac",1," "," ",1," "," ",1,1," "," ",96.444000000000003,13.5,1301.9940000000001,1,"A15607","AA607015","FV"," "," "," ","Notre Sélection"]
["3834000058931",5893,"CITRUS","sinensis Taroco rosso","en fruits","30","15L","par 52 plantes ","1/2 tige",null,null,null,null,null,"VRA","Vrac",1," "," ",1," "," ",1,1," "," ",96.444000000000003,13.5,1301.9940000000001,1,"A15607","AA607015","FV"," "," "," "]
["3834000058948",5894,"CITRUS","sinensis Valencia delta seedless","en fruits","30","15L","par 52 plantes ","1/2 tige",null,null,null,null,null,"VRA","Vrac",1," "," ",1," "," ",1,1," "," ",96.444000000000003,13.5,1301.9940000000001,1,"A15607","AA607015","FV"," "," "," "]
["0284000062842",6284,"OLEA","europaea","février","30","25L","Cipressino","1/2 tige","12/14P",null,null,null,null,"VRA","Vrac",1," "," ",1," "," ",1,1," "," ",60,13.5,810,1,"DC2512B","DCCC121425","FV"," "," "," "]
["3834000072029",7202,"AGAVE","tequilana",null,"25","10L",null,null,null,null,null,null,null,"VRA","Vrac",1," "," ",1," "," ",1,1," "," ",148.148,13.5,1999.998,1,"A10","AA10","FV"," "," "," "]
["3834000072500",7250,"AGAVE","attenuata",null,"25","10L",null,null,null,null,null,null,null,"VRA","Vrac",1," "," ",1," "," ",1,1," "," ",148.148,13.5,1999.998,1,"A10","AA10","FV"," "," "," "]
["3834000063294",6329,"CITRUS","lima bears",null,"35","25L",null,"1/2 tige",null,null,null,null,null,"VRA","Vrac",1," "," ",1," "," ",1,1," "," ",60,13.5,810,1,"A256070","AA607025","FV"," "," "," "]
["3834000063300",6330,"CITRUS","limequat",null,"35","25L",null,"1/2 tige",null,null,null,null,null,"VRA","Vrac",1," "," ",1," "," ",1,1," "," ",60,13.5,810,1,"A256070","AA607025","FV"," "," "," "]
["3834000066431",6643,"AGAVE","geminiflora",null,"25","10L",null,null,null,null,null,null,null,"VRA","Vrac",1," "," ",1," "," ",1,1," "," ",148.148,13.5,1999.998,1,"A10","AA10","FV"," "," "," ","Notre Sélection"]
["3834000063324",6332,"PISTACIA","lentiscus",null,"30","15L",null,"touffe","80/100",null,null,null,null,"VRA","Vrac",1," "," ",1," "," ",1,1," "," ",96.444000000000003,13.5,1301.9940000000001,1,"A12","AA12","FV"," "," "," "]
["3834000065519",6551,"AGAVE","americana Variegata",null,"25","10L",null,null,null,null,null,null,null,"VRA","Vrac",1," "," ",1," "," ",1,1," "," ",148.148,13.5,1999.998,1,"A10","AA10","FV"," "," "," ","Notre Sélection"]
["3834000072890",7289,"CORDYLINE","indivisa","février","25","10L",null,null,null,null,null,null,null,"VRA","Vrac",1," "," ",1," "," ",1,1," "," ",148.148,13.5,1999.998,1,"A10405","AA405010","FV"," "," "," "]
["3834000072906",7290,"GALVEZIA","","février","25","10L",null,"touffe",null,null,null,null,null,"VRA","Vrac",1," "," ",1," "," ",1,1," "," ",148.148,13.5,1999.998,1,"A10405","AA405010","FV"," "," "," "]
["3834000066110",6611,"OLEA","europaea",null,"25","10L","Cipressino","1/4 tige",null,null,null,null,null,"VRA","Vrac",1," "," ",1," "," ",1,1," "," ",148.148,13.5,1999.998,1,"DC1018","DCB10","FV"," "," "," ","Notre Sélection"]
["3834000071985",7198,"CITRUS","limon Eureka",null,"25","10L",null,"1/2 tige",null,null,null,null,null,"VRA","Vrac",1," "," ",1," "," ",1,1," "," ",148.148,13.5,1999.998,1,"A10405","AA405010","FV"," "," "," "]
["3834000071985",7199,"CITRUS","sinensis",null,"25","10L",null,"1/2 tige",null,null,null,null,null,"VRA","Vrac",1," "," ",1," "," ",1,1," "," ",148.148,13.5,1999.998,1,"A10405","AA405010","FV"," "," "," "]
["3834000072005",7200,"CITRUS","mandarino",null,"25","10L",null,"1/2 tige",null,null,null,null,null,"VRA","Vrac",1," "," ",1," "," ",1,1," "," ",148.148,13.5,1999.998,1,"A10405","AA405010","FV"," "," "," "]
["3834000058023",5802,"OLEA","europaea",null,null,"90L","Cipressino","pyramide","180/200",null,null,null,null,"VRA","Vrac",1," "," ",1," "," ",1,1," "," ",5.1849999999999996,13.5,69.997499999999988,1,"AC110300","AQCAB300350110","FV"," "," "," "]
["3834000071152",7115,"AGAVE","lophanta",null,"25","10L",null,null,null,null,null,null,null,"VRA","Vrac",1," "," ",1," "," ",1,1," "," ",148.148,13.5,1999.998,1,"A10","AA10","FV"," "," "," "]
["3834000071169",7116,"AGAVE","macroacantha Blue ribbon",null,"25","10L",null,null,null,null,null,null,null,"VRA","Vrac",1," "," ",1," "," ",1,1," "," ",148.148,13.5,1999.998,1,"A10","AA10","FV"," "," "," "]
["3834000071176",7117,"PUNICA","granatum",null,"30","25L",null,"1/2 tige","12/14P",null,null,null,null,"VRA","Vrac",1," "," ",1," "," ",1,1," "," ",60,13.5,810,1,"DC25101A","DCCC101225","FV"," "," "," "]
["3834000072159",7215,"ABELIA","grandiflora",null,"25","10L",null,"touffe","40/50",null,null,null,null,"VRA","Vrac",1," "," ",1," "," ",1,1," "," ",148.148,13.5,1999.998,1,"A10405","AA405010","FV"," "," "," "]
["3834000072166",7216,"CALLISTEMON","laevis",null,"25","10L",null,"touffe","50/60",null,null,null,null,"VRA","Vrac",1," "," ",1," "," ",1,1," "," ",148.148,13.5,1999.998,1,"A10405","AA405010","FV"," "," "," "]
["3834000072173",7217,"METROSIDEROS","excelsa",null,"25","10L",null,"touffe","40/50",null,null,null,null,"VRA","Vrac",1," "," ",1," "," ",1,1," "," ",148.148,13.5,1999.998,1,"A10405","AA405010","FV"," "," "," "]
["Total",null,null,null,null,null,null,null,null,null,null,null,null,null,null,null,null,null,null,null,null,null,null,null,null,null,null,null,null,null,null,null,null,null,null,null,{"$f":"SUBTOTAL(103,Tableau_Lancer_la_requête_à_partir_de_PALMACEA44624578910111213[NOTRE_SELECTION])","v":30}]

{"sheet":"Données commerciales","index":8,"n_rows":34,"n_cols":36,"rows_kept":34,"cut":false,"hidden":false,"merged":[[29,7,29,8],[33,7,33,8]]}
[]
[]
[null,null,null,null,null,null,"Retrouvez en italique Notre Sélection"]
[]
[null,null,null,null,null,null,null,null,null,null,"Fournisseur :",{"$f":"'FV Tarif_T3'!AG11","v":"FV"}]
[null,null,"Pascal HABAULT : acheteur / commercial",null,null,null,null,null,null,null,"Code fournisseur :"]
[null,null," Tél : 06 21 76 93 63",null,null,null,"Sicile",null,null,null,"TVA INTRA :"]
[null,null,"Isabelle NAULET : administratif / suivi commercial / logistique ",null,null,null,"Tarif départ 6 rolls minimum ",null,null,null,"Client :"]
[null,null," Tél : 06 23 38 03 49",null,null,null,"Tarif transport sur demande",null,null,null,"Adresse :"]
[null,null,"Fax : 00 33 4 26 30 35 44"]
[null,null,"Mail : contact@palmacea.com",null,null,null,"Espagne",null,null,null,"Tél :",null,null,"Fax :"]
[null,null,null,null,null,null,"Tarif départ 5 conditionnements minimum ",null,null,null,"Mail :"]
[null,null,null,null,null,null,"Tarif transport sur demande",null,null,null,"Semaine de livraison :"]
[]
[null,null,null,null,null,null,"Espagne"]
[null,null,null,null,null,null,"PALMACEA vous propose en direct,  un grand choix de végétaux issu de ses producteurs"]
[null,null,null,null,null,null,"Prix départ, tarif transport sur demande"]
[]
[]
[null,null,null,null,null,null,"Espagne"]
[null,null,null,null,null,null,"Tarif franco"]
[null,null,null,null,null,null," 5 conditionnements minimum ou vrac 2500.00 euros "]
[]
[null,null,null,null,null,null,"Sicile"]
[null,null,null,null,null,null,"Tarif franco"]
[null,null,null,null,null,null,"6 rolls minimum"]
[]
[null,null,null,null,null,null,"Galerie photos"]
["LIBELLES POUR FOURNS"]
["Code barre ","Code","Genre","Espèce Variété","Etat","Diam pot","Litrage","Présentation ",null,"Taille","Diam tête","HT total","Parcelle","Photo","Conditionnement","Conditionnement","Qte cond","Votre cde","Tarif départ ","Qte cond","Votre cde ","Tarif départ ","Nb cond","Qte cond total","Votre cde","Tarif départ ","Nb de cond ou plantes par ML","Metrage camion","Qte plt / camion","Cond / default","Code pour tri","pour tri","Initiale fournisseur","Montant Cde","PV TTC","Métrage"]
["LIBELLES POUR TARIF T3"]
[null,null,null,null,null,null,null,null,null,null,null,null,null,null,null,null,null,null,null,null,null,"Nb étages ","Qte Roll","Tarif départ PR","Votre cde","Tarif départ "]
["LIBELLES POUR AG"]
["Code barre ","Code","Genre","Espèce Variété","Etat","Diam pot","Litrage","Présentation ",null,"Taille","Diam tête","HT total","Parcelle","Marquage","Conditionnement","Conditionnement","Qte / étage","Votre cde mixte","Tarif départ mixte","Qte étage non modifiable","Votre cde par étage","Tarif départ étage ","Nb étages ","Qte Roll","Qté cde par Roll complet","Tarif départ Roll complet","Nb de cond ou plantes par ML","Metrage camion","Qte plt / camion","Cond / default","Code pour tri","pour tri","Initiale fournisseur","Montant Cde","PV TTC","Métrage"]